Statistics for All the non-passerine birds

Click here to take the quiz!

General Stats

  • This quiz has been taken 6 times
  • The average score is 233 of 4335

Answer Stats

English nameScientific name% Correct
Barnacle GooseBranta leucopsis
100%
Barn OwlTyto alba
100%
Canada GooseBranta canadensis
100%
MallardAnas platyrhynchos
100%
Ruddy DuckOxyura jamaicensis
100%
African PenguinSpheniscus demersus
67%
American Black DuckAnas rubripes
67%
American CootFulica americana
67%
Andean CondorVultur gryphus
67%
AnhingaAnhinga anhinga
67%
Arctic TernSterna paradisaea
67%
Barred OwlStrix varia
67%
Barrow's GoldeneyeBucephala islandica
67%
Black-crowned Night-HeronNycticorax nycticorax
67%
Black GuillemotCepphus grylle
67%
Black SwanCygnus atratus
67%
Blue-footed BoobySula nebouxii
67%
Blue-winged TealSpatula discors
67%
BrantBranta bernicla
67%
BuffleheadBucephala albeola
67%
California CondorGymnogyps californianus
67%
Cattle EgretBubulcus ibis
67%
Cinnamon TealSpatula cyanoptera
67%
Common GallinuleGallinula galeata
67%
Common GoldeneyeBucephala clangula
67%
Common LoonGavia immer
67%
Common MerganserMergus merganser
67%
Common MurreUria aalge
67%
Common OstrichStruthio camelus
67%
Common TernSterna hirundo
67%
Double-crested CormorantPhalacrocorax auritus
67%
Emperor PenguinAptenodytes forsteri
67%
EmuDromaius novaehollandiae
67%
Gentoo PenguinPygoscelis papua
67%
Golden EagleAquila chrysaetos
67%
Golden PheasantChrysolophus pictus
67%
Gray HeronArdea cinerea
67%
Great Blue HeronArdea herodias
67%
Great CormorantPhalacrocorax carbo
67%
Great Crested GrebePodiceps cristatus
67%
Great EgretArdea alba
67%
Greater RheaRhea americana
67%
Greater ScaupAythya marila
67%
Green HeronButorides virescens
67%
Green-winged TealAnas crecca
67%
Hooded MerganserLophodytes cucullatus
67%
Humboldt PenguinSpheniscus humboldti
67%
Indian PeafowlPavo cristatus
67%
King PenguinAptenodytes patagonicus
67%
King VultureSarcoramphus papa
67%
Lesser RheaRhea pennata
67%
Lesser ScaupAythya affinis
67%
Little EgretEgretta garzetta
67%
Little OwlAthene noctua
67%
Little TinamouCrypturellus soui
67%
Mute SwanCygnus olor
67%
Northern PintailAnas acuta
67%
North Island Brown KiwiApteryx mantelli
67%
Pacific LoonGavia pacifica
67%
Pigeon GuillemotCepphus columba
67%
Pink-footed GooseAnser brachyrhynchus
67%
RazorbillAlca torda
67%
Red-breasted MerganserMergus serrator
67%
RedheadAythya americana
67%
Ring-necked PheasantPhasianus colchicus
67%
Roseate SpoonbillPlatalea ajaja
67%
Roseate TernSterna dougallii
67%
Ross's GooseAnser rossii
67%
RuffCalidris pugnax
67%
SmewMergellus albellus
67%
Snow GooseAnser caerulescens
67%
Snowy OwlBubo scandiacus
67%
Somali OstrichStruthio molybdophanes
67%
SoraPorzana carolina
67%
Tricolored HeronEgretta tricolor
67%
Trumpeter SwanCygnus buccinator
67%
Virginia RailRallus limicola
67%
Wandering AlbatrossDiomedea exulans
67%
Wood DuckAix sponsa
67%
Yellow-crowned Night-HeronNyctanassa violacea
67%
Yellow-legged TinamouCrypturellus noctivagus
67%
Abbott's BoobyPapasula abbotti
33%
Adelie PenguinPygoscelis adeliae
33%
African Black DuckAnas sparsa
33%
African FinfootPodica senegalensis
33%
African Fish-EagleHaliaeetus vocifer
33%
African HobbyFalco cuvierii
33%
African JacanaActophilornis africanus
33%
African OpenbillAnastomus lamelligerus
33%
African Pygmy-GooseNettapus auritus
33%
African Sacred IbisThreskiornis aethiopicus
33%
African SkimmerRynchops flavirostris
33%
African SpoonbillPlatalea alba
33%
Agami HeronAgamia agami
33%
American AvocetRecurvirostra americana
33%
American BitternBotaurus lentiginosus
33%
American FlamingoPhoenicopterus ruber
33%
American KestrelFalco sparverius
33%
American OystercatcherHaematopus palliatus
33%
American White PelicanPelecanus erythrorhynchos
33%
American WigeonMareca americana
33%
American WoodcockScolopax minor
33%
Andean AvocetRecurvirostra andina
33%
Andean DuckOxyura ferruginea
33%
Andean FlamingoPhoenicoparrus andinus
33%
Andean GooseOressochen melanopterus
33%
Andean GullChroicocephalus serranus
33%
Andean LapwingVanellus resplendens
33%
Andean TinamouNothoprocta pentlandii
33%
Antarctic TernSterna vittata
33%
Arabian BustardArdeotis arabs
33%
Arabian PartridgeAlectoris melanocephala
33%
Arctic LoonGavia arctica
33%
Armenian GullLarus armenicus
33%
Ashy-headed GooseChloephaga poliocephala
33%
Asian OpenbillAnastomus oscitans
33%
Atlantic PuffinFratercula arctica
33%
Australasian DarterAnhinga novaehollandiae
33%
Australasian GannetMorus serrator
33%
Australian BrushturkeyAlectura lathami
33%
Australian ShovelerSpatula rhynchotis
33%
Baer's PochardAythya baeri
33%
Baikal TealSibirionetta formosa
33%
Bald EagleHaliaeetus leucocephalus
33%
Bare-faced IbisPhimosus infuscatus
33%
Bare-throated Tiger-HeronTigrisoma mexicanum
33%
Bar-headed GooseAnser indicus
33%
Bearded GuanPenelope barbata
33%
Bee HummingbirdMellisuga helenae
33%
Belted KingfisherMegaceryle alcyon
33%
Bengal FloricanHoubaropsis bengalensis
33%
BesraAccipiter virgatus
33%
Black-and-white Hawk-EagleSpizaetus melanoleucus
33%
Black-and-white OwlCiccaba nigrolineata
33%
Black-bellied Whistling-DuckDendrocygna autumnalis
33%
Black-billed CapercaillieTetrao urogalloides
33%
Black-chested Buzzard-EagleGeranoaetus melanoleucus
33%
Black Crowned-CraneBalearica pavonina
33%
Black-faced IbisTheristicus melanopis
33%
Black-faced SpoonbillPlatalea minor
33%
Black-footed AlbatrossPhoebastria nigripes
33%
Black FrancolinFrancolinus francolinus
33%
Black-fronted Piping-GuanPipile jacutinga
33%
Black GrouseTetrao tetrix
33%
Black-headed DuckHeteronetta atricapilla
33%
Black-headed IbisThreskiornis melanocephalus
33%
Black HeronEgretta ardesiaca
33%
Black KiteMilvus migrans
33%
Black-legged KittiwakeRissa tridactyla
33%
Black-legged SeriemaChunga burmeisteri
33%
Black-necked CraneGrus nigricollis
33%
Black-necked StiltHimantopus mexicanus
33%
Black-necked StorkEphippiorhynchus asiaticus
33%
Black-necked SwanCygnus melancoryphus
33%
Black NoddyAnous minutus
33%
Black SkimmerRynchops niger
33%
Black StorkCiconia nigra
33%
Black TernChlidonias niger
33%
Black VultureCoragyps atratus
33%
Black-winged StiltHimantopus himantopus
33%
Blood PheasantIthaginis cruentus
33%
Blue-billed CurassowCrax alberti
33%
Blue-billed DuckOxyura australis
33%
Blue CraneAnthropoides paradiseus
33%
Blue DuckHymenolaimus malacorhynchos
33%
Blue-throated Piping-GuanPipile cumanensis
33%
Blue-winged GooseCyanochen cyanoptera
33%
Boat-billed HeronCochlearius cochlearius
33%
Bonaparte's GullChroicocephalus philadelphia
33%
Boreal OwlAegolius funereus
33%
Brahminy KiteHaliastur indus
33%
Brazilian MerganserMergus octosetaceus
33%
Brazilian TealAmazonetta brasiliensis
33%
Broad-winged HawkButeo platypterus
33%
BrolgaAntigone rubicunda
33%
Brown BoobySula leucogaster
33%
Brown PelicanPelecanus occidentalis
33%
Brown TealAnas chlorotis
33%
Brown TinamouCrypturellus obsoletus
33%
Brown Wood-OwlStrix leptogrammica
33%
Buff-crested BustardEupodotis gindiana
33%
Buff-fronted OwlAegolius harrisii
33%
Buller's AlbatrossThalassarche bulleri
33%
Burrowing OwlAthene cunicularia
33%
Cabot's TragopanTragopan caboti
33%
Cackling GooseBranta hutchinsii
33%
California QuailCallipepla californica
33%
CanvasbackAythya valisineria
33%
Cape Barren GooseCereopsis novaehollandiae
33%
Cape CormorantPhalacrocorax capensis
33%
Cape GannetMorus capensis
33%
Cape ShovelerSpatula smithii
33%
Cape TealAnas capensis
33%
Capped HeronPilherodius pileatus
33%
Caspian TernHydroprogne caspia
33%
Chaco EagleButeogallus coronatus
33%
Cheer PheasantCatreus wallichii
33%
Chestnut TealAnas castanea
33%
Chilean FlamingoPhoenicopterus chilensis
33%
Chiloe WigeonMareca sibilatrix
33%
Chinese Pond-HeronArdeola bacchus
33%
Chinstrap PenguinPygoscelis antarcticus
33%
Choco TinamouCrypturellus kerriae
33%
ChukarAlectoris chukar
33%
Cinereous TinamouCrypturellus cinereus
33%
Cinereous VultureAegypius monachus
33%
Clark's GrebeAechmophorus clarkii
33%
Cocoi HeronArdea cocoi
33%
Comb DuckSarkidiornis sylvicola
33%
Common BuzzardButeo buteo
33%
Common CraneGrus grus
33%
Common QuailCoturnix coturnix
33%
Common ShelduckTadorna tadorna
33%
Common SnipeGallinago gallinago
33%
Congo PeacockAfropavo congensis
33%
Cooper's HawkAccipiter cooperii
33%
Cory's ShearwaterCalonectris diomedea
33%
Coscoroba SwanCoscoroba coscoroba
33%
Cotton Pygmy-GooseNettapus coromandelianus
33%
Crested ArgusRheinardia ocellata
33%
Crested AukletAethia cristatella
33%
Crested EagleMorphnus guianensis
33%
Crested FrancolinDendroperdix sephaena
33%
Crowned EagleStephanoaetus coronatus
33%
Dalmatian PelicanPelecanus crispus
33%
Dark-winged TrumpeterPsophia viridis
33%
Demoiselle CraneAnthropoides virgo
33%
Desert OwlStrix hadorami
33%
Dolphin GullLeucophaeus scoresbii
33%
Double-striped Thick-kneeBurhinus bistriatus
33%
DovekieAlle alle
33%
Dwarf CassowaryCasuarius bennetti
33%
Dwarf TinamouTaoniscus nanus
33%
Eared GrebePodiceps nigricollis
33%
Eastern Screech-OwlMegascops asio
33%
Eastern Spot-billed DuckAnas zonorhyncha
33%
Egyptian GooseAlopochen aegyptiaca
33%
Elegant Crested-TinamouEudromia elegans
33%
Elf OwlMicrathene whitneyi
33%
Erect-crested PenguinEudyptes sclateri
33%
Eurasian CootFulica atra
33%
Eurasian CurlewNumenius arquata
33%
Eurasian Eagle-OwlBubo bubo
33%
Eurasian GriffonGyps fulvus
33%
Eurasian HobbyFalco subbuteo
33%
Eurasian KestrelFalco tinnunculus
33%
Eurasian OystercatcherHaematopus ostralegus
33%
Eurasian SparrowhawkAccipiter nisus
33%
Eurasian SpoonbillPlatalea leucorodia
33%
Eurasian WigeonMareca penelope
33%
European Honey-buzzardPernis apivorus
33%
Falcated DuckMareca falcata
33%
Ferruginous HawkButeo regalis
33%
Ferruginous Pygmy-OwlGlaucidium brasilianum
33%
Finsch's DuckChenonetta finschi
33%
Fiordland PenguinEudyptes pachyrhynchus
33%
Forest OwletAthene blewitti
33%
Forster's TernSterna forsteri
33%
Freckled DuckStictonetta naevosa
33%
Fulvous Whistling-DuckDendrocygna bicolor
33%
GadwallMareca strepera
33%
Galapagos HawkButeo galapagoensis
33%
Galapagos PenguinSpheniscus mendiculus
33%
Gambel's QuailCallipepla gambelii
33%
GarganeySpatula querquedula
33%
Giant CootFulica gigantea
33%
Giant IbisPseudibis gigantea
33%
Giant Wood-RailAramides ypecaha
33%
Glaucous GullLarus hyperboreus
33%
Glaucous-winged GullLarus glaucescens
33%
Glossy IbisPlegadis falcinellus
33%
Gray-breasted SeedsnipeThinocorus orbignyianus
33%
Gray-cowled Wood-RailAramides cajaneus
33%
Gray Crowned-CraneBalearica regulorum
33%
Gray FrancolinFrancolinus pondicerianus
33%
Gray GoshawkAccipiter novaehollandiae
33%
Gray GullLeucophaeus modestus
33%
Gray-headed KiteLeptodon cayanensis
33%
Gray JunglefowlGallus sonneratii
33%
Graylag GooseAnser anser
33%
Gray-winged TrumpeterPsophia crepitans
33%
Great ArgusArgusianus argus
33%
Great AukPinguinus impennis
33%
Great-billed HeronArdea sumatrana
33%
Great Black-backed GullLarus marinus
33%
Great BustardOtis tarda
33%
Great CurassowCrax rubra
33%
Greater AdjutantLeptoptilos dubius
33%
Greater FlamingoPhoenicopterus roseus
33%
Greater Prairie-ChickenTympanuchus cupido
33%
Greater Sage-GrouseCentrocercus urophasianus
33%
Greater White-fronted GooseAnser albifrons
33%
Greater Yellow-headed VultureCathartes melambrotus
33%
Great FrigatebirdFregata minor
33%
Great Gray OwlStrix nebulosa
33%
Great GrebePodiceps major
33%
Great Horned OwlBubo virginianus
33%
Great Indian BustardArdeotis nigriceps
33%
Great Spotted KiwiApteryx haastii
33%
Great TinamouTinamus major
33%
Great White PelicanPelecanus onocrotalus
33%
Green IbisMesembrinibis cayennensis
33%
Green JunglefowlGallus varius
33%
Green PeafowlPavo muticus
33%
Green Pygmy-GooseNettapus pulchellus
33%
Guanay CormorantPhalacrocorax bougainvillii
33%
GyrfalconFalco rusticolus
33%
HamerkopScopus umbretta
33%
Harpy EagleHarpia harpyja
33%
Harris's HawkParabuteo unicinctus
33%
Hartlaub's DuckPteronetta hartlaubii
33%
Hawaiian DuckAnas wyvilliana
33%
Hawaiian GooseBranta sandvicensis
33%
Hazel GrouseTetrastes bonasia
33%
Helmeted CurassowPauxi pauxi
33%
Hen HarrierCircus cyaneus
33%
Herring GullLarus argentatus
33%
Hill PartridgeArborophila torqueola
33%
Himalayan GriffonGyps himalayensis
33%
Himalayan MonalLophophorus impejanus
33%
Himalayan SnowcockTetraogallus himalayensis
33%
HoatzinOpisthocomus hoazin
33%
Hooded CraneGrus monacha
33%
Horned GrebePodiceps auritus
33%
Horned PuffinFratercula corniculata
33%
Horned ScreamerAnhima cornuta
33%
Hottentot TealSpatula hottentota
33%
Houbara BustardChlamydotis undulata
33%
Hudsonian GodwitLimosa haemastica
33%
IbisbillIbidorhyncha struthersii
33%
Imperial EagleAquila heliaca
33%
Inca TernLarosterna inca
33%
Indian Pond-HeronArdeola grayii
33%
Indian SkimmerRynchops albicollis
33%
Indian Spot-billed DuckAnas poecilorhyncha
33%
Indian VultureGyps indicus
33%
JabiruJabiru mycteria
33%
James's FlamingoPhoenicoparrus jamesi
33%
Japanese QuailCoturnix japonica
33%
KaguRhynochetos jubatus
33%
Kelp GooseChloephaga hybrida
33%
Kelp GullLarus dominicanus
33%
KilldeerCharadrius vociferus
33%
King RailRallus elegans
33%
Knob-billed DuckSarkidiornis melanotos
33%
Kori BustardArdeotis kori
33%
Lady Amherst's PheasantChrysolophus amherstiae
33%
Lake DuckOxyura vittata
33%
Lappet-faced VultureTorgos tracheliotos
33%
Laughing GullLeucophaeus atricilla
33%
Lava GullLeucophaeus fuliginosus
33%
Laysan DuckAnas laysanensis
33%
Least BitternIxobrychus exilis
33%
Least TernSternula antillarum
33%
Lesser AdjutantLeptoptilos javanicus
33%
Lesser FlamingoPhoeniconaias minor
33%
Lesser Prairie-ChickenTympanuchus pallidicinctus
33%
Lesser Whistling-DuckDendrocygna javanica
33%
Lesser White-fronted GooseAnser erythropus
33%
Lesser Yellow-headed VultureCathartes burrovianus
33%
LimpkinAramus guarauna
33%
Little Blue HeronEgretta caerulea
33%
Little BustardTetrax tetrax
33%
Little GrebeTachybaptus ruficollis
33%
Little PenguinEudyptula minor
33%
Little Spotted KiwiApteryx owenii
33%
Long-billed CurlewNumenius americanus
33%
Long-eared OwlAsio otus
33%
Long-tailed DuckClangula hyemalis
33%
Long-whiskered OwletXenoglaux loweryi
33%
Long-winged HarrierCircus buffoni
33%
Macaroni PenguinEudyptes chrysolophus
33%
Macqueen's BustardChlamydotis macqueenii
33%
Madagascar JacanaActophilornis albinucha
33%
Magellanic OystercatcherHaematopus leucopodus
33%
Magellanic PenguinSpheniscus magellanicus
33%
Magnificent FrigatebirdFregata magnificens
33%
Magpie GooseAnseranas semipalmata
33%
Maguari StorkCiconia maguari
33%
MalleefowlLeipoa ocellata
33%
Mandarin DuckAix galericulata
33%
Maned DuckChenonetta jubata
33%
Marabou StorkLeptoptilos crumenifer
33%
Marbled MurreletBrachyramphus marmoratus
33%
Martial EaglePolemaetus bellicosus
33%
Masked BoobySula dactylatra
33%
Masked LapwingVanellus miles
33%
Mauritius ShelduckAlopochen mauritiana
33%
Mediterranean GullIchthyaetus melanocephalus
33%
Melanesian ScrubfowlMegapodius eremita
33%
Meller's DuckAnas melleri
33%
MerlinFalco columbarius
33%
Mexican DuckAnas diazi
33%
Milky StorkMycteria cinerea
33%
Mississippi KiteIctinia mississippiensis
33%
Montezuma QuailCyrtonyx montezumae
33%
Moseley's Rockhopper PenguinEudyptes moseleyi
33%
Mottled DuckAnas fulvigula
33%
Mottled OwlCiccaba virgata
33%
Mountain PloverCharadrius montanus
33%
Mountain QuailOreortyx pictus
33%
Muscovy DuckCairina moschata
33%
Musk DuckBiziura lobata
33%
Nazca BoobySula granti
33%
Neotropic CormorantPhalacrocorax brasilianus
33%
Nocturnal CurassowNothocrax urumutum
33%
Northern BobwhiteColinus virginianus
33%
Northern CassowaryCasuarius unappendiculatus
33%
Northern FulmarFulmarus glacialis
33%
Northern GannetMorus bassanus
33%
Northern GoshawkAccipiter gentilis
33%
Northern HarrierCircus hudsonius
33%
Northern Hawk OwlSurnia ulula
33%
Northern LapwingVanellus vanellus
33%
Northern Pygmy-OwlGlaucidium gnoma
33%
Northern ScreamerChauna chavaria
33%
Northern ShovelerSpatula clypeata
33%
Ocellated TurkeyMeleagris ocellata
33%
Orange-footed ScrubfowlMegapodius reinwardt
33%
Oriental DarterAnhinga melanogaster
33%
Orinoco GooseOressochen jubatus
33%
Ornate Hawk-EagleSpizaetus ornatus
33%
OspreyPandion haliaetus
33%
Pacific Black DuckAnas superciliosa
33%
Pacific GullLarus pacificus
33%
Painted SpurfowlGalloperdix lunulata
33%
Painted StorkMycteria leucocephala
33%
Pallas's Fish-EagleHaliaeetus leucoryphus
33%
Pallas's GullIchthyaetus ichthyaetus
33%
Paradise ShelduckTadorna variegata
33%
Pearl KiteGampsonyx swainsonii
33%
Peregrine FalconFalco peregrinus
33%
Peruvian BoobySula variegata
33%
Peruvian PelicanPelecanus thagus
33%
Peruvian Thick-kneeBurhinus superciliaris
33%
Pharaoh Eagle-OwlBubo ascalaphus
33%
Pheasant-tailed JacanaHydrophasianus chirurgus
33%
Philippine DuckAnas luzonica
33%
Philippine EaglePithecophaga jefferyi
33%
Pied AvocetRecurvirostra avosetta
33%
Pied-billed GrebePodilymbus podiceps
33%
Pied OystercatcherHaematopus longirostris
33%
Pink-backed PelicanPelecanus rufescens
33%
Pink-eared DuckMalacorhynchus membranaceus
33%
Plumed Whistling-DuckDendrocygna eytoni
33%
Puna IbisPlegadis ridgwayi
33%
Puna TealSpatula puna
33%
Purple HeronArdea purpurea
33%
Radjah ShelduckRadjah radjah
33%
Rain QuailCoturnix coromandelica
33%
Red-breasted GooseBranta ruficollis
33%
Red-crested PochardNetta rufina
33%
Red-crowned CraneGrus japonensis
33%
Reddish EgretEgretta rufescens
33%
Red-footed BoobySula sula
33%
Red-headed VultureSarcogyps calvus
33%
Red JunglefowlGallus gallus
33%
Red KiteMilvus milvus
33%
Red KnotCalidris canutus
33%
Red-legged KittiwakeRissa brevirostris
33%
Red-legged PartridgeAlectoris rufa
33%
Red-legged SeriemaCariama cristata
33%
Red-naped IbisPseudibis papillosa
33%
Red-necked GrebePodiceps grisegena
33%
Red-shouldered HawkButeo lineatus
33%
Red ShovelerSpatula platalea
33%
Red-tailed HawkButeo jamaicensis
33%
Red-throated LoonGavia stellata
33%
Reeves's PheasantSyrmaticus reevesii
33%
Reunion ShelduckAlopochen kervazoi
33%
Ring-billed GullLarus delawarensis
33%
Ringed TealCallonetta leucophrys
33%
Ring-necked DuckAythya collaris
33%
Rock PartridgeAlectoris graeca
33%
Rock PtarmiganLagopus muta
33%
Rosy-billed PochardNetta peposaca
33%
Rough-legged HawkButeo lagopus
33%
Royal PenguinEudyptes schlegeli
33%
Royal SpoonbillPlatalea regia
33%
Ruby-throated HummingbirdArchilochus colubris
33%
Ruddy-headed GooseChloephaga rubidiceps
33%
Ruddy ShelduckTadorna ferruginea
33%
Ruddy TurnstoneArenaria interpres
33%
Rufescent Tiger-HeronTigrisoma lineatum
33%
Ruffed GrouseBonasa umbellus
33%
Rüppell's GriffonGyps rueppelli
33%
Sabine's GullXema sabini
33%
Salvadori's TealSalvadorina waigiuensis
33%
SanderlingCalidris alba
33%
Sandhill CraneAntigone canadensis
33%
Sandwich TernThalasseus sandvicensis
33%
Sarus CraneAntigone antigone
33%
Satyr TragopanTragopan satyra
33%
Savanna HawkButeogallus meridionalis
33%
Scarlet IbisEudocimus ruber
33%
Scarlet MacawAra macao
33%
Scissor-tailed KiteChelictinia riocourii
33%
Semiplumbeous HawkLeucopternis semiplumbeus
33%
Sharp-shinned HawkAccipiter striatus
33%
Sharp-tailed GrouseTympanuchus phasianellus
33%
ShikraAccipiter badius
33%
ShoebillBalaeniceps rex
33%
Short-eared OwlAsio flammeus
33%
Short-tailed HawkButeo brachyurus
33%
Short-toed Snake-EagleCircaetus gallicus
33%
Siberian CraneLeucogeranus leucogeranus
33%
Sickle-winged GuanChamaepetes goudotii
33%
Silver TealSpatula versicolor
33%
Slate-colored CootFulica ardesiaca
33%
Slender-billed VultureGyps tenuirostris
33%
Snail KiteRostrhamus sociabilis
33%
Snares PenguinEudyptes robustus
33%
Snow PartridgeLerwa lerwa
33%
Snowy EgretEgretta thula
33%
Snowy PloverCharadrius nivosus
33%
Snowy SheathbillChionis albus
33%
Socotra CormorantPhalacrocorax nigrogularis
33%
Sooty GrouseDendragapus fuliginosus
33%
Sooty ShearwaterArdenna grisea
33%
Sooty TernOnychoprion fuscatus
33%
South African ShelduckTadorna cana
33%
Southern Brown KiwiApteryx australis
33%
Southern CassowaryCasuarius casuarius
33%
Southern FulmarFulmarus glacialoides
33%
Southern LapwingVanellus chilensis
33%
Southern PochardNetta erythrophthalma
33%
Southern Rockhopper PenguinEudyptes chrysocome
33%
Southern ScreamerChauna torquata
33%
South Polar SkuaStercorarius maccormicki
33%
Spectacled OwlPulsatrix perspicillata
33%
Spix's GuanPenelope jacquacu
33%
Spot-billed PelicanPelecanus philippensis
33%
Spotted OwlStrix occidentalis
33%
Spotted SandpiperActitis macularius
33%
Spotted Thick-kneeBurhinus capensis
33%
Spotted Whistling-DuckDendrocygna guttata
33%
Spruce GrouseFalcipennis canadensis
33%
Spur-winged GoosePlectropterus gambensis
33%
Steppe EagleAquila nipalensis
33%
Straw-necked IbisThreskiornis spinicollis
33%
Striated HeronButorides striata
33%
Striped OwlAsio clamator
33%
Stygian OwlAsio stygius
33%
SunbitternEurypyga helias
33%
SungrebeHeliornis fulica
33%
Surf ScoterMelanitta perspicillata
33%
Swainson's HawkButeo swainsoni
33%
Swallow-tailed KiteElanoides forficatus
33%
Tawny-breasted TinamouNothocercus julius
33%
Tawny EagleAquila rapax
33%
Tawny OwlStrix aluco
33%
Temminck's TragopanTragopan temminckii
33%
Tiny HawkAccipiter superciliosus
33%
Titicaca GrebeRollandia microptera
33%
Torrent DuckMerganetta armata
33%
Tufted PuffinFratercula cirrhata
33%
Tundra Bean-GooseAnser serrirostris
33%
Tundra SwanCygnus columbianus
33%
Turkey VultureCathartes aura
33%
Upland GooseChloephaga picta
33%
Upland SandpiperBartramia longicauda
33%
Ural OwlStrix uralensis
33%
Variable HawkGeranoaetus polyosoma
33%
Wahlberg's EagleHieraaetus wahlbergi
33%
Wandering Whistling-DuckDendrocygna arcuata
33%
Water RailRallus aquaticus
33%
Wattled CraneBugeranus carunculatus
33%
Wattled CurassowCrax globulosa
33%
Wattled GuanAburria aburri
33%
Wattled JacanaJacana jacana
33%
Wedge-tailed EagleAquila audax
33%
Western CapercaillieTetrao urogallus
33%
Western GrebeAechmophorus occidentalis
33%
Western Screech-OwlMegascops kennicottii
33%
Western SwamphenPorphyrio porphyrio
33%
Western TragopanTragopan melanocephalus
33%
West Indian Whistling-DuckDendrocygna arborea
33%
Whiskered Screech-OwlMegascops trichopsis
33%
Whistling HeronSyrigma sibilatrix
33%
Whistling KiteHaliastur sphenurus
33%
White-backed DuckThalassornis leuconotus
33%
White-bellied Sea-EagleHaliaeetus leucogaster
33%
White-breasted WaterhenAmaurornis phoenicurus
33%
White-cheeked PintailAnas bahamensis
33%
White-faced IbisPlegadis chihi
33%
White HawkPseudastur albicollis
33%
White-headed DuckOxyura leucocephala
33%
White IbisEudocimus albus
33%
White-naped CraneAntigone vipio
33%
White-rumped VultureGyps bengalensis
33%
White StorkCiconia ciconia
33%
White-tailed EagleHaliaeetus albicilla
33%
White-tailed PtarmiganLagopus leucura
33%
White TernGygis alba
33%
White-tufted GrebeRollandia rolland
33%
White-winged DuckAsarcornis scutulata
33%
White-winged ScoterMelanitta deglandi
33%
Whooper SwanCygnus cygnus
33%
Whooping CraneGrus americana
33%
Wild TurkeyMeleagris gallopavo
33%
Willow PtarmiganLagopus lagopus
33%
Wilson's Storm-PetrelOceanites oceanicus
33%
Wood StorkMycteria americana
33%
Woolly-necked StorkCiconia episcopus
33%
Yellow-billed DuckAnas undulata
33%
Yellow-billed LoonGavia adamsii
33%
Yellow-billed PintailAnas georgica
33%
Yellow-billed SpoonbillPlatalea flavipes
33%
Yellow-billed StorkMycteria ibis
33%
Yellow-billed TealAnas flavirostris
33%
Yellow-eyed PenguinMegadyptes antipodes
33%
Yellow-knobbed CurassowCrax daubentoni
33%
Zone-tailed HawkButeo albonotatus
33%
Abdim's StorkCiconia abdimii
0%
Abyssinian Ground-HornbillBucorvus abyssinicus
0%
Abyssinian NightjarCaprimulgus poliocephalus
0%
Abyssinian OwlAsio abyssinicus
0%
Abyssinian RollerCoracias abyssinicus
0%
Abyssinian ScimitarbillRhinopomastus minor
0%
Abyssinian WoodpeckerChloropicus abyssinicus
0%
Acorn WoodpeckerMelanerpes formicivorus
0%
Adamawa Turtle-DoveStreptopelia hypopyrrha
0%
Afep PigeonColumba unicincta
0%
African Barred OwletGlaucidium capense
0%
African Collared-DoveStreptopelia roseogrisea
0%
African CrakeCrex egregia
0%
African CuckooCuculus gularis
0%
African Cuckoo-HawkAviceda cuculoides
0%
African DarterAnhinga rufa
0%
African Dwarf KingfisherIspidina lecontei
0%
African Emerald CuckooChrysococcyx cupreus
0%
African GoshawkAccipiter tachiro
0%
African Grass-OwlTyto capensis
0%
African Gray HornbillLophoceros nasutus
0%
African Gray WoodpeckerChloropicus goertae
0%
African Green-PigeonTreron calvus
0%
African Harrier-HawkPolyboroides typus
0%
African Hawk-EagleAquila spilogaster
0%
African Marsh-HarrierCircus ranivorus
0%
African OystercatcherHaematopus moquini
0%
African Palm-SwiftCypsiurus parvus
0%
African PiculetVerreauxia africana
0%
African Pied HornbillLophoceros fasciatus
0%
African Pygmy-KingfisherIspidina picta
0%
African RailRallus caerulescens
0%
African Scops-OwlOtus senegalensis
0%
African SnipeGallinago nigripennis
0%
African SwamphenPorphyrio madagascariensis
0%
African SwiftApus barbatus
0%
African Wood-OwlStrix woodfordii
0%
Ahanta FrancolinPternistis ahantensis
0%
Ainley's Storm-PetrelOceanodroma cheimomnestes
0%
Akun Eagle-OwlBubo leucostictus
0%
Alagoas CurassowMitu mitu
0%
Alaotra GrebeTachybaptus rufolavatus
0%
Albertine OwletGlaucidium albertinum
0%
Aleutian TernOnychoprion aleuticus
0%
Alexander's SwiftApus alexandri
0%
Alexandrine ParakeetPsittacula eupatria
0%
Allen's GallinulePorphyrio alleni
0%
Allen's HummingbirdSelasphorus sasin
0%
Alpine SwiftApus melba
0%
Altai SnowcockTetraogallus altaicus
0%
Amami WoodcockScolopax mira
0%
Amazilia HummingbirdAmazilia amazilia
0%
Amazonian MotmotMomotus momota
0%
Amazonian ParrotletNannopsittaca dachilleae
0%
Amazonian Pygmy-OwlGlaucidium hardyi
0%
Amazonian SwiftChaetura viridipennis
0%
Amazonian TrogonTrogon ramonianus
0%
Amazon KingfisherChloroceryle amazona
0%
Amboyna Cuckoo-DoveMacropygia amboinensis
0%
Ameline SwiftletAerodramus amelis
0%
American Golden-PloverPluvialis dominica
0%
American Pygmy KingfisherChloroceryle aenea
0%
American Three-toed WoodpeckerPicoides dorsalis
0%
Amethyst Brown-DovePhapitreron amethystinus
0%
Amethyst-throated Mountain-gemLampornis amethystinus
0%
Amethyst-throated SunangelHeliangelus amethysticollis
0%
Amethyst WoodstarCalliphlox amethystina
0%
Amsterdam DuckMareca marecula
0%
Amur FalconFalco amurensis
0%
Anchieta's BarbetStactolaema anchietae
0%
Ancient MurreletSynthliboramphus antiquus
0%
Andaman BoobookNinox affinis
0%
Andaman CoucalCentropus andamanensis
0%
Andaman CrakeRallina canningi
0%
Andaman Cuckoo-DoveMacropygia rufipennis
0%
Andaman Green-PigeonTreron chloropterus
0%
Andaman Masked-OwlTyto deroepstorffi
0%
Andaman NightjarCaprimulgus andamanicus
0%
Andaman Scops-OwlOtus balli
0%
Andaman Serpent-EagleSpilornis elgini
0%
Andaman TealAnas albogularis
0%
Andaman WoodpeckerDryocopus hodgei
0%
Andaman Wood-PigeonColumba palumboides
0%
Andean EmeraldAmazilia franciae
0%
Andean FlickerColaptes rupicola
0%
Andean GuanPenelope montagnii
0%
Andean HillstarOreotrochilus estella
0%
Andean IbisTheristicus branickii
0%
Andean MotmotMomotus aequatorialis
0%
Andean ParakeetBolborhynchus orbygnesius
0%
Andean PotooNyctibius maculosus
0%
Andean Pygmy-OwlGlaucidium jardinii
0%
Andean SwiftAeronautes andecolus
0%
Andean TealAnas andium
0%
Anjouan Scops-OwlOtus capnodes
0%
Anna's HummingbirdCalypte anna
0%
Antarctic PetrelThalassoica antarctica
0%
Antarctic PrionPachyptila desolata
0%
Antarctic ShagPhalacrocorax bransfieldensis
0%
Antillean Crested HummingbirdOrthorhyncus cristatus
0%
Antillean MangoAnthracothorax dominicus
0%
Antillean NighthawkChordeiles gundlachii
0%
Antillean Palm-SwiftTachornis phoenicobia
0%
Antillean PiculetNesoctites micromegas
0%
Antipodes ParakeetCyanoramphus unicolor
0%
Aplomado FalconFalco femoralis
0%
Arabian Scops-OwlOtus pamelae
0%
Arabian WoodpeckerDendrocoptes dorae
0%
Archbold's NightjarEurostopodus archboldi
0%
Archbold's Owlet-nightjarAegotheles archboldi
0%
Archer's BuzzardButeo archeri
0%
Arizona WoodpeckerDryobates arizonae
0%
Arrowhead PiculetPicumnus minutissimus
0%
Ascension CrakeMundia elpenor
0%
Ascension FrigatebirdFregata aquila
0%
Ash-colored CuckooCoccycua cinerea
0%
Ash-throated CrakeMustelirallus albicollis
0%
Ashy-faced OwlTyto glaucops
0%
Ashy-headed Green-PigeonTreron phayrei
0%
Ashy Storm-PetrelOceanodroma homochroa
0%
Ashy WoodpeckerMulleripicus fulvus
0%
Ashy Wood-PigeonColumba pulchricollis
0%
Asian Barred OwletGlaucidium cuculoides
0%
Asian DowitcherLimnodromus semipalmatus
0%
Asian Emerald CuckooChrysococcyx maculatus
0%
Asian Emerald DoveChalcophaps indica
0%
Asian KoelEudynamys scolopaceus
0%
Asian Palm-SwiftCypsiurus balasiensis
0%
Atitlan GrebePodilymbus gigas
0%
Atiu SwiftletAerodramus sawtelli
0%
Atlantic PetrelPterodroma incerta
0%
Atoll Fruit-DovePtilinopus coralensis
0%
Auckland Islands MerganserMergus australis
0%
Auckland Islands RailLewinia muelleri
0%
Auckland Islands ShagPhalacrocorax colensoi
0%
Auckland Islands TealAnas aucklandica
0%
Audouin's GullIchthyaetus audouinii
0%
Audubon's ShearwaterPuffinus lherminieri
0%
Augur BuzzardButeo augur
0%
Australasian BitternBotaurus poiciloptilus
0%
Australasian Grass-OwlTyto longimembris
0%
Australasian GrebeTachybaptus novaehollandiae
0%
Australasian SwamphenPorphyrio melanotus
0%
Australian BustardArdeotis australis
0%
Australian CrakePorzana fluminea
0%
Australian Fairy TernSternula nereis
0%
Australian HobbyFalco longipennis
0%
Australian IbisThreskiornis molucca
0%
Australian KestrelFalco cenchroides
0%
Australian King-ParrotAlisterus scapularis
0%
Australian Masked-OwlTyto novaehollandiae
0%
Australian Owlet-nightjarAegotheles cristatus
0%
Australian Painted-SnipeRostratula australis
0%
Australian PelicanPelecanus conspicillatus
0%
Australian PratincoleStiltia isabella
0%
Australian RingneckBarnardius zonarius
0%
Australian ShelduckTadorna tadornoides
0%
Australian SwiftletAerodramus terraereginae
0%
Austral ParakeetEnicognathus ferrugineus
0%
Austral Pygmy-OwlGlaucidium nana
0%
Austral RailRallus antarcticus
0%
Ayres's Hawk-EagleHieraaetus ayresii
0%
Aztec RailRallus tenuirostris
0%
Azure-crowned HummingbirdAmazilia cyanocephala
0%
Azure GallinulePorphyrio flavirostris
0%
Azure KingfisherCeyx azureus
0%
Azure RollerEurystomus azureus
0%
Azure-rumped ParrotTanygnathus sumatranus
0%
Bahama WoodstarNesophlox evelynae
0%
Bahian NighthawkNyctiprogne vielliardi
0%
Baillon's CrakeZapornia pusilla
0%
Baird's SandpiperCalidris bairdii
0%
Baird's TrogonTrogon bairdii
0%
Baker's Imperial-PigeonDucula bakeri
0%
Bald ParrotPyrilia aurantiocephala
0%
Balearic ShearwaterPuffinus mauretanicus
0%
Balsas Screech-OwlMegascops seductus
0%
Bamboo WoodpeckerGecinulus viridis
0%
Band-bellied CrakeZapornia paykullii
0%
Band-bellied OwlPulsatrix melanota
0%
Banded BarbetLybius undatus
0%
Banded Bay CuckooCacomantis sonneratii
0%
Banded Ground-CuckooNeomorphus radiolosus
0%
Banded KestrelFalco zoniventris
0%
Banded KingfisherLacedo pulchella
0%
Banded LapwingVanellus tricolor
0%
Banded QuailPhilortyx fasciatus
0%
Banded Snake-EagleCircaetus cinerascens
0%
Banded StiltCladorhynchus leucocephalus
0%
Banded WoodpeckerChrysophlegma miniaceum
0%
Band-rumped Storm-PetrelOceanodroma castro
0%
Band-rumped SwiftChaetura spinicaudus
0%
Band-tailed BarbthroatThrenetes ruckeri
0%
Band-tailed GuanPenelope argyrotis
0%
Band-tailed NighthawkNyctiprogne leucopyga
0%
Band-tailed PigeonPatagioenas fasciata
0%
Band-winged NightjarSystellura longirostris
0%
Banggai Fruit-DovePtilinopus subgularis
0%
Bank CormorantPhalacrocorax neglectus
0%
Bannerman's ShearwaterPuffinus bannermani
0%
Bannerman's TuracoTauraco bannermani
0%
Barau's PetrelPterodroma baraui
0%
Bar-backed PartridgeArborophila brunneopectus
0%
Barbary PartridgeAlectoris barbara
0%
Bar-bellied WoodpeckerDryobates nigriceps
0%
Bar-breasted PiculetPicumnus aurifrons
0%
Bare-cheeked TrogonApaloderma aequatoriale
0%
Bare-eyed Ground DoveMetriopelia morenoi
0%
Bare-eyed PigeonPatagioenas corensis
0%
Bare-eyed RailGymnocrex plumbeiventris
0%
Bare-faced CurassowCrax fasciolata
0%
Bare-faced Go-away-birdCorythaixoides personatus
0%
Bare-faced Ground DoveMetriopelia ceciliae
0%
Bare-legged OwlMargarobyas lawrencii
0%
Bare-legged SwiftletAerodramus nuditarsus
0%
Bare-shanked Screech-OwlMegascops clarkii
0%
Barking OwlNinox connivens
0%
Barolo ShearwaterPuffinus baroli
0%
Barred ButtonquailTurnix suscitator
0%
Barred Cuckoo-DoveMacropygia unchall
0%
Barred DoveGeopelia maugeus
0%
Barred Eagle-OwlBubo sumatranus
0%
Barred Forest-FalconMicrastur ruficollis
0%
Barred HawkMorphnarchus princeps
0%
Barred Long-tailed CuckooCercococcyx montanus
0%
Barred Owlet-nightjarAegotheles bennettii
0%
Barred ParakeetBolborhynchus lineola
0%
Barred PuffbirdNystalus radiatus
0%
Barred RailGallirallus torquatus
0%
Barred TinamouCrypturellus casiquiare
0%
Bar-shouldered DoveGeopelia humeralis
0%
Bar-tailed GodwitLimosa lapponica
0%
Bar-tailed TrogonApaloderma vittatum
0%
Bartlett's TinamouCrypturellus bartletti
0%
Barusan Cuckoo-DoveMacropygia modiglianii
0%
Bar-winged RailGallirallus poecilopterus
0%
BateleurTerathopius ecaudatus
0%
Bates's NightjarCaprimulgus batesi
0%
Bates's SwiftApus batesi
0%
Bat FalconFalco rufigularis
0%
Bat HawkMacheiramphus alcinus
0%
Bat-like SpinetailNeafrapus boehmi
0%
Baudin's Black-CockatooCalyptorhynchus baudinii
0%
Baudo GuanPenelope ortoni
0%
Bay-breasted CuckooCoccyzus rufigularis
0%
Bay CoucalCentropus celebensis
0%
Bay WoodpeckerBlythipicus pyrrhotis
0%
Beach KingfisherTodiramphus saurophagus
0%
Beach Thick-kneeEsacus magnirostris
0%
Bearded BarbetLybius dubius
0%
Bearded MountaineerOreonympha nobilis
0%
Bearded Screech-OwlMegascops barbarus
0%
Bearded VultureGypaetus barbatus
0%
Bearded Wood-PartridgeDendrortyx barbatus
0%
Bearded WoodpeckerChloropicus namaquus
0%
Beaudouin's Snake-EagleCircaetus beaudouini
0%
Beautiful Fruit-DovePtilinopus pulchellus
0%
Beautiful HummingbirdCalothorax pulcher
0%
Beautiful WoodpeckerMelanerpes pulcher
0%
Beck's PetrelPseudobulweria becki
0%
Belcher's GullLarus belcheri
0%
Bennett's WoodpeckerCampethera bennettii
0%
Berlepsch's TinamouCrypturellus berlepschi
0%
Bermuda FlickerColaptes oceanicus
0%
Bermuda HawkBermuteo avivorus
0%
Bermuda Night-HeronNyctanassa carcinocatactes
0%
Bermuda PetrelPterodroma cahow
0%
Bermuda Saw-whet OwlAegolius gradyi
0%
Bernier's TealAnas bernieri
0%
Berylline HummingbirdAmazilia beryllina
0%
Biak CoucalCentropus chalybeus
0%
Biak Paradise-KingfisherTanysiptera riedelii
0%
Biak Scops-OwlOtus beccarii
0%
Biak ScrubfowlMegapodius geelvinkianus
0%
Bicolored HawkAccipiter bicolor
0%
Biscutate SwiftStreptoprocne biscutata
0%
Bismarck BoobookNinox variegata
0%
Bismarck Imperial-PigeonDucula melanochroa
0%
Bismarck KingfisherCeyx websteri
0%
Black-and-buff WoodpeckerMeiglyptes jugularis
0%
Black-and-chestnut EagleSpizaetus isidori
0%
Black-and-white-casqued HornbillBycanistes subcylindricus
0%
Black-backed BarbetLybius minor
0%
Black-backed BitternIxobrychus dubius
0%
Black-backed Dwarf-KingfisherCeyx erithaca
0%
Black-backed Fruit-DovePtilinopus cinctus
0%
Black-backed SwamphenPorphyrio indicus
0%
Black-backed ThornbillRamphomicron dorsale
0%
Black-backed WoodpeckerPicoides arcticus
0%
Black-banded BarbetPsilopogon javensis
0%
Black-banded CrakeAnurolimnas fasciatus
0%
Black-banded Fruit-DovePtilinopus alligator
0%
Black-banded OwlCiccaba huhula
0%
Black BazaAviceda leuphotes
0%
Black Bee-eaterMerops gularis
0%
Black-bellied BustardLissotis melanogaster
0%
Black-bellied CuckooPiaya melanogaster
0%
Black-bellied HummingbirdEupherusa nigriventris
0%
Black-bellied MalkohaPhaenicophaeus diardi
0%
Black-bellied PloverPluvialis squatarola
0%
Black-bellied SandgrousePterocles orientalis
0%
Black-bellied Storm-PetrelFregetta tropica
0%
Black-bellied TernSterna acuticauda
0%
Black-bellied ThorntailDiscosura langsdorffi
0%
Black-billed BarbetLybius guifsobalito
0%
Black-billed CuckooCoccyzus erythropthalmus
0%
Black-billed Cuckoo-DoveMacropygia nigrirostris
0%
Black-billed GullChroicocephalus bulleri
0%
Black-billed KoelEudynamys melanorhynchus
0%
Black-billed Mountain-ToucanAndigena nigrirostris
0%
Black-billed ParrotAmazona agilis
0%
Black-billed TuracoTauraco schuettii
0%
Black-billed Wood-DoveTurtur abyssinicus
0%
Black-billed WoodhoopoePhoeniculus somaliensis
0%
Black BitternIxobrychus flavicollis
0%
Black-bodied WoodpeckerDryocopus schulzii
0%
Black-breasted BarbetLybius rolleti
0%
Black-breasted ButtonquailTurnix melanogaster
0%
Black-breasted HillstarOreotrochilus melanogaster
0%
Black-breasted KiteHamirostra melanosternon
0%
Black-breasted PuffbirdNotharchus pectoralis
0%
Black-breasted PufflegEriocnemis nigrivestis
0%
Black-breasted Wood-QuailOdontophorus leucolaemus
0%
Black-browed AlbatrossThalassarche melanophris
0%
Black-browed BarbetPsilopogon oorti
0%
Black BustardEupodotis afra
0%
Black-capped KingfisherHalcyon pileata
0%
Black-capped LoryLorius lory
0%
Black-capped Paradise-KingfisherTanysiptera nigriceps
0%
Black-capped ParakeetPyrrhura rupicola
0%
Black-capped PetrelPterodroma hasitata
0%
Black-capped Screech-OwlMegascops atricapilla
0%
Black-capped TinamouCrypturellus atrocapillus
0%
Black CaracaraDaptrius ater
0%
Black-casqued HornbillCeratogymna atrata
0%
Black-cheeked LovebirdAgapornis nigrigenis
0%
Black-cheeked WoodpeckerMelanerpes pucherani
0%
Black-chested Snake-EagleCircaetus pectoralis
0%
Black-chinned Fruit-DovePtilinopus leclancheri
0%
Black-chinned HummingbirdArchilochus alexandri
0%
Black-collared BarbetLybius torquatus
0%
Black-collared HawkBusarellus nigricollis
0%
Black-collared LovebirdAgapornis swindernianus
0%
Black CoucalCentropus grillii
0%
Black CrakeZapornia flavirostra
0%
Black-crested CoquetteLophornis helenae
0%
Black CuckooCuculus clamosus
0%
Black CurassowCrax alector
0%
Black Dwarf HornbillHorizocerus hartlaubi
0%
Black EagleIctinaetus malaiensis
0%
Black-eared CuckooChrysococcyx osculans
0%
Black-eared FairyHeliothryx auritus
0%
Black-eared Wood-QuailOdontophorus melanotis
0%
Black-faced CormorantPhalacrocorax fuscescens
0%
Black-faced CoucalCentropus melanops
0%
Black-faced HawkLeucopternis melanops
0%
Black-faced SandgrousePterocles decoratus
0%
Black-faced SheathbillChionis minor
0%
Black FalconFalco subniger
0%
Black-fronted DotterelElseyornis melanops
0%
Black-fronted FrancolinPternistis atrifrons
0%
Black-fronted NunbirdMonasa nigrifrons
0%
Black-fronted ParakeetCyanoramphus zealandicus
0%
Black-fronted TernChlidonias albostriatus
0%
Black-fronted Wood-QuailOdontophorus atrifrons
0%
Black-girdled BarbetCapito dayi
0%
Black GoshawkAccipiter melanoleucus
0%
Black GuanChamaepetes unicolor
0%
Black GuineafowlAgelastes niger
0%
Black HarrierCircus maurus
0%
Black Hawk-EagleSpizaetus tyrannus
0%
Black-headed Bee-eaterMerops breweri
0%
Black-headed GullChroicocephalus ridibundus
0%
Black-headed HeronArdea melanocephala
0%
Black-headed LapwingVanellus tectus
0%
Black-headed ParrotPionites melanocephalus
0%
Black-headed TrogonTrogon melanocephalus
0%
Black-headed WoodpeckerPicus erythropygius
0%
Black Honey-buzzardHenicopernis infuscatus
0%
Black-hooded CoucalCentropus steerii
0%
Black-hooded SunbeamAglaeactis pamela
0%
Black HornbillAnthracoceros malayanus
0%
Black IncaCoeligena prunellei
0%
Blackish NightjarNyctipolus nigrescens
0%
Blackish OystercatcherHaematopus ater
0%
Blackish RailPardirallus nigricans
0%
Black JacobinFlorisuga fusca
0%
Black-lored ParrotTanygnathus gramineus
0%
Black LoryChalcopsitta atra
0%
Black-mantled GoshawkAccipiter melanochlamys
0%
Black MetaltailMetallura phoebe
0%
Black-naped Fruit-DovePtilinopus melanospilus
0%
Black-naped TernSterna sumatrana
0%
Black-necked AracariPteroglossus aracari
0%
Black-necked WoodpeckerColaptes atricollis
0%
Black-nest SwiftletAerodramus maximus
0%
Black NunbirdMonasa atra
0%
Black OystercatcherHaematopus bachmani
0%
Black PartridgeMelanoperdix niger
0%
Black RailLaterallus jamaicensis
0%
Black-rumped ButtonquailTurnix nanus
0%
Black-rumped FlamebackDinopium benghalense
0%
Black ScimitarbillRhinopomastus aterrimus
0%
Black ScoterMelanitta americana
0%
Black-shouldered KiteElanus axillaris
0%
Black-shouldered NightjarCaprimulgus nigriscapularis
0%
Blacksmith LapwingVanellus armatus
0%
Black SpinetailTelacanthura melanopygia
0%
Black-spotted BarbetCapito niger
0%
Black StiltHimantopus novaezelandiae
0%
Black Storm-PetrelOceanodroma melania
0%
Black-streaked PuffbirdMalacoptila fulvogularis
0%
Black SwiftCypseloides niger
0%
Black-tailed CrakeZapornia bicolor
0%
Black-tailed GodwitLimosa limosa
0%
Black-tailed GullLarus crassirostris
0%
Black-tailed NativehenTribonyx ventralis
0%
Black-tailed TrainbearerLesbia victoriae
0%
Black-tailed TrogonTrogon melanurus
0%
Black-thighed FalconetMicrohierax fringillarius
0%
Black-thighed PufflegEriocnemis derbyi
0%
Black-throated BarbetTricholaema melanocephala
0%
Black-throated BobwhiteColinus nigrogularis
0%
Black-throated BrilliantHeliodoxa schreibersii
0%
Black-throated CoucalCentropus leucogaster
0%
Black-throated HermitPhaethornis atrimentalis
0%
Black-throated MangoAnthracothorax nigricollis
0%
Black-throated TrogonTrogon rufus
0%
Black TinamouTinamus osgoodi
0%
Black TurnstoneArenaria melanocephala
0%
Black-vented ShearwaterPuffinus opisthomelas
0%
Black-winged Ground DoveMetriopelia melanoptera
0%
Black-winged KiteElanus caeruleus
0%
Black-winged LapwingVanellus melanopterus
0%
Black-winged LoryEos cyanogenia
0%
Black-winged LovebirdAgapornis taranta
0%
Black-winged ParrotHapalopsittaca melanotis
0%
Black-winged PetrelPterodroma nigripennis
0%
Black-winged PratincoleGlareola nordmanni
0%
Black WoodpeckerDryocopus martius
0%
Blakiston's Fish-OwlKetupa blakistoni
0%
Blaze-winged ParakeetPyrrhura devillei
0%
Blond-crested WoodpeckerCeleus flavescens
0%
Blood-colored WoodpeckerDryobates sanguineus
0%
Blossom-headed ParakeetPsittacula roseata
0%
Blue-and-white KingfisherTodiramphus diops
0%
Blue-and-yellow MacawAra ararauna
0%
Blue-banded KingfisherAlcedo euryzona
0%
Blue-banded ToucanetAulacorhynchus coeruleicinctis
0%
Blue-bearded Bee-eaterNyctyornis athertoni
0%
Blue-bearded HelmetcrestOxypogon cyanolaemus
0%
Blue-bellied ParrotTriclaria malachitacea
0%
Blue-bellied RollerCoracias cyanogaster
0%
Blue-black KingfisherTodiramphus nigrocyaneus
0%
Blue-breasted Bee-eaterMerops variegatus
0%
Blue-breasted KingfisherHalcyon malimbica
0%
Blue-breasted QuailSynoicus chinensis
0%
Blue BustardEupodotis caerulescens
0%
Blue-capped Fruit-DovePtilinopus monacha
0%
Blue-capped HummingbirdEupherusa cyanophrys
0%
Blue-capped KingfisherActenoides hombroni
0%
Blue-capped MotmotMomotus coeruliceps
0%
Blue-capped PufflegEriocnemis glaucopoides
0%
Blue-cheeked Bee-eaterMerops persicus
0%
Blue-cheeked JacamarGalbula cyanicollis
0%
Blue-cheeked ParrotAmazona dufresniana
0%
Blue-chested HummingbirdAmazilia amabilis
0%
Blue-chinned SapphireChlorestes notata
0%
Blue-collared ParrotGeoffroyus simplex
0%
Blue CouaCoua caerulea
0%
Blue-crowned Hanging-ParrotLoriculus galgulus
0%
Blue-crowned LorikeetVini australis
0%
Blue-crowned ParakeetThectocercus acuticaudatus
0%
Blue-crowned Racquet-tailPrioniturus discurus
0%
Blue-crowned TrogonTrogon curucui
0%
Blue-eared BarbetPsilopogon duvaucelii
0%
Blue-eared KingfisherAlcedo meninting
0%
Blue-eared LoryEos semilarvata
0%
Blue Eared-PheasantCrossoptilon auritum
0%
Blue-eyed CockatooCacatua ophthalmica
0%
Blue-eyed Ground DoveColumbina cyanopis
0%
Blue-faced MalkohaPhaenicophaeus viridirostris
0%
Blue-faced RailGymnocrex rosenbergii
0%
Blue-fronted LancebillDoryfera johannae
0%
Blue-fronted LorikeetCharmosyna toxopei
0%
Blue-fronted ParrotletTouit dilectissimus
0%
Blue-gray NoddyAnous ceruleus
0%
Blue Ground DoveClaravis pretiosa
0%
Blue-headed Bee-eaterMerops muelleri
0%
Blue-headed CoucalCentropus monachus
0%
Blue-headed HummingbirdCyanophaia bicolor
0%
Blue-headed MacawPrimolius couloni
0%
Blue-headed ParrotPionus menstruus
0%
Blue-headed Quail-DoveStarnoenas cyanocephala
0%
Blue-headed Racquet-tailPrioniturus platenae
0%
Blue-headed SapphireHylocharis grayi
0%
Blue-headed Wood-DoveTurtur brehmeri
0%
Blue LorikeetVini peruviana
0%
Blue MalkohaCeuthmochares aereus
0%
Blue-mantled ThornbillChalcostigma stanleyi
0%
Blue-moustached Bee-eaterMerops mentalis
0%
Blue-naped MousebirdUrocolius macrourus
0%
Blue-naped ParrotTanygnathus lucionensis
0%
Blue PetrelHalobaena caerulea
0%
Blue QuailSynoicus adansonii
0%
Blue-rumped ParrotPsittinus cyanurus
0%
Blue-spotted Wood-DoveTurtur afer
0%
Blue-streaked LoryEos reticulata
0%
Blue-tailed Bee-eaterMerops philippinus
0%
Blue-tailed EmeraldChlorostilbon mellisugus
0%
Blue-tailed HummingbirdAmazilia cyanura
0%
Blue-tailed TrogonTrogon comptus
0%
Blue-throated BarbetPsilopogon asiaticus
0%
Blue-throated Bee-eaterMerops viridis
0%
Blue-throated GoldentailHylocharis eliciae
0%
Blue-throated HillstarOreotrochilus cyanolaemus
0%
Blue-throated MacawAra glaucogularis
0%
Blue-throated MotmotAspatha gularis
0%
Blue-throated Mountain-gemLampornis clemenciae
0%
Blue-throated RollerEurystomus gularis
0%
Blue-throated StarfrontletCoeligena helianthea
0%
Blue-tufted StarthroatHeliomaster furcifer
0%
Blue-vented HummingbirdAmazilia hoffmanni
0%
Blue-winged KookaburraDacelo leachii
0%
Blue-winged MacawPrimolius maracana
0%
Blue-winged ParrotNeophema chrysostoma
0%
Blue-winged ParrotletForpus xanthopterygius
0%
Blue-winged Racquet-tailPrioniturus verticalis
0%
Bluish-fronted JacamarGalbula cyanescens
0%
Blyth's FrogmouthBatrachostomus affinis
0%
Blyth's Hawk-EagleNisaetus alboniger
0%
Blyth's HornbillRhyticeros plicatus
0%
Blyth's KingfisherAlcedo hercules
0%
Blyth's SwiftApus leuconyx
0%
Blyth's TragopanTragopan blythii
0%
Bogota RailRallus semiplumbeus
0%
Böhm's Bee-eaterMerops boehmi
0%
Bolle's PigeonColumba bollii
0%
Bonaparte's NightjarCaprimulgus concretus
0%
Bonaparte's ParakeetPyrrhura lucianii
0%
Bonelli's EagleAquila fasciata
0%
Bonin PetrelPterodroma hypoleuca
0%
Bonin PigeonColumba versicolor
0%
Booted EagleHieraaetus pennatus
0%
Booted Racket-tailOcreatus underwoodii
0%
Bornean BarbetPsilopogon eximius
0%
Bornean FrogmouthBatrachostomus mixtus
0%
Bornean Ground-CuckooCarpococcyx radiceus
0%
Bornean Peacock-PheasantPolyplectron schleiermacheri
0%
Bornean SwiftletCollocalia dodgei
0%
Bougainville Dwarf-KingfisherCeyx pallidus
0%
Bounty Islands ShagPhalacrocorax ranfurlyi
0%
Bourke's ParrotNeophema bourkii
0%
Boyd's ShearwaterPuffinus boydi
0%
Brace's EmeraldChlorostilbon bracei
0%
Bradfield's HornbillLophoceros bradfieldi
0%
Bradfield's SwiftApus bradfieldi
0%
Brandt's CormorantPhalacrocorax penicillatus
0%
Brazilian RubyClytolaema rubricauda
0%
Brazilian TinamouCrypturellus strigulosus
0%
Brehm's Tiger-ParrotPsittacella brehmii
0%
Bridled Quail-DoveGeotrygon mystacea
0%
Bridled TernOnychoprion anaethetus
0%
Bristle-nosed BarbetGymnobucco peli
0%
Bristle-thighed CurlewNumenius tahitiensis
0%
Broad-billed HummingbirdCynanthus latirostris
0%
Broad-billed MotmotElectron platyrhynchum
0%
Broad-billed ParrotLophopsittacus mauritianus
0%
Broad-billed PrionPachyptila vittata
0%
Broad-billed RollerEurystomus glaucurus
0%
Broad-billed SandpiperCalidris falcinellus
0%
Broad-billed TodyTodus subulatus
0%
Broad-tailed HummingbirdSelasphorus platycercus
0%
Broad-tipped HermitAnopetia gounellei
0%
Bronze Ground DoveAlopecoenas beccarii
0%
Bronze-naped PigeonColumba iriditorques
0%
Bronze-tailed CometPolyonymus caroli
0%
Bronze-tailed Peacock-PheasantPolyplectron chalcurum
0%
Bronze-tailed PlumeleteerChalybura urochrysia
0%
Bronze-tailed ThornbillChalcostigma heteropogon
0%
Bronze-winged CourserRhinoptilus chalcopterus
0%
Bronze-winged JacanaMetopidius indicus
0%
Bronze-winged ParrotPionus chalcopterus
0%
Bronzy HermitGlaucis aeneus
0%
Bronzy IncaCoeligena coeligena
0%
Bronzy JacamarGalbula leucogastra
0%
Brown-backed NeedletailHirundapus giganteus
0%
Brown-backed ParrotletTouit melanonotus
0%
Brown-backed WoodpeckerChloropicus obsoletus
0%
Brown-banded PuffbirdNotharchus ordii
0%
Brown BarbetCaloramphus fuliginosus
0%
Brown BoobookNinox scutulata
0%
Brown-breasted BarbetLybius melanopterus
0%
Brown-breasted KingfisherHalcyon gularis
0%
Brown-breasted ParakeetPyrrhura calliptera
0%
Brown-capped WoodpeckerYungipicus nanus
0%
Brown-cheeked HornbillBycanistes cylindricus
0%
Brown-cheeked RailRallus indicus
0%
Brown-chested BarbetCapito brunneipectus
0%
Brown-chested LapwingVanellus superciliosus
0%
Brown CrakeZapornia akool
0%
Brown Cuckoo-DoveMacropygia phasianella
0%
Brown Eared-PheasantCrossoptilon mantchuricum
0%
Brown-eared WoodpeckerCampethera caroli
0%
Brown FalconFalco berigora
0%
Brown Fish-OwlKetupa zeylonensis
0%
Brown-fronted WoodpeckerDendrocoptes auriceps
0%
Brown GoshawkAccipiter fasciatus
0%
Brown-headed BarbetPsilopogon zeylanicus
0%
Brown-headed GullChroicocephalus brunnicephalus
0%
Brown-headed Paradise-KingfisherTanysiptera danae
0%
Brown-headed ParrotPoicephalus cryptoxanthus
0%
Brown-hooded GullChroicocephalus maculipennis
0%
Brown-hooded KingfisherHalcyon albiventris
0%
Brown-hooded ParrotPyrilia haematotis
0%
Brown HornbillAnorrhinus austeni
0%
Brown IncaCoeligena wilsoni
0%
Brown JacamarBrachygalba lugubris
0%
Brown LoryChalcopsitta duivenbodei
0%
Brown MesiteMesitornis unicolor
0%
Brown-necked ParrotPoicephalus fuscicollis
0%
Brown NightjarCaprimulgus binotatus
0%
Brown NoddyAnous stolidus
0%
Brown NunletNonnula brunnea
0%
Brown QuailSynoicus ypsilophorus
0%
Brown SkuaStercorarius antarcticus
0%
Brown Snake-EagleCircaetus cinereus
0%
Brown-throated BarbetPsilopogon corvinus
0%
Brown-throated ParakeetEupsittula pertinax
0%
Brown VioletearColibri delphinae
0%
Brown-winged KingfisherPelargopsis amauroptera
0%
Brown Wood-RailAramides wolfi
0%
Bruce's Green-PigeonTreron waalia
0%
Brush BronzewingPhaps elegans
0%
Brush CuckooCacomantis variolosus
0%
Brushland TinamouNothoprocta cinerascens
0%
Bryan's ShearwaterPuffinus bryani
0%
Buckley's Forest-FalconMicrastur buckleyi
0%
BudgerigarMelopsittacus undulatus
0%
Buff-banded RailGallirallus philippensis
0%
Buff-bellied HermitPhaethornis subochraceus
0%
Buff-bellied HummingbirdAmazilia yucatanensis
0%
Buff-bellied PuffbirdNotharchus swainsoni
0%
Buff-breasted ButtonquailTurnix olivii
0%
Buff-breasted Paradise-KingfisherTanysiptera sylvia
0%
Buff-breasted SabrewingCampylopterus duidae
0%
Buff-breasted SandpiperCalidris subruficollis
0%
Buff-browed ChachalacaOrtalis superciliaris
0%
Buff-collared NightjarAntrostomus ridgwayi
0%
Buff-faced Pygmy-ParrotMicropsitta pusio
0%
Buff-fronted Quail-DoveZentrygon costaricensis
0%
Buff-headed CoucalCentropus milo
0%
Buff-necked IbisTheristicus caudatus
0%
Buff-necked WoodpeckerMeiglyptes tukki
0%
Buff-rumped WoodpeckerMeiglyptes tristis
0%
Buff-spotted FlamebackChrysocolaptes lucidus
0%
Buff-spotted FlufftailSarothrura elegans
0%
Buff-spotted WoodpeckerCampethera nivosa
0%
Buff-tailed CoronetBoissonneaua flavescens
0%
Buff-tailed SicklebillEutoxeres condamini
0%
Buff-thighed PufflegHaplophaedia assimilis
0%
Buff-winged StarfrontletCoeligena lutetiae
0%
Buffy-crowned Wood-PartridgeDendrortyx leucophrys
0%
Buffy Fish-OwlKetupa ketupu
0%
Buffy HelmetcrestOxypogon stuebelii
0%
Buffy HummingbirdLeucippus fallax
0%
Bukidnon WoodcockScolopax bukidnonensis
0%
Buller's ShearwaterArdenna bulleri
0%
Bulwer's PetrelBulweria bulwerii
0%
Bulwer's PheasantLophura bulweri
0%
Bumblebee HummingbirdAtthis heloisa
0%
Burchell's CourserCursorius rufus
0%
Burchell's SandgrousePterocles burchelli
0%
Burrowing ParakeetCyanoliseus patagonus
0%
Buru Dwarf-KingfisherCeyx cajeli
0%
Buru Green-PigeonTreron aromaticus
0%
Buru Mountain-PigeonGymnophaps mada
0%
Buru Racquet-tailPrioniturus mada
0%
Bush Thick-kneeBurhinus grallarius
0%
Bushy-crested HornbillAnorrhinus galeritus
0%
Cactus ParakeetEupsittula cactorum
0%
Caica ParrotPyrilia caica
0%
Calayan RailGallirallus calayanensis
0%
California GullLarus californicus
0%
Calliope HummingbirdSelasphorus calliope
0%
Cameroon FrancolinPternistis camerunensis
0%
Cameroon PigeonColumba sjostedti
0%
Camiguin BoobookNinox leventisi
0%
Camiguin Hanging-ParrotLoriculus camiguinensis
0%
Campbell Islands ShagPhalacrocorax campbelli
0%
Campbell Islands TealAnas nesiotis
0%
Campo FlickerColaptes campestris
0%
Canarian OystercatcherHaematopus meadewaldoi
0%
Canivet's EmeraldChlorostilbon canivetii
0%
Cape Eagle-OwlBubo capensis
0%
Cape FrancolinPternistis capensis
0%
Cape GriffonGyps coprotheres
0%
Cape ParrotPoicephalus robustus
0%
Cape PetrelDaption capense
0%
Cape Verde BuzzardButeo bannermani
0%
Cape Verde ShearwaterCalonectris edwardsii
0%
Cape Verde Storm-PetrelOceanodroma jabejabe
0%
Cardinal LoryChalcopsitta cardinalis
0%
Cardinal WoodpeckerChloropicus fuscescens
0%
Caribbean DoveLeptotila jamaicensis
0%
Carnaby's Black-CockatooCalyptorhynchus latirostris
0%
Carolina ParakeetConuropsis carolinensis
0%
Caroline Islands Ground DoveAlopecoenas kubaryi
0%
Caroline Islands SwiftletAerodramus inquietus
0%
Carunculated CaracaraPhalcoboenus carunculatus
0%
Carunculated Fruit-DovePtilinopus granulifrons
0%
Caspian GullLarus cachinnans
0%
Caspian PloverCharadrius asiaticus
0%
Caspian SnowcockTetraogallus caspius
0%
Cassin's AukletPtychoramphus aleuticus
0%
Cassin's Hawk-EagleAquila africana
0%
Cassin's HoneyguideProdotiscus insignis
0%
Cassin's SpinetailNeafrapus cassini
0%
Cauca GuanPenelope perspicax
0%
Caucasian GrouseTetrao mlokosiewiczi
0%
Caucasian SnowcockTetraogallus caucasicus
0%
Cave SwiftletCollocalia linchi
0%
Cayenne NightjarSetopagis maculosa
0%
Cebu BoobookNinox rumseyi
0%
Central American Pygmy-OwlGlaucidium griseiceps
0%
Chaco ChachalacaOrtalis canicollis
0%
Chaco OwlStrix chacoensis
0%
Changeable Hawk-EagleNisaetus cirrhatus
0%
Channel-billed CuckooScythrops novaehollandiae
0%
Channel-billed ToucanRamphastos vitellinus
0%
Chaplin's BarbetLybius chaplini
0%
Chapman's SwiftChaetura chapmani
0%
Charming HummingbirdAmazilia decora
0%
Chatham AlbatrossThalassarche eremita
0%
Chatham Island PigeonHemiphaga chathamensis
0%
Chatham Islands ParakeetCyanoramphus forbesi
0%
Chatham Islands RailGallirallus modestus
0%
Chatham Islands ShagPhalacrocorax onslowi
0%
Chatham Islands SnipeCoenocorypha pusilla
0%
Chatham OystercatcherHaematopus chathamensis
0%
Chatham PetrelPterodroma axillaris
0%
Chattering KingfisherTodiramphus tutus
0%
Chattering LoryLorius garrulus
0%
Checkered WoodpeckerDryobates mixtus
0%
Checker-throated WoodpeckerChrysophlegma mentale
0%
Chestnut-backed ButtonquailTurnix castanotus
0%
Chestnut-backed OwletGlaucidium castanotum
0%
Chestnut-banded PloverCharadrius pallidus
0%
Chestnut-bellied CuckooCoccyzus pluvialis
0%
Chestnut-bellied GuanPenelope ochrogaster
0%
Chestnut-bellied HummingbirdAmazilia castaneiventris
0%
Chestnut-bellied Imperial-PigeonDucula brenchleyi
0%
Chestnut-bellied MalkohaPhaenicophaeus sumatranus
0%
Chestnut-bellied PartridgeArborophila javanica
0%
Chestnut-bellied SandgrousePterocles exustus
0%
Chestnut-breasted CoronetBoissonneaua matthewsii
0%
Chestnut-breasted CuckooCacomantis castaneiventris
0%
Chestnut-breasted MalkohaPhaenicophaeus curvirostris
0%
Chestnut-breasted PartridgeArborophila mandellii
0%
Chestnut-capped PuffbirdBucco macrodactylus
0%
Chestnut-collared SwiftStreptoprocne rutila
0%
Chestnut-colored WoodpeckerCeleus castaneus
0%
Chestnut-eared AracariPteroglossus castanotis
0%
Chestnut-flanked SparrowhawkAccipiter castanilius
0%
Chestnut Forest-RailRallina rubra
0%
Chestnut-fronted MacawAra severus
0%
Chestnut-headed Bee-eaterMerops leschenaulti
0%
Chestnut-headed CrakeAnurolimnas castaneiceps
0%
Chestnut-headed FlufftailSarothrura lugens
0%
Chestnut-headed NunletNonnula amaurocephala
0%
Chestnut-headed PartridgeArborophila cambodiana
0%
Chestnut-naped FrancolinPternistis castaneicollis
0%
Chestnut-necklaced PartridgeArborophila charltonii
0%
Chestnut OwletGlaucidium castaneum
0%
Chestnut PiculetPicumnus cinnamomeus
0%
Chestnut-quilled Rock-PigeonPetrophassa rufipennis
0%
Chestnut RailGallirallus castaneoventris
0%
Chestnut-shouldered GoshawkErythrotriorchis buergersi
0%
Chestnut-tipped ToucanetAulacorhynchus derbianus
0%
Chestnut-winged ChachalacaOrtalis garrula
0%
Chestnut-winged CuckooClamator coromandus
0%
Chestnut WoodpeckerCeleus elegans
0%
Chestnut Wood-QuailOdontophorus hyperythrus
0%
Chilean FlickerColaptes pitius
0%
Chilean PigeonPatagioenas araucana
0%
Chilean SkuaStercorarius chilensis
0%
Chilean TinamouNothoprocta perdicaria
0%
Chilean WoodstarEulidia yarrellii
0%
Chimango CaracaraMilvago chimango
0%
Chimney SwiftChaetura pelagica
0%
Chinese Bamboo-PartridgeBambusicola thoracicus
0%
Chinese BarbetPsilopogon faber
0%
Chinese Crested TernThalasseus bernsteini
0%
Chinese EgretEgretta eulophotes
0%
Chinese FrancolinFrancolinus pintadeanus
0%
Chinese MonalLophophorus lhuysii
0%
Chinese SparrowhawkAccipiter soloensis
0%
Chiribiquete EmeraldChlorostilbon olivaresi
0%
Chiriqui Quail-DoveZentrygon chiriquensis
0%
Choco DaggerbillSchistes albogularis
0%
Chocolate-backed KingfisherHalcyon badia
0%
Chocolate BoobookNinox randi
0%
Choco PoorwillNyctiphrynus rosenbergi
0%
Choco Screech-OwlMegascops centralis
0%
Choco ToucanRamphastos brevis
0%
Choco WoodpeckerDryobates chocoensis
0%
Choiseul PigeonMicrogoura meeki
0%
Christmas Island BoobookNinox natalis
0%
Christmas Island FrigatebirdFregata andrewsi
0%
Christmas Island Imperial-PigeonDucula whartoni
0%
Christmas Island SwiftletCollocalia natalis
0%
Christmas ShearwaterPuffinus nativitatis
0%
Chuck-will's-widowAntrostomus carolinensis
0%
Cinereous HarrierCircus cinereus
0%
Cinnabar BoobookNinox ios
0%
Cinnamon-banded KingfisherTodiramphus australasia
0%
Cinnamon-bellied Imperial-PigeonDucula basilica
0%
Cinnamon BitternIxobrychus cinnamomeus
0%
Cinnamon-chested Bee-eaterMerops oreobates
0%
Cinnamon Ground DoveGallicolumba rufigula
0%
Cinnamon-headed Green-PigeonTreron fulvicollis
0%
Cinnamon HummingbirdAmazilia rutila
0%
Cinnamon-rumped TrogonHarpactes orrhophaeus
0%
Cinnamon Screech-OwlMegascops petersoni
0%
Cinnamon-throated HermitPhaethornis nattereri
0%
Cinnamon WoodpeckerCeleus loricatus
0%
Citreoline TrogonTrogon citreolus
0%
Clapper RailRallus crepitans
0%
Clapperton's FrancolinPternistis clappertoni
0%
Claret-breasted Fruit-DovePtilinopus viridis
0%
Cloud-forest Pygmy-OwlGlaucidium nubicola
0%
Cloud-forest Screech-OwlMegascops marshalli
0%
Cloven-feathered DoveDrepanoptila holosericea
0%
Cobalt-winged ParakeetBrotogeris cyanoptera
0%
CockatielNymphicus hollandicus
0%
Coconut LorikeetTrichoglossus haematodus
0%
Cocos CuckooCoccyzus ferrugineus
0%
Colima Pygmy-OwlGlaucidium palmarum
0%
Collared AracariPteroglossus torquatus
0%
Collared FalconetMicrohierax caerulescens
0%
Collared Forest-FalconMicrastur semitorquatus
0%
Collared Imperial-PigeonDucula mullerii
0%
Collared IncaCoeligena torquata
0%
Collared KingfisherTodiramphus chloris
0%
Collared LoryPhigys solitarius
0%
Collared NightjarGactornis enarratus
0%
Collared OwletGlaucidium brodiei
0%
Collared PetrelPterodroma brevipes
0%
Collared PloverCharadrius collaris
0%
Collared PratincoleGlareola pratincola
0%
Collared PuffbirdBucco capensis
0%
Collared Scops-OwlOtus lettia
0%
Collared SparrowhawkAccipiter cirrocephalus
0%
Collared TrogonTrogon collaris
0%
Colombian ChachalacaOrtalis columbiana
0%
Colombian CrakeMustelirallus colombianus
0%
Colombian GrebePodiceps andinus
0%
Colonist KingfisherTodiramphus colonus
0%
Colorful PufflegEriocnemis mirabilis
0%
Comb-crested JacanaIrediparra gallinacea
0%
Common Black HawkButeogallus anthracinus
0%
Common BronzewingPhaps chalcoptera
0%
Common CuckooCuculus canorus
0%
Common Diving-PetrelPelecanoides urinatrix
0%
Common EiderSomateria mollissima
0%
Common FlamebackDinopium javanense
0%
Common GreenshankTringa nebularia
0%
Common Ground DoveColumbina passerina
0%
Common Hawk-CuckooHierococcyx varius
0%
Common KingfisherAlcedo atthis
0%
Common NighthawkChordeiles minor
0%
Common Paradise-KingfisherTanysiptera galatea
0%
Common PauraqueNyctidromus albicollis
0%
Common PochardAythya ferina
0%
Common PoorwillPhalaenoptilus nuttallii
0%
Common PotooNyctibius griseus
0%
Common RedshankTringa totanus
0%
Common Ringed PloverCharadrius hiaticula
0%
Common SandpiperActitis hypoleucos
0%
Common ScimitarbillRhinopomastus cyanomelas
0%
Common ScoterMelanitta nigra
0%
Common SwiftApus apus
0%
Common Wood-PigeonColumba palumbus
0%
Comoro Blue-PigeonAlectroenas sganzini
0%
Comoro PigeonColumba pollenii
0%
Comoro Scops-OwlOtus pauliani
0%
Comoros Green-PigeonTreron griveaudi
0%
Congo Bay-OwlPhodilus prigoginei
0%
Congo Serpent-EagleDryotriorchis spectabilis
0%
Cook Islands Fruit-DovePtilinopus rarotongensis
0%
Cook's PetrelPterodroma cookii
0%
Cook's SwiftApus cooki
0%
Copper PheasantSyrmaticus soemmerringii
0%
Copper-rumped HummingbirdAmazilia tobaci
0%
Coppersmith BarbetPsilopogon haemacephalus
0%
Coppery-bellied PufflegEriocnemis cupreoventris
0%
Coppery-chested JacamarGalbula pastazae
0%
Coppery EmeraldChlorostilbon russatus
0%
Coppery-headed EmeraldElvira cupreiceps
0%
Coppery MetaltailMetallura theresiae
0%
Coppery-tailed CoucalCentropus cupreicaudus
0%
Coppery ThorntailDiscosura letitiae
0%
Coquerel's CouaCoua coquereli
0%
Coqui FrancolinPeliperdix coqui
0%
Coral-billed Ground-CuckooCarpococcyx renauldi
0%
Corn CrakeCrex crex
0%
Coroneted Fruit-DovePtilinopus coronulatus
0%
Costa Rican Pygmy-OwlGlaucidium costaricanum
0%
Costa Rican SwiftChaetura fumosa
0%
Costa's HummingbirdCalypte costae
0%
Cozumel EmeraldChlorostilbon forficatus
0%
Crab-PloverDromas ardeola
0%
Crane HawkGeranospiza caerulescens
0%
Craveri's MurreletSynthliboramphus craveri
0%
Cream-backed WoodpeckerCampephilus leucopogon
0%
Cream-breasted Fruit-DovePtilinopus merrilli
0%
Cream-colored CourserCursorius cursor
0%
Cream-colored WoodpeckerCeleus flavus
0%
Crescent-chested PuffbirdMalacoptila striata
0%
Crested BarbetTrachyphonus vaillantii
0%
Crested BobwhiteColinus cristatus
0%
Crested CaracaraCaracara cheriway
0%
Crested CouaCoua cristata
0%
Crested Cuckoo-DoveReinwardtoena crassirostris
0%
Crested DuckLophonetta specularioides
0%
Crested FirebackLophura ignita
0%
Crested GoshawkAccipiter trivirgatus
0%
Crested GuanPenelope purpurascens
0%
Crested GuineafowlGuttera pucherani
0%
Crested IbisNipponia nippon
0%
Crested KingfisherMegaceryle lugubris
0%
Crested OwlLophostrix cristata
0%
Crested PartridgeRollulus rouloul
0%
Crested PigeonOcyphaps lophotes
0%
Crested Quail-DoveGeotrygon versicolor
0%
Crested QuetzalPharomachrus antisianus
0%
Crested Serpent-EagleSpilornis cheela
0%
Crested ShelduckTadorna cristata
0%
Crested TreeswiftHemiprocne coronata
0%
Crestless CurassowMitu tomentosum
0%
Crestless FirebackLophura erythrophthalma
0%
Crimson-backed FlamebackChrysocolaptes stricklandi
0%
Crimson-bellied ParakeetPyrrhura perlata
0%
Crimson-bellied WoodpeckerCampephilus haematogaster
0%
Crimson-breasted WoodpeckerDryobates cathpharius
0%
Crimson-crested WoodpeckerCampephilus melanoleucos
0%
Crimson-crowned Fruit-DovePtilinopus porphyraceus
0%
Crimson-fronted BarbetPsilopogon rubricapillus
0%
Crimson-fronted ParakeetPsittacara finschi
0%
Crimson-headed PartridgeHaematortyx sanguiniceps
0%
Crimson-mantled WoodpeckerColaptes rivolii
0%
Crimson RosellaPlatycercus elegans
0%
Crimson-rumped ToucanetAulacorhynchus haematopygus
0%
Crimson Shining-ParrotProsopeia splendens
0%
Crimson TopazTopaza pella
0%
Crimson-winged WoodpeckerPicus puniceus
0%
Croaking Ground DoveColumbina cruziana
0%
Crowned CormorantMicrocarbo coronatus
0%
Crowned HornbillLophoceros alboterminatus
0%
Crowned LapwingVanellus coronatus
0%
Crowned SandgrousePterocles coronatus
0%
Crowned WoodnymphThalurania colombica
0%
Crozet ShagPhalacrocorax melanogenis
0%
Cryptic Forest-FalconMicrastur mintoni
0%
Cuban Black HawkButeogallus gundlachii
0%
Cuban EmeraldChlorostilbon ricordii
0%
Cuban Green WoodpeckerXiphidiopicus percussus
0%
Cuban MacawAra tricolor
0%
Cuban ParakeetPsittacara euops
0%
Cuban ParrotAmazona leucocephala
0%
Cuban Pygmy-OwlGlaucidium siju
0%
Cuban TodyTodus multicolor
0%
Cuban TrogonPriotelus temnurus
0%
Cuckoo-rollerLeptosomus discolor
0%
Curl-crested AracariPteroglossus beauharnaesii
0%
Curlew SandpiperCalidris ferruginea
0%
Curve-billed TinamouNothoprocta curvirostris
0%
Damara Red-billed HornbillTockus damarensis
0%
Damara TernSternula balaenarum
0%
Darjeeling WoodpeckerDendrocopos darjellensis
0%
Dark-backed Imperial-PigeonDucula lacernulata
0%
Dark-backed Wood-QuailOdontophorus melanonotus
0%
Dark-billed CuckooCoccyzus melacoryphus
0%
Dark Chanting-GoshawkMelierax metabates
0%
Dark Hawk-CuckooHierococcyx bocki
0%
Dark-rumped SwiftApus acuticauda
0%
D'Arnaud's BarbetTrachyphonus darnaudii
0%
Darwin's NothuraNothura darwinii
0%
Daurian PartridgePerdix dauurica
0%
Delegorgue's PigeonColumba delegorguei
0%
Denham's BustardNeotis denhami
0%
Derbyan ParakeetPsittacula derbiana
0%
Diabolical NightjarEurostopodus diabolicus
0%
Diademed Sandpiper-PloverPhegornis mitchellii
0%
Diamond DoveGeopelia cuneata
0%
Diard's TrogonHarpactes diardii
0%
Dickinson's KestrelFalco dickinsoni
0%
Dideric CuckooChrysococcyx caprius
0%
Dieffenbach's RailGallirallus dieffenbachii
0%
Dimorphic Dwarf-KingfisherCeyx margarethae
0%
Djibouti FrancolinPternistis ochropectus
0%
DodoRaphus cucullatus
0%
DollarbirdEurystomus orientalis
0%
Donaldson-Smith's NightjarCaprimulgus donaldsoni
0%
Doria's GoshawkMegatriorchis doriae
0%
Dot-eared CoquetteLophornis gouldii
0%
Dot-fronted WoodpeckerDryobates frontalis
0%
Dot-winged CrakePorzana spiloptera
0%
Double-banded CourserSmutsornis africanus
0%
Double-banded PloverCharadrius bicinctus
0%
Double-banded SandgrousePterocles bicinctus
0%
Double-eyed Fig-ParrotCyclopsitta diophthalma
0%
Double-spurred FrancolinPternistis bicalcaratus
0%
Double-toothed BarbetLybius bidentatus
0%
Double-toothed KiteHarpagus bidentatus
0%
Downy WoodpeckerDryobates pubescens
0%
Drab SwiftletCollocalia neglecta
0%
Dry-forest SabrewingCampylopterus calcirupicola
0%
Duchess LorikeetCharmosyna margarethae
0%
Ducorps's CockatooCacatua ducorpsii
0%
Dulit FrogmouthBatrachostomus harterti
0%
Dulit PartridgeRhizothera dulitensis
0%
DunlinCalidris alpina
0%
Dusky-backed JacamarBrachygalba salmoni
0%
Dusky-billed ParrotletForpus modestus
0%
Dusky Eagle-OwlBubo coromandus
0%
Dusky GrouseDendragapus obscurus
0%
Dusky-headed ParakeetAratinga weddellii
0%
Dusky HummingbirdCynanthus sordidus
0%
Dusky-legged GuanPenelope obscura
0%
Dusky Long-tailed CuckooCercococcyx mechowi
0%
Dusky LoryPseudeos fuscata
0%
Dusky MoorhenGallinula tenebrosa
0%
Dusky NightjarAntrostomus saturatus
0%
Dusky ParrotPionus fuscus
0%
Dusky PigeonPatagioenas goodsoni
0%
Dusky ScrubfowlMegapodius freycinet
0%
Dusky StarfrontletCoeligena orina
0%
Dusky-throated HermitPhaethornis squalidus
0%
Dusky Turtle-DoveStreptopelia lugens
0%
Dwarf BitternIxobrychus sturmii
0%
Dwarf CuckooCoccycua pumila
0%
Dwarf Fruit-DovePtilinopus nainus
0%
Dwarf HoneyguideIndicator pumilio
0%
Dwarf KoelMicrodynamis parva
0%
Eared DoveZenaida auriculata
0%
Eared PoorwillNyctiphrynus mcleodii
0%
Eared QuetzalEuptilotis neoxenus
0%
East Brazilian ChachalacaOrtalis araucuan
0%
Eastern BuzzardButeo japonicus
0%
Eastern Chanting-GoshawkMelierax poliopterus
0%
Eastern Marsh-HarrierCircus spilonotus
0%
Eastern Plantain-eaterCrinifer zonurus
0%
Eastern RosellaPlatycercus eximius
0%
Eastern Striolated-PuffbirdNystalus striolatus
0%
Eastern Whip-poor-willAntrostomus vociferus
0%
Eastern Yellow-billed HornbillTockus flavirostris
0%
Eaton's PintailAnas eatoni
0%
Echo ParakeetPsittacula eques
0%
Eclectus ParrotEclectus roratus
0%
Ecuadorian Ground DoveColumbina buckleyi
0%
Ecuadorian HillstarOreotrochilus chimborazo
0%
Ecuadorian PiculetPicumnus sclateri
0%
Ecuadorian PiedtailPhlogophilus hemileucurus
0%
Ecuadorian TrogonTrogon mesurus
0%
Edwards's Fig-ParrotPsittaculirostris edwardsii
0%
Edwards's PheasantLophura edwardsi
0%
Egyptian NightjarCaprimulgus aegyptius
0%
Egyptian PloverPluvianus aegyptius
0%
Egyptian VultureNeophron percnopterus
0%
Elegant Imperial-PigeonDucula concinna
0%
Elegant ParrotNeophema elegans
0%
Elegant QuailCallipepla douglasii
0%
Elegant TernThalasseus elegans
0%
Elegant TrogonTrogon elegans
0%
Eleonora's FalconFalco eleonorae
0%
Elliot's PheasantSyrmaticus ellioti
0%
Elliot's Storm-PetrelOceanites gracilis
0%
Elliot's WoodpeckerChloropicus elliotii
0%
El Oro ParakeetPyrrhura orcesi
0%
Emerald-bellied PufflegEriocnemis aline
0%
Emerald-chinned HummingbirdAbeillia abeillei
0%
Emerald-spotted Wood-DoveTurtur chalcospilos
0%
Emperor GooseAnser canagicus
0%
Empress BrilliantHeliodoxa imperatrix
0%
Enggano Cuckoo-DoveMacropygia cinnamomea
0%
Enggano Scops-OwlOtus enganensis
0%
Erckel's FrancolinPternistis erckelii
0%
Eskimo CurlewNumenius borealis
0%
Esmeraldas WoodstarChaetocercus berlepschi
0%
Eurasian Collared-DoveStreptopelia decaocto
0%
Eurasian DotterelCharadrius morinellus
0%
Eurasian Green WoodpeckerPicus viridis
0%
Eurasian HoopoeUpupa epops
0%
Eurasian Marsh-HarrierCircus aeruginosus
0%
Eurasian MoorhenGallinula chloropus
0%
Eurasian NightjarCaprimulgus europaeus
0%
Eurasian Pygmy-OwlGlaucidium passerinum
0%
Eurasian Scops-OwlOtus scops
0%
Eurasian Thick-kneeBurhinus oedicnemus
0%
Eurasian Three-toed WoodpeckerPicoides tridactylus
0%
Eurasian WoodcockScolopax rusticola
0%
Eurasian WryneckJynx torquilla
0%
European Bee-eaterMerops apiaster
0%
European Golden-PloverPluvialis apricaria
0%
European RollerCoracias garrulus
0%
European ShagPhalacrocorax aristotelis
0%
European Storm-PetrelHydrobates pelagicus
0%
European Turtle-DoveStreptopelia turtur
0%
Everett's Scops-OwlOtus everetti
0%
Fairy LorikeetCharmosyna pulchella
0%
Fairy PrionPachyptila turtur
0%
Falkland Steamer-DuckTachyeres brachypterus
0%
Fan-tailed CuckooCacomantis flabelliformis
0%
Far Eastern CurlewNumenius madagascariensis
0%
Fasciated Snake-EagleCircaetus fasciolatus
0%
Fasciated Tiger-HeronTigrisoma fasciatum
0%
Fawn-breasted BrilliantHeliodoxa rubinoides
0%
Fearful OwlNesasio solomonensis
0%
Fea's PetrelPterodroma feae
0%
Feline Owlet-nightjarAegotheles insignis
0%
Fernandina's FlickerColaptes fernandinae
0%
Ferruginous DuckAythya nyroca
0%
Ferruginous PartridgeCaloperdix oculeus
0%
Festive CoquetteLophornis chalybeus
0%
Festive ParrotAmazona festiva
0%
Fiery-billed AracariPteroglossus frantzii
0%
Fiery-necked NightjarCaprimulgus pectoralis
0%
Fiery-shouldered ParakeetPyrrhura egregia
0%
Fiery-tailed AwlbillAvocettula recurvirostris
0%
Fiery-throated HummingbirdPanterpe insignis
0%
Fiery TopazTopaza pyra
0%
Fiji GoshawkAccipiter rufitorques
0%
Fiji PetrelPseudobulweria macgillivrayi
0%
Fine-barred PiculetPicumnus subtilis
0%
Fine-spotted WoodpeckerCampethera punctuligera
0%
Finsch's FrancolinScleroptila finschi
0%
Finsch's Imperial-PigeonDucula finschii
0%
Finsch's Pygmy-ParrotMicropsitta finschii
0%
Fire-bellied WoodpeckerChloropicus pyrrhogaster
0%
Fire-throated MetaltailMetallura eupogon
0%
Fire-tufted BarbetPsilopogon pyrolophus
0%
Fischer's LovebirdAgapornis fischeri
0%
Fischer's TuracoTauraco fischeri
0%
Five-colored BarbetCapito quinticolor
0%
Flame-breasted Fruit-DovePtilinopus marchei
0%
Flame-fronted BarbetPsilopogon armillaris
0%
Flammulated OwlPsiloscops flammeolus
0%
Flat-billed KingfisherTodiramphus recurvirostris
0%
Flesh-footed ShearwaterArdenna carneipes
0%
Flightless CormorantPhalacrocorax harrisi
0%
Flightless Steamer-DuckTachyeres pteneres
0%
Flock BronzewingPhaps histrionica
0%
Flores Green-PigeonTreron floris
0%
Flores Hawk-EagleNisaetus floris
0%
Flores Scops-OwlOtus alfredi
0%
Flores Sea Cuckoo-DoveMacropygia macassariensis
0%
Fluttering ShearwaterPuffinus gavia
0%
Flying Steamer-DuckTachyeres patachonicus
0%
Foothill Screech-OwlMegascops roraimae
0%
Forbes's PloverCharadrius forbesi
0%
Forbes's RailRallina forbesi
0%
Forbes-Watson's SwiftApus berliozi
0%
Forest BitternZonerodius heliosylus
0%
Forest BuzzardButeo trizonatus
0%
Forest KingfisherTodiramphus macleayii
0%
Forest WoodhoopoePhoeniculus castaneiceps
0%
Fork-tailed Drongo-CuckooSurniculus dicruroides
0%
Fork-tailed Palm-SwiftTachornis squamata
0%
Fork-tailed Storm-PetrelOceanodroma furcata
0%
Fork-tailed WoodnymphThalurania furcata
0%
Forsten's ScrubfowlMegapodius forsteni
0%
Four-banded SandgrousePterocles quadricinctus
0%
Fox KestrelFalco alopex
0%
Frances's SparrowhawkAccipiter francesiae
0%
Franklin's GullLeucophaeus pipixcan
0%
Fraser's Eagle-OwlBubo poensis
0%
Freckle-breasted WoodpeckerDendrocopos analis
0%
Freckled NightjarCaprimulgus tristigma
0%
Frilled CoquetteLophornis magnificus
0%
Fuegian SnipeGallinago stricklandii
0%
Fulmar PrionPachyptila crassirostris
0%
Fulvous-breasted WoodpeckerDendrocopos macei
0%
Fulvous-chinned NunletNonnula sclateri
0%
Fulvous OwlStrix fulvescens
0%
Gabar GoshawkMicronisus gabar
0%
Gabon CoucalCentropus anselli
0%
Gabon WoodpeckerChloropicus gabonensis
0%
GalahEolophus roseicapilla
0%
Galapagos DoveZenaida galapagoensis
0%
Galapagos PetrelPterodroma phaeopygia
0%
Galapagos RailLaterallus spilonota
0%
Galapagos ShearwaterPuffinus subalaris
0%
Gang-gang CockatooCallocephalon fimbriatum
0%
Garden EmeraldChlorostilbon assimilis
0%
Garnet-throated HummingbirdLamprolaima rhami
0%
Gartered TrogonTrogon caligatus
0%
Geelvink Pygmy-ParrotMicropsitta geelvinkiana
0%
Geoffroy's DaggerbillSchistes geoffroyi
0%
Germain's Peacock-PheasantPolyplectron germaini
0%
Germain's SwiftletAerodramus germani
0%
Giant CouaCoua gigas
0%
Giant HummingbirdPatagona gigas
0%
Giant KingfisherMegaceryle maxima
0%
Giant Scops-OwlOtus gurneyi
0%
Giant SnipeGallinago undulata
0%
Gila WoodpeckerMelanerpes uropygialis
0%
Gilded BarbetCapito auratus
0%
Gilded FlickerColaptes chrysoides
0%
Gilded HummingbirdHylocharis chrysura
0%
Glaucous MacawAnodorhynchus glaucus
0%
Glittering-bellied EmeraldChlorostilbon lucidus
0%
Glittering-throated EmeraldAmazilia fimbriata
0%
Glossy Black-CockatooCalyptorhynchus lathami
0%
Glossy SwiftletCollocalia esculenta
0%
Glowing PufflegEriocnemis vestita
0%
Glow-throated HummingbirdSelasphorus ardens
0%
Golden-bellied StarfrontletCoeligena bonapartei
0%
Golden-breasted PufflegEriocnemis mosquera
0%
Golden-capped ParakeetAratinga auricapillus
0%
Golden-cheeked WoodpeckerMelanerpes chrysogenys
0%
Golden-collared ToucanetSelenidera reinwardtii
0%
Golden-collared WoodpeckerDryobates cassini
0%
Golden-crowned EmeraldChlorostilbon auriceps
0%
Golden-crowned WoodpeckerChloropicus xantholophus
0%
Golden DovePtilinopus luteovirens
0%
Golden-fronted WoodpeckerMelanerpes aurifrons
0%
Golden-green WoodpeckerPiculus chrysochloros
0%
Golden-headed QuetzalPharomachrus auriceps
0%
Golden-mantled Racquet-tailPrioniturus platurus
0%
Golden Masked-OwlTyto aurantia
0%
Golden-naped BarbetPsilopogon pulcherrimus
0%
Golden-naped WoodpeckerMelanerpes chrysauchen
0%
Golden NightjarCaprimulgus eximius
0%
Golden-olive WoodpeckerColaptes rubiginosus
0%
Golden ParakeetGuaruba guarouba
0%
Golden-plumed ParakeetLeptosittaca branickii
0%
Golden-shouldered ParrotPsephotus chrysopterygius
0%
Golden-spangled PiculetPicumnus exilis
0%
Golden-spotted Ground DoveMetriopelia aymara
0%
Golden-tailed ParrotletTouit surdus
0%
Golden-tailed SapphireChrysuronia oenone
0%
Golden-tailed WoodpeckerCampethera abingoni
0%
Golden-throated BarbetPsilopogon franklinii
0%
Golden-winged ParakeetBrotogeris chrysoptera
0%
Goldie's LorikeetPsitteuteles goldiei
0%
Gold-whiskered BarbetPsilopogon chrysopogon
0%
Goliath CoucalCentropus goliath
0%
Goliath HeronArdea goliath
0%
Gorgeted PufflegEriocnemis isabellae
0%
Gorgeted SunangelHeliangelus strophianus
0%
Gorgeted Wood-QuailOdontophorus strophium
0%
Gorgeted WoodstarChaetocercus heliodor
0%
Gough MoorhenGallinula comeri
0%
Gould's FrogmouthBatrachostomus stellatus
0%
Gould's JewelfrontHeliodoxa aurescens
0%
Gould's PetrelPterodroma leucoptera
0%
Gould's ToucanetSelenidera gouldii
0%
Grasshopper BuzzardButastur rufipennis
0%
Gray-and-buff WoodpeckerHemicircus concretus
0%
Gray-backed HawkPseudastur occidentalis
0%
Gray-backed Storm-PetrelGarrodia nereis
0%
Gray-backed TernOnychoprion lunatus
0%
Gray-bellied CometTaphrolesbia griseiventris
0%
Gray-bellied CuckooCacomantis passerinus
0%
Gray-bellied HawkAccipiter poliogaster
0%
Gray-breasted CrakeLaterallus exilis
0%
Gray-breasted FrancolinPternistis rufopictus
0%
Gray-breasted Mountain-ToucanAndigena hypoglauca
0%
Gray-breasted ParakeetPyrrhura griseipectus
0%
Gray-breasted PartridgeArborophila orientalis
0%
Gray-breasted SabrewingCampylopterus largipennis
0%
Gray-breasted WoodpeckerMelanerpes hypopolius
0%
Gray-capped CuckooCoccyzus lansbergi
0%
Gray-capped WoodpeckerYungipicus canicapillus
0%
Gray-cheeked Green-PigeonTreron griseicauda
0%
Gray-cheeked NunletNonnula frontalis
0%
Gray-cheeked ParakeetBrotogeris pyrrhoptera
0%
Gray-chested DoveLeptotila cassinii
0%
Gray-chinned HermitPhaethornis griseogularis
0%
Gray-crowned WoodpeckerColaptes auricularis
0%
Gray-faced BuzzardButastur indicus
0%
Gray-faced PetrelPterodroma gouldi
0%
Gray FalconFalco hypoleucos
0%
Gray-fronted DoveLeptotila rufaxilla
0%
Gray-fronted Green-PigeonTreron affinis
0%
Gray-fronted Quail-DoveGeotrygon caniceps
0%
Gray Go-away-birdCorythaixoides concolor
0%
Gray-green Fruit-DovePtilinopus purpuratus
0%
Gray HawkButeo plagiatus
0%
Gray-headed AlbatrossThalassarche chrysostoma
0%
Gray-headed ChachalacaOrtalis cinereiceps
0%
Gray-headed DoveLeptotila plumbeiceps
0%
Gray-headed Fish-EagleHaliaeetus ichthyaetus
0%
Gray-headed Fruit-DovePtilinopus hyogastrus
0%
Gray-headed GoshawkAccipiter poliocephalus
0%
Gray-headed Imperial-PigeonDucula radiata
0%
Gray-headed KingfisherHalcyon leucocephala
0%
Gray-headed LapwingVanellus cinereus
0%
Gray-headed LovebirdAgapornis canus
0%
Gray-headed ParakeetPsittacula finschii
0%
Gray-headed SwamphenPorphyrio poliocephalus
0%
Gray-headed WoodpeckerPicus canus
0%
Gray-hooded GullChroicocephalus cirrocephalus
0%
Gray-hooded ParakeetPsilopsiagon aymara
0%
Gray Imperial-PigeonDucula pickeringii
0%
Grayish Eagle-OwlBubo cinerascens
0%
Grayish PiculetPicumnus granadensis
0%
Gray KestrelFalco ardosiaceus
0%
Gray-legged TinamouCrypturellus duidae
0%
Gray-lined HawkButeo nitidus
0%
Gray NightjarCaprimulgus jotaka
0%
Gray NoddyAnous albivitta
0%
Gray ParrotPsittacus erithacus
0%
Gray PartridgePerdix perdix
0%
Gray Peacock-PheasantPolyplectron bicalcaratum
0%
Gray PetrelProcellaria cinerea
0%
Gray PratincoleGlareola cinerea
0%
Gray-rumped SwiftChaetura cinereiventris
0%
Gray-rumped SwiftletCollocalia marginata
0%
Gray-rumped TreeswiftHemiprocne longipennis
0%
Gray-striped FrancolinPternistis griseostriatus
0%
Gray-tailed TattlerTringa brevipes
0%
Gray TealAnas gracilis
0%
Gray-throated BarbetGymnobucco bonapartei
0%
Gray-throated RailCanirallus oculeus
0%
Gray TinamouTinamus tao
0%
Gray-winged FrancolinScleroptila afra
0%
Great BarbetPsilopogon virens
0%
Great-billed HermitPhaethornis malaris
0%
Great-billed KingfisherPelargopsis melanorhyncha
0%
Great-billed ParrotTanygnathus megalorynchos
0%
Great BitternBotaurus stellaris
0%
Great Black HawkButeogallus urubitinga
0%
Great Blue TuracoCorythaeola cristata
0%
Great Crested TernThalasseus bergii
0%
Great Cuckoo-DoveReinwardtoena reinwardti
0%
Great Dusky SwiftCypseloides senex
0%
Great Eared-NightjarLyncornis macrotis
0%
Greater AniCrotophaga major
0%
Greater Antillean NightjarAntrostomus cubanensis
0%
Greater Black CoucalCentropus menbeki
0%
Greater BluebonnetNorthiella haematogaster
0%
Greater CoucalCentropus sinensis
0%
Greater FlamebackChrysocolaptes guttacristatus
0%
Greater HoneyguideIndicator indicator
0%
Greater KestrelFalco rupicoloides
0%
Greater Painted-SnipeRostratula benghalensis
0%
Greater RoadrunnerGeococcyx californianus
0%
Greater Sand-PloverCharadrius leschenaultii
0%
Greater Spotted EagleClanga clanga
0%
Greater Vasa ParrotCoracopsis vasa
0%
Greater YellowlegsTringa melanoleuca
0%
Greater YellownapeChrysophlegma flavinucha
0%
Great Green MacawAra ambiguus
0%
Great HornbillBuceros bicornis
0%
Great JacamarJacamerops aureus
0%
Great KnotCalidris tenuirostris
0%
Great Lizard-CuckooCoccyzus merlini
0%
Great PotooNyctibius grandis
0%
Great SapphirewingPterophanes cyanopterus
0%
Great ShearwaterArdenna gravis
0%
Great SkuaStercorarius skua
0%
Great Slaty WoodpeckerMulleripicus pulverulentus
0%
Great SnipeGallinago media
0%
Great Spotted CuckooClamator glandarius
0%
Great Spotted WoodpeckerDendrocopos major
0%
Great Swallow-tailed SwiftPanyptila sanctihieronymi
0%
Great Thick-kneeEsacus recurvirostris
0%
Great-winged PetrelPterodroma macroptera
0%
Green-and-rufous KingfisherChloroceryle inda
0%
Green-and-white HummingbirdAmazilia viridicauda
0%
Green AracariPteroglossus viridis
0%
Green-backed FirecrownSephanoides sephaniodes
0%
Green-backed HillstarUrochroa leucura
0%
Green-backed HoneyguideProdotiscus zambesiae
0%
Green-backed KingfisherActenoides monachus
0%
Green-backed TrogonTrogon viridis
0%
Green-backed WoodpeckerCampethera cailliautii
0%
Green BarbetStactolaema olivacea
0%
Green-barred WoodpeckerColaptes melanochloros
0%
Green-bearded HelmetcrestOxypogon guerinii
0%
Green Bee-eaterMerops orientalis
0%
Green-bellied HummingbirdAmazilia viridigaster
0%
Green-billed CoucalCentropus chlororhynchos
0%
Green-billed MalkohaPhaenicophaeus tristis
0%
Green-breasted MangoAnthracothorax prevostii
0%
Green-breasted Mountain-gemLampornis sybillae
0%
Green-cheeked ParakeetPyrrhura molinae
0%
Green-crowned BrilliantHeliodoxa jacula
0%
Green-crowned PlovercrestStephanoxis lalandi
0%
Green-eared BarbetPsilopogon faiostrictus
0%
Green-fronted Hanging-ParrotLoriculus tener
0%
Green-fronted HummingbirdAmazilia viridifrons
0%
Green-fronted LancebillDoryfera ludovicae
0%
Green-headed HillstarOreotrochilus stolzmanni
0%
Green HermitPhaethornis guy
0%
Green Imperial-PigeonDucula aenea
0%
Greenish PufflegHaplophaedia aureliae
0%
Green KingfisherChloroceryle americana
0%
Green MalkohaCeuthmochares australis
0%
Green MangoAnthracothorax viridis
0%
Green ParakeetPsittacara holochlorus
0%
Green Racquet-tailPrioniturus luconensis
0%
Green RosellaPlatycercus caledonicus
0%
Green-rumped ParrotletForpus passerinus
0%
Green SandpiperTringa ochropus
0%
Green-spectacled Green-PigeonTreron oxyurus
0%
Green-tailed EmeraldChlorostilbon alice
0%
Green-tailed GoldenthroatPolytmus theresiae
0%
Green-tailed JacamarGalbula galbula
0%
Green-tailed TrainbearerLesbia nuna
0%
Green ThorntailDiscosura conversii
0%
Green-throated CaribEulampis holosericeus
0%
Green-throated MangoAnthracothorax viridigula
0%
Green-throated Mountain-gemLampornis viridipallens
0%
Green TinkerbirdPogoniulus simplex
0%
Green WoodhoopoePhoeniculus purpureus
0%
Grenada DoveLeptotila wellsi
0%
Groove-billed AniCrotophaga sulcirostris
0%
Groove-billed ToucanetAulacorhynchus sulcatus
0%
Ground ParrotPezoporus wallicus
0%
Ground WoodpeckerGeocolaptes olivaceus
0%
Guadalcanal Dwarf-KingfisherCeyx nigromaxilla
0%
Guadalupe CaracaraCaracara lutosa
0%
Guadalupe MurreletSynthliboramphus hypoleucus
0%
Guadalupe Storm-PetrelOceanodroma macrodactyla
0%
Guadeloupe ParakeetPsittacara labati
0%
Guadeloupe ParrotAmazona violacea
0%
Guadeloupe WoodpeckerMelanerpes herminieri
0%
GuaiaberoBolbopsittacus lunulatus
0%
Guam KingfisherTodiramphus cinnamominus
0%
Guam RailGallirallus owstoni
0%
Guayaquil WoodpeckerCampephilus gayaquilensis
0%
Guianan PuffbirdNotharchus macrorhynchos
0%
Guianan ToucanetSelenidera piperivora
0%
Guianan TrogonTrogon violaceus
0%
Guinea TuracoTauraco persa
0%
Guira CuckooGuira guira
0%
Gull-billed TernGelochelidon nilotica
0%
Gundlach's HawkAccipiter gundlachi
0%
Gunnison Sage-GrouseCentrocercus minimus
0%
Gurney's EagleAquila gurneyi
0%
Hadada IbisBostrychia hagedash
0%
Hainan PartridgeArborophila ardens
0%
Hainan Peacock-PheasantPolyplectron katsumatae
0%
Hairy-breasted BarbetTricholaema hirsuta
0%
Hairy WoodpeckerDryobates villosus
0%
Half-collared KingfisherAlcedo semitorquata
0%
Halmahera BoobookNinox hypogramma
0%
Halmahera SwiftletAerodramus infuscatus
0%
Handsome FrancolinPternistis nobilis
0%
Hantu BoobookNinox squamipila
0%
HardheadAythya australis
0%
Harlequin DuckHistrionicus histrionicus
0%
Harlequin QuailCoturnix delegorguei
0%
Hartlaub's BustardLissotis hartlaubii
0%
Hartlaub's FrancolinPternistis hartlaubi
0%
Hartlaub's GullChroicocephalus hartlaubii
0%
Hartlaub's TuracoTauraco hartlaubi
0%
Harwood's FrancolinPternistis harwoodi
0%
Hawaiian CootFulica alai
0%
Hawaiian HawkButeo solitarius
0%
Hawaiian PetrelPterodroma sandwichensis
0%
Hawaiian RailZapornia sandwichensis
0%
Hawkins's RailDiaphorapteryx hawkinsi
0%
Heard Island ShagPhalacrocorax nivalis
0%
Heart-spotted WoodpeckerHemicircus canente
0%
Heermann's GullLarus heermanni
0%
Heinroth's ShearwaterPuffinus heinrothi
0%
Helmeted GuineafowlNumida meleagris
0%
Helmeted HornbillBuceros vigil
0%
Helmeted WoodpeckerCeleus galeatus
0%
Hemprich's HornbillLophoceros hemprichii
0%
Henderson Island CrakeZapornia atra
0%
Henderson Island Fruit-DovePtilinopus insularis
0%
Henderson PetrelPterodroma atrata
0%
Henst's GoshawkAccipiter henstii
0%
Herald PetrelPterodroma heraldica
0%
Heuglin's BustardNeotis heuglinii
0%
Heuglin's FrancolinPternistis icterorhynchus
0%
Highland GuanPenelopina nigra
0%
Highland TinamouNothocercus bonapartei
0%
Hildebrandt's FrancolinPternistis hildebrandti
0%
Hill PigeonColumba rupestris
0%
Himalayan BuzzardButeo refectus
0%
Himalayan CuckooCuculus saturatus
0%
Himalayan FlamebackDinopium shorii
0%
Himalayan OwlStrix nivicolum
0%
Himalayan QuailOphrysia superciliosa
0%
Himalayan SwiftletAerodramus brevirostris
0%
Himalayan WoodpeckerDendrocopos himalayensis
0%
Hispaniolan EmeraldChlorostilbon swainsonii
0%
Hispaniolan Lizard-CuckooCoccyzus longirostris
0%
Hispaniolan ParakeetPsittacara chloropterus
0%
Hispaniolan ParrotAmazona ventralis
0%
Hispaniolan TrogonPriotelus roseigaster
0%
Hispaniolan WoodpeckerMelanerpes striatus
0%
Hoary-headed GrebePoliocephalus poliocephalus
0%
Hoary PufflegHaplophaedia lugens
0%
Hodgen's WaterhenTribonyx hodgenorum
0%
Hodgson's FrogmouthBatrachostomus hodgsoni
0%
Hodgson's Hawk-CuckooHierococcyx nisicolor
0%
Hoffmann's WoodpeckerMelanerpes hoffmannii
0%
Honduran EmeraldAmazilia luciae
0%
Hooded GrebePodiceps gallardoi
0%
Hooded Mountain-ToucanAndigena cucullata
0%
Hooded ParrotPsephotus dissimilis
0%
Hooded PloverThinornis cucullatus
0%
Hooded TinamouNothocercus nigrocapillus
0%
Hooded VisorbearerAugastes lumachella
0%
Hooded VultureNecrosyrtes monachus
0%
Hook-billed HermitGlaucis dohrnii
0%
Hook-billed KingfisherMelidora macrorrhina
0%
Hook-billed KiteChondrohierax uncinatus
0%
Horned CootFulica cornuta
0%
Horned CurassowPauxi unicornis
0%
Horned GuanOreophasis derbianus
0%
Horned ParakeetEunymphicus cornutus
0%
Horned SungemHeliactin bilophus
0%
Horsfield's Bronze-CuckooChrysococcyx basalis
0%
Horus SwiftApus horus
0%
Hottentot ButtonquailTurnix hottentottus
0%
House SwiftApus nipalensis
0%
Huayco TinamouRhynchotus maculicollis
0%
Humblot's HeronArdea humbloti
0%
Humboldt's SapphireHylocharis humboldtii
0%
Hume's BoobookNinox obscura
0%
Hume's PheasantSyrmaticus humiae
0%
Hutton's ShearwaterPuffinus huttoni
0%
Hyacinth MacawAnodorhynchus hyacinthinus
0%
Hyacinth VisorbearerAugastes scutatus
0%
Iberian Green WoodpeckerPicus sharpei
0%
Iceland GullLarus glaucoides
0%
Imitator SparrowhawkAccipiter imitator
0%
Imperial CormorantPhalacrocorax atriceps
0%
Imperial ParrotAmazona imperialis
0%
Imperial SnipeGallinago imperialis
0%
Imperial WoodpeckerCampephilus imperialis
0%
Inaccessible Island RailAtlantisia rogersi
0%
Inagua WoodstarNesophlox lyrura
0%
Inca DoveColumbina inca
0%
Indian CormorantPhalacrocorax fuscicollis
0%
Indian CourserCursorius coromandelicus
0%
Indian CuckooCuculus micropterus
0%
Indian Gray HornbillOcyceros birostris
0%
Indian NightjarCaprimulgus asiaticus
0%
Indian RollerCoracias benghalensis
0%
Indian Scops-OwlOtus bakkamoena
0%
Indian Spotted EagleClanga hastata
0%
Indian SwiftletAerodramus unicolor
0%
Indian Thick-kneeBurhinus indicus
0%
Indigo-banded KingfisherCeyx cyanopectus
0%
Indigo-capped HummingbirdAmazilia cyanifrons
0%
Indigo MacawAnodorhynchus leari
0%
Indigo-winged ParrotHapalopsittaca fuertesi
0%
Indochinese BarbetPsilopogon annamensis
0%
Indochinese RollerCoracias affinis
0%
Inland DotterelPeltohyas australis
0%
Intermediate EgretArdea intermedia
0%
Invisible RailGallirallus wallacii
0%
Iris LorikeetPsitteuteles iris
0%
Isabelline Bush-henAmaurornis isabellina
0%
Island Collared-DoveStreptopelia bitorquata
0%
Island Imperial-PigeonDucula pistrinaria
0%
Itombwe NightjarCaprimulgus prigoginei
0%
Ivory-billed AracariPteroglossus azara
0%
Ivory-billed WoodpeckerCampephilus principalis
0%
Ivory GullPagophila eburnea
0%
Jackal BuzzardButeo rufofuscus
0%
Jack SnipeLymnocryptes minimus
0%
Jackson's FrancolinPternistis jacksoni
0%
Jackson's HornbillTockus jacksoni
0%
Jamaican Lizard-CuckooCoccyzus vetula
0%
Jamaican MangoAnthracothorax mango
0%
Jamaican OwlPseudoscops grammicus
0%
Jamaican PauraqueSiphonorhis americana
0%
Jamaican TodyTodus todus
0%
Jamaican WoodpeckerMelanerpes radiolatus
0%
Jambu Fruit-DovePtilinopus jambu
0%
Jameson's SnipeGallinago jamesoni
0%
Jandaya ParakeetAratinga jandaya
0%
Japanese CormorantPhalacrocorax capillatus
0%
Japanese MurreletSynthliboramphus wumizusume
0%
Japanese Night-HeronGorsachius goisagi
0%
Japanese Scops-OwlOtus semitorques
0%
Japanese SparrowhawkAccipiter gularis
0%
Japanese WoodpeckerPicus awokera
0%
Japanese Wood-PigeonColumba janthina
0%
Javan FlamebackChrysocolaptes strictus
0%
Javan FrogmouthBatrachostomus javensis
0%
Javan Hawk-EagleNisaetus bartelsi
0%
Javan KingfisherHalcyon cyanoventris
0%
Javan LapwingVanellus macropterus
0%
Javan OwletGlaucidium castanopterum
0%
Javan PloverCharadrius javanicus
0%
Javan Pond-HeronArdeola speciosa
0%
Javan Scops-OwlOtus angelinae
0%
Javan TrogonHarpactes reinwardtii
0%
Javan WoodcockScolopax saturata
0%
Jerdon's BazaAviceda jerdoni
0%
Jerdon's CourserRhinoptilus bitorquatus
0%
Jerdon's NightjarCaprimulgus atripennis
0%
Josephine's LorikeetCharmosyna josefinae
0%
Jouanin's PetrelBulweria fallax
0%
Juan Fernandez FirecrownSephanoides fernandensis
0%
Juan Fernandez PetrelPterodroma externa
0%
Jungle Bush-QuailPerdicula asiatica
0%
Jungle NightjarCaprimulgus indicus
0%
Jungle OwletGlaucidium radiatum
0%
Junin GrebePodiceps taczanowskii
0%
Kaempfer's WoodpeckerCeleus obrieni
0%
KakapoStrigops habroptila
0%
Kalij PheasantLophura leucomelanos
0%
Karoo BustardEupodotis vigorsii
0%
Kawall's ParrotAmazona kawalli
0%
KeaNestor notabilis
0%
Keel-billed MotmotElectron carinatum
0%
Keel-billed ToucanRamphastos sulfuratus
0%
Kentish PloverCharadrius alexandrinus
0%
Kerguelen PetrelAphrodroma brevirostris
0%
Kerguelen ShagPhalacrocorax verrucosus
0%
Kerguelen TernSterna virgata
0%
Kermadec PetrelPterodroma neglecta
0%
Key West Quail-DoveGeotrygon chrysia
0%
King EiderSomateria spectabilis
0%
Kiritimati SandpiperProsobonia cancellata
0%
Kittlitz's MurreletBrachyramphus brevirostris
0%
Kittlitz's PloverCharadrius pecuarius
0%
Klaas's CuckooChrysococcyx klaas
0%
Knobbed HornbillRhyticeros cassidix
0%
Knob-billed Fruit-DovePtilinopus insolitus
0%
Knysna TuracoTauraco corythaix
0%
Knysna WoodpeckerCampethera notata
0%
Koepcke's HermitPhaethornis koepckeae
0%
Koepcke's Screech-OwlMegascops koepckeae
0%
Kofiau Paradise-KingfisherTanysiptera ellioti
0%
Koklass PheasantPucrasia macrolopha
0%
Kosrae CrakeZapornia monasa
0%
Kosrae Fruit-DovePtilinopus hernsheimi
0%
Kuhl's LorikeetVini kuhlii
0%
Labrador DuckCamptorhynchus labradorius
0%
Laced WoodpeckerPicus vittatus
0%
Ladder-backed WoodpeckerDryobates scalaris
0%
Ladder-tailed NightjarHydropsalis climacocerca
0%
Lafresnaye's PiculetPicumnus lafresnayi
0%
Laggar FalconFalco jugger
0%
Lanceolated MonkletMicromonacha lanceolata
0%
Lanner FalconFalco biarmicus
0%
Large-billed TernPhaetusa simplex
0%
Large Fig-ParrotPsittaculirostris desmarestii
0%
Large FrogmouthBatrachostomus auritus
0%
Large Green-PigeonTreron capellei
0%
Large Hawk-CuckooHierococcyx sparverioides
0%
Large St. Helena PetrelPterodroma rupinarum
0%
Large-tailed DoveLeptotila megalura
0%
Large-tailed NightjarCaprimulgus macrurus
0%
Latham's FrancolinPeliperdix lathami
0%
Latham's SnipeGallinago hardwickii
0%
Lattice-tailed TrogonTrogon clathratus
0%
Laughing DoveStreptopelia senegalensis
0%
Laughing FalconHerpetotheres cachinnans
0%
Laughing KookaburraDacelo novaeguineae
0%
Laughing OwlSceloglaux albifacies
0%
Laurel PigeonColumba junoniae
0%
Layard's ParakeetPsittacula calthrapae
0%
Laysan AlbatrossPhoebastria immutabilis
0%
Laysan RailZapornia palmeri
0%
Lazuli KingfisherTodiramphus lazuli
0%
Lazuline SabrewingCampylopterus falcatus
0%
Leach's Storm-PetrelOceanodroma leucorhoa
0%
Leaf LorikeetTrichoglossus weberi
0%
Least AukletAethia pusilla
0%
Least BoobookNinox sumbaensis
0%
Least GrebeTachybaptus dominicus
0%
Least HoneyguideIndicator exilis
0%
Least NighthawkChordeiles pusillus
0%
Least PauraqueSiphonorhis brewsteri
0%
Least Pygmy-OwlGlaucidium minutissimum
0%
Least SandpiperCalidris minutilla
0%
Least SeedsnipeThinocorus rumicivorus
0%
Least Storm-PetrelOceanodroma microsoma
0%
Legge's Hawk-EagleNisaetus kelaarti
0%
Lemon DoveColumba larvata
0%
Lemon-throated BarbetEubucco richardsoni
0%
Lesser Antillean SwiftChaetura martinica
0%
Lesser Black-backed GullLarus fuscus
0%
Lesser Black CoucalCentropus bernsteini
0%
Lesser CoucalCentropus bengalensis
0%
Lesser Crested TernThalasseus bengalensis
0%
Lesser CuckooCuculus poliocephalus
0%
Lesser Fish-EagleHaliaeetus humilis
0%
Lesser FloricanSypheotides indicus
0%
Lesser FrigatebirdFregata ariel
0%
Lesser Ground-CuckooMorococcyx erythropygus
0%
Lesser HoneyguideIndicator minor
0%
Lesser JacanaMicroparra capensis
0%
Lesser KestrelFalco naumanni
0%
Lesser Masked-OwlTyto sororcula
0%
Lesser MoorhenParagallinula angulata
0%
Lesser NighthawkChordeiles acutipennis
0%
Lesser NoddyAnous tenuirostris
0%
Lesser NothuraNothura minor
0%
Lesser RoadrunnerGeococcyx velox
0%
Lesser Sand-PloverCharadrius mongolus
0%
Lesser Spotted EagleClanga pomarina
0%
Lesser Spotted WoodpeckerDryobates minor
0%
Lesser Swallow-tailed SwiftPanyptila cayennensis
0%
Lesser Vasa ParrotCoracopsis nigra
0%
Lesser VioletearColibri cyanotus
0%
Lesser YellowlegsTringa flavipes
0%
Lesser YellownapePicus chlorolophus
0%
Lesson's MotmotMomotus lessonii
0%
Lettered AracariPteroglossus inscriptus
0%
Letter-winged KiteElanus scriptus
0%
Levaillant's CuckooClamator levaillantii
0%
Levaillant's WoodpeckerPicus vaillantii
0%
Levant SparrowhawkAccipiter brevipes
0%
Lewin's RailLewinia pectoralis
0%
Lewis's WoodpeckerMelanerpes lewis
0%
Lichtenstein's SandgrousePterocles lichtensteinii
0%
Light-mantled AlbatrossPhoebetria palpebrata
0%
Lilac-breasted RollerCoracias caudatus
0%
Lilac-cheeked KingfisherCittura cyanotis
0%
Lilac-crowned ParrotAmazona finschi
0%
Lilac-tailed ParrotletTouit batavicus
0%
Lilian's LovebirdAgapornis lilianae
0%
Lineated BarbetPsilopogon lineatus
0%
Lineated WoodpeckerDryocopus lineatus
0%
Lined Forest-FalconMicrastur gilvicollis
0%
Lined Quail-DoveZentrygon linearis
0%
Lita WoodpeckerPiculus litae
0%
Little BarbetPsilopogon australis
0%
Little Bee-eaterMerops pusillus
0%
Little BitternIxobrychus minutus
0%
Little Black CormorantPhalacrocorax sulcirostris
0%
Little Bronze-CuckooChrysococcyx minutillus
0%
Little Brown BustardEupodotis humilis
0%
Little ButtonquailTurnix velox
0%
Little CorellaCacatua sanguinea
0%
Little CormorantMicrocarbo niger
0%
Little CrakeZapornia parva
0%
Little CuckooCoccycua minuta
0%
Little Cuckoo-DoveMacropygia ruficeps
0%
Little CurlewNumenius minutus
0%
Little EagleHieraaetus morphnoides
0%
Little Gray WoodpeckerChloropicus elachus
0%
Little Green-PigeonTreron olax
0%
Little Green WoodpeckerCampethera maculosa
0%
Little GullHydrocoloeus minutus
0%
Little HermitPhaethornis longuemareus
0%
Little KingfisherCeyx pusillus
0%
Little LorikeetGlossopsitta pusilla
0%
Little NightjarSetopagis parvula
0%
Little Paradise-KingfisherTanysiptera hydrocharis
0%
Little Pied CormorantMicrocarbo melanoleucos
0%
Little Ringed PloverCharadrius dubius
0%
Little ShearwaterPuffinus assimilis
0%
Little SparrowhawkAccipiter minullus
0%
Little StintCalidris minuta
0%
Little SunangelHeliangelus micraster
0%
Little SwiftApus affinis
0%
Little TernSternula albifrons
0%
Little WoodpeckerDryobates passerinus
0%
Little Wood-RailAramides mangle
0%
Little WoodstarChaetocercus bombus
0%
Livingstone's TuracoTauraco livingstonii
0%
Lizard BuzzardKaupifalco monogrammicus
0%
Long-billed CorellaCacatua tenuirostris
0%
Long-billed CuckooChrysococcyx megarhynchus
0%
Long-billed DowitcherLimnodromus scolopaceus
0%
Long-billed HermitPhaethornis longirostris
0%
Long-billed MurreletBrachyramphus perdix
0%
Long-billed PartridgeRhizothera longirostris
0%
Long-billed PloverCharadrius placidus
0%
Long-billed StarthroatHeliomaster longirostris
0%
Long-crested EagleLophaetus occipitalis
0%
Long-legged BuzzardButeo rufinus
0%
Long-tailed CormorantMicrocarbo africanus
0%
Long-tailed Ground DoveUropelia campestris
0%
Long-tailed Ground-RollerUratelornis chimaera
0%
Long-tailed HawkUrotriorchis macrourus
0%
Long-tailed HermitPhaethornis superciliosus
0%
Long-tailed Honey-buzzardHenicopernis longicauda
0%
Long-tailed JaegerStercorarius longicaudus
0%
Long-tailed KoelUrodynamis taitensis
0%
Long-tailed NightjarCaprimulgus climacurus
0%
Long-tailed ParakeetPsittacula longicauda
0%
Long-tailed PotooNyctibius aethereus
0%
Long-tailed SabrewingCampylopterus excellens
0%
Long-tailed SylphAglaiocercus kingii
0%
Long-tailed WoodnymphThalurania watertonii
0%
Long-tailed Wood-PartridgeDendrortyx macroura
0%
Long-toed LapwingVanellus crassirostris
0%
Long-toed StintCalidris subminuta
0%
Long-trained NightjarMacropsalis forcipata
0%
Long-tufted Screech-OwlMegascops sanctaecatarinae
0%
Lord Howe RailGallirallus sylvestris
0%
Lord Howe SwamphenPorphyrio albus
0%
Lucifer HummingbirdCalothorax lucifer
0%
Ludwig's BustardNeotis ludwigii
0%
Luzon Bleeding-heartGallicolumba luzonica
0%
Luzon BoobookNinox philippensis
0%
Luzon ButtonquailTurnix worcesteri
0%
Luzon FlamebackChrysocolaptes haematribon
0%
Luzon HornbillPenelopides manillae
0%
Luzon Racquet-tailPrioniturus montanus
0%
Luzon RailLewinia mirifica
0%
Luzon Scops-OwlOtus longicornis
0%
Lyre-tailed HoneyguideMelichneutes robustus
0%
Lyre-tailed NightjarUropsalis lyra
0%
Maccoa DuckOxyura maccoa
0%
Mackinlay's Cuckoo-DoveMacropygia mackinlayi
0%
Macquarie ShagPhalacrocorax purpurascens
0%
Madagascar Bee-eaterMerops superciliosus
0%
Madagascar Blue-PigeonAlectroenas madagascariensis
0%
Madagascar ButtonquailTurnix nigricollis
0%
Madagascar BuzzardButeo brachypterus
0%
Madagascar CoucalCentropus toulou
0%
Madagascar CuckooCuculus rochii
0%
Madagascar Cuckoo-HawkAviceda madagascariensis
0%
Madagascar Fish-EagleHaliaeetus vociferoides
0%
Madagascar FlufftailSarothrura insularis
0%
Madagascar GrebeTachybaptus pelzelnii
0%
Madagascar Green-PigeonTreron australis
0%
Madagascar HarrierCircus macrosceles
0%
Madagascar Harrier-HawkPolyboroides radiatus
0%
Madagascar HoopoeUpupa marginata
0%
Madagascar IbisLophotibis cristata
0%
Madagascar KestrelFalco newtoni
0%
Madagascar NightjarCaprimulgus madagascariensis
0%
Madagascar OwlAsio madagascariensis
0%
Madagascar PartridgeMargaroperdix madagarensis
0%
Madagascar PloverCharadrius thoracicus
0%
Madagascar PochardAythya innotata
0%
Madagascar Pond-HeronArdeola idae
0%
Madagascar PratincoleGlareola ocularis
0%
Madagascar Pygmy-KingfisherCorythornis madagascariensis
0%
Madagascar RailRallus madagascariensis
0%
Madagascar Sacred IbisThreskiornis bernieri
0%
Madagascar SandgrousePterocles personatus
0%
Madagascar Serpent-EagleEutriorchis astur
0%
Madagascar SnipeGallinago macrodactyla
0%
Madagascar SparrowhawkAccipiter madagascariensis
0%
Madagascar SwiftApus balstoni
0%
Madagascar Turtle-DoveStreptopelia picturata
0%
Madagascar Wood-RailMentrocrex kioloides
0%
Madarasz's Tiger-ParrotPsittacella madaraszi
0%
Magellanic CormorantPhalacrocorax magellanicus
0%
Magellanic Diving-PetrelPelecanoides magellani
0%
Magellanic PloverPluvianellus socialis
0%
Magellanic WoodpeckerCampephilus magellanicus
0%
Magenta PetrelPterodroma magentae
0%
Magenta-throated WoodstarPhilodice bryantae
0%
Makatea Fruit-DovePtilinopus chalcurus
0%
Makira Dwarf-KingfisherCeyx gentianus
0%
Makira MoorhenGallinula silvestris
0%
Malabar BarbetPsilopogon malabaricus
0%
Malabar Gray HornbillOcyceros griseus
0%
Malabar ParakeetPsittacula columboides
0%
Malabar Pied-HornbillAnthracoceros coronatus
0%
Malabar TrogonHarpactes fasciatus
0%
Malachite KingfisherCorythornis cristatus
0%
Malagasy KingfisherCorythornis vintsioides
0%
Malagasy Scops-OwlOtus rutilus
0%
Malagasy SpinetailZoonavena grandidieri
0%
Malaita Dwarf-KingfisherCeyx malaitae
0%
Malayan Night-HeronGorsachius melanolophus
0%
Malayan Peacock-PheasantPolyplectron malacense
0%
Malaysian Eared-NightjarLyncornis temminckii
0%
Malaysian Hawk-CuckooHierococcyx fugax
0%
Malaysian HoneyguideIndicator archipelagicus
0%
Malaysian PartridgeArborophila campbelli
0%
Malaysian PloverCharadrius peronii
0%
MaleoMacrocephalon maleo
0%
Malherbe's ParakeetCyanoramphus malherbi
0%
Maned OwlJubula lettii
0%
Mangareva KingfisherTodiramphus gambieri
0%
Mangrove CuckooCoccyzus minor
0%
Mangrove HummingbirdAmazilia boucardi
0%
Mangrove KingfisherHalcyon senegaloides
0%
Mangrove RailRallus longirostris
0%
Manipur Bush-QuailPerdicula manipurensis
0%
Mantanani Scops-OwlOtus mantananensis
0%
Mantled HawkPseudastur polionotus
0%
Manus BoobookNinox meeki
0%
Manus Dwarf-KingfisherCeyx dispar
0%
Manus Masked-OwlTyto manusi
0%
Manx ShearwaterPuffinus puffinus
0%
Many-banded AracariPteroglossus pluricinctus
0%
Many-colored Fruit-DovePtilinopus perousii
0%
Many-spotted HummingbirdTaphrospilus hypostictus
0%
Marail GuanPenelope marail
0%
Marbled FrogmouthPodargus ocellatus
0%
Marbled GodwitLimosa fedoa
0%
Marbled TealMarmaronetta angustirostris
0%
Marbled Wood-QuailOdontophorus gujanensis
0%
Mariana Fruit-DovePtilinopus roseicapilla
0%
Mariana KingfisherTodiramphus albicilla
0%
Mariana SwiftletAerodramus bartschi
0%
Marigold LorikeetTrichoglossus capistratus
0%
Markham's Storm-PetrelOceanodroma markhami
0%
Maroon-bellied ParakeetPyrrhura frontalis
0%
Maroon-chested Ground DoveParaclaravis mondetoura
0%
Maroon-chinned Fruit-DovePtilinopus epius
0%
Maroon-faced ParakeetPyrrhura leucotis
0%
Maroon-fronted ParrotRhynchopsitta terrisi
0%
Maroon PigeonColumba thomensis
0%
Maroon-tailed ParakeetPyrrhura melanura
0%
Maroon WoodpeckerBlythipicus rubiginosus
0%
Marquesan SwamphenPorphyrio paepae
0%
Marquesan SwiftletAerodramus ocistus
0%
Marquesas Ground DoveAlopecoenas rubescens
0%
Marquesas Imperial-PigeonDucula galeata
0%
Marquesas KingfisherTodiramphus godeffroyi
0%
Marsh OwlAsio capensis
0%
Marsh SandpiperTringa stagnatilis
0%
Martinique ParrotAmazona martinicana
0%
Marvelous SpatuletailLoddigesia mirabilis
0%
Masatierra PetrelPterodroma defilippiana
0%
Mascarene CootFulica newtonii
0%
Mascarene ParrotMascarinus mascarin
0%
Mascarene PetrelPseudobulweria aterrima
0%
Mascarene SwiftletAerodramus francicus
0%
Masked DuckNomonyx dominicus
0%
Masked FinfootHeliopais personatus
0%
Masked Shining-ParrotProsopeia personata
0%
Masked TrogonTrogon personatus
0%
Matsudaira's Storm-PetrelOceanodroma matsudairae
0%
Mauritius Blue-PigeonAlectroenas nitidissimus
0%
Mauritius DuckAnas theodori
0%
Mauritius Gray ParrotLophopsittacus bensoni
0%
Mauritius KestrelFalco punctatus
0%
Mauritius Night-HeronNycticorax mauritianus
0%
Mauritius Scops-OwlOtus sauzieri
0%
Mauritius Turtle-DoveNesoenas cicur
0%
Mauritius Wood-PigeonColumba thiriouxi
0%
Mayotte Scops-OwlOtus mayottensis
0%
Mayr's RailRallina mayri
0%
Mayr's SwiftletAerodramus orientalis
0%
Mealy ParrotAmazona farinosa
0%
Meek's LorikeetCharmosyna meeki
0%
Meek's Pygmy-ParrotMicropsitta meeki
0%
Mees's NightjarCaprimulgus meesi
0%
Melancholy WoodpeckerChloropicus lugubris
0%
Melanesian KingfisherTodiramphus tristrami
0%
Mentawai Scops-OwlOtus mentawi
0%
Metallic PigeonColumba vitiensis
0%
Mew GullLarus canus
0%
Mewing KingfisherTodiramphus ruficollaris
0%
Mexican HermitPhaethornis mexicanus
0%
Mexican ParrotletForpus cyanopygius
0%
Mexican SheartailDoricha eliza
0%
Mexican VioletearColibri thalassinus
0%
Mexican Whip-poor-willAntrostomus arizonae
0%
Mexican WoodnymphThalurania ridgwayi
0%
Meyer's GoshawkAccipiter meyerianus
0%
Meyer's ParrotPoicephalus meyeri
0%
Micronesian Imperial-PigeonDucula oceanica
0%
Micronesian ScrubfowlMegapodius laperouse
0%
Middle American Screech-OwlMegascops guatemalae
0%
Middle Spotted WoodpeckerDendrocoptes medius
0%
Mikado PheasantSyrmaticus mikado
0%
Military MacawAra militaris
0%
Miller's RailZapornia nigra
0%
Minahassa Masked-OwlTyto inexspectata
0%
Mindanao Bleeding-heartGallicolumba crinigera
0%
Mindanao BoobookNinox spilocephala
0%
Mindanao Brown-DovePhapitreron brunneiceps
0%
Mindanao HornbillPenelopides affinis
0%
Mindanao LorikeetTrichoglossus johnstoniae
0%
Mindanao Racquet-tailPrioniturus waterstradti
0%
Mindanao Scops-OwlOtus mirus
0%
Mindoro Bleeding-heartGallicolumba platenae
0%
Mindoro BoobookNinox mindorensis
0%
Mindoro HornbillPenelopides mindorensis
0%
Mindoro Imperial-PigeonDucula mindorensis
0%
Mindoro Racquet-tailPrioniturus mindorensis
0%
Mindoro Scops-OwlOtus mindorensis
0%
Minute HermitPhaethornis idaliae
0%
Miombo BarbetTricholaema frontata
0%
Mitred ParakeetPsittacara mitratus
0%
Modest Tiger-ParrotPsittacella modesta
0%
Moheli Scops-OwlOtus moheliensis
0%
Moluccan CuckooCacomantis aeruginosus
0%
Moluccan Drongo-CuckooSurniculus musschenbroeki
0%
Moluccan GoshawkAccipiter henicogrammus
0%
Moluccan Hanging-ParrotLoriculus amabilis
0%
Moluccan King-ParrotAlisterus amboinensis
0%
Moluccan Owlet-nightjarAegotheles crinifrons
0%
Moluccan Scops-OwlOtus magicus
0%
Moluccan ScrubfowlEulipoa wallacei
0%
Moluccan WoodcockScolopax rochussenii
0%
Mombasa WoodpeckerCampethera mombassica
0%
Monk ParakeetMyiopsitta monachus
0%
Montagu's HarrierCircus pygargus
0%
Montane Forest Screech-OwlMegascops hoyi
0%
Monteiro's HornbillTockus monteiri
0%
Monteiro's Storm-PetrelOceanodroma monteiroi
0%
Moorea SandpiperProsobonia ellisi
0%
Moorland FrancolinScleroptila psilolaema
0%
MoreporkNinox novaeseelandiae
0%
Mossy-nest SwiftletAerodramus salangana
0%
Mottled PetrelPterodroma inexpectata
0%
Mottled PiculetPicumnus nebulosus
0%
Mottled SpinetailTelacanthura ussheri
0%
Mottled SwiftApus aequatorialis
0%
Mottled Wood-OwlStrix ocellata
0%
Mountain AvocetbillOpisthoprora euryptera
0%
Mountain Bamboo-PartridgeBambusicola fytchii
0%
Mountain BarbetPsilopogon monticola
0%
Mountain BuzzardButeo oreophilus
0%
Mountain CaracaraPhalcoboenus megalopterus
0%
Mountain Gray WoodpeckerChloropicus spodocephalus
0%
Mountain Hawk-EagleNisaetus nipalensis
0%
Mountain Imperial-PigeonDucula badia
0%
Mountain KingfisherSyma megarhyncha
0%
Mountain Owlet-nightjarAegotheles albertisi
0%
Mountain ParakeetPsilopsiagon aurifrons
0%
Mountain Peacock-PheasantPolyplectron inopinatum
0%
Mountain Scops-OwlOtus spilocephalus
0%
Mountain Serpent-EagleSpilornis kinabaluensis
0%
Mountain SwiftletAerodramus hirundinaceus
0%
Mountain TrogonTrogon mexicanus
0%
Mountain VelvetbreastLafresnaya lafresnayi
0%
Mourning Collared-DoveStreptopelia decipiens
0%
Mourning DoveZenaida macroura
0%
Moustached BarbetPsilopogon incognitus
0%
Moustached Hawk-CuckooHierococcyx vagans
0%
Moustached KingfisherActenoides bougainvillei
0%
Moustached PuffbirdMalacoptila mystacalis
0%
Moustached TinkerbirdPogoniulus leucomystax
0%
Moustached TreeswiftHemiprocne mystacea
0%
Mulga ParrotPsephotus varius
0%
Murphy's PetrelPterodroma ultima
0%
Musk LorikeetGlossopsitta concinna
0%
Nacunda NighthawkChordeiles nacunda
0%
Nahan's FrancolinPtilopachus nahani
0%
Naked-faced BarbetGymnobucco calvus
0%
Namaqua DoveOena capensis
0%
Namaqua SandgrousePterocles namaqua
0%
Nanday ParakeetAratinga nenday
0%
Napo SabrewingCampylopterus villaviscensio
0%
Narcondam HornbillRhyticeros narcondami
0%
Naretha BluebonnetNorthiella narethae
0%
Narina TrogonApaloderma narina
0%
Narrow-billed TodyTodus angustirostris
0%
Narrow-tailed EmeraldChlorostilbon stenurus
0%
Natal FrancolinPternistis natalensis
0%
Neblina MetaltailMetallura odomae
0%
Nechisar NightjarCaprimulgus solala
0%
Necklaced BarbetPsilopogon auricularis
0%
Needle-billed HermitPhaethornis philippii
0%
Negros Bleeding-heartGallicolumba keayi
0%
Negros Fruit-DovePtilinopus arcanus
0%
Negros Scops-OwlOtus nigrorum
0%
New Britain BoobookNinox odiosa
0%
New Britain BronzewingHenicophaps foersteri
0%
New Britain Dwarf-KingfisherCeyx sacerdotis
0%
New Britain GoshawkAccipiter princeps
0%
New Britain KingfisherTodiramphus albonotatus
0%
New Britain RailGallirallus insignis
0%
New Britain SparrowhawkAccipiter brachyurus
0%
New Caledonia GoshawkAccipiter haplochrous
0%
New Caledonian GallinulePorphyrio kukwiedei
0%
New Caledonian Imperial-PigeonDucula goliath
0%
New Caledonian LorikeetCharmosyna diadema
0%
New Caledonian NightjarEurostopodus exul
0%
New Caledonian Owlet-nightjarAegotheles savesi
0%
New Caledonian ParakeetCyanoramphus saisseti
0%
New Caledonian RailGallirallus lafresnayanus
0%
Newell's ShearwaterPuffinus newelli
0%
New Georgia Dwarf-KingfisherCeyx collectoris
0%
New Guinea BronzewingHenicophaps albifrons
0%
New Guinea EagleHarpyopsis novaeguineae
0%
New Guinea Flightless RailMegacrex inepta
0%
New Guinea ScrubfowlMegapodius decollatus
0%
New Guinea WoodcockScolopax rosenbergii
0%
New Ireland Dwarf-KingfisherCeyx mulcatus
0%
Newton's ParakeetPsittacula exsul
0%
New Zealand BitternIxobrychus novaezelandiae
0%
New Zealand FalconFalco novaeseelandiae
0%
New Zealand GrebePoliocephalus rufopectus
0%
New Zealand KakaNestor meridionalis
0%
New Zealand King ShagPhalacrocorax carunculatus
0%
New Zealand PigeonHemiphaga novaeseelandiae
0%
New Zealand QuailCoturnix novaezelandiae
0%
New Zealand ScaupAythya novaeseelandiae
0%
New Zealand Storm-PetrelFregetta maoriana
0%
Niam-Niam ParrotPoicephalus crassus
0%
Niau KingfisherTodiramphus gertrudae
0%
Nicobar Imperial-PigeonDucula nicobarica
0%
Nicobar ParakeetPsittacula caniceps
0%
Nicobar PigeonCaloenas nicobarica
0%
Nicobar Scops-OwlOtus alius
0%
Nicobar ScrubfowlMegapodius nicobariensis
0%
Nicobar Serpent-EagleSpilornis klossi
0%
Nicobar SparrowhawkAccipiter butleri
0%
Night ParrotPezoporus occidentalis
0%
Nilgiri Wood-PigeonColumba elphinstonii
0%
Niuafoou ScrubfowlMegapodius pritchardii
0%
Nkulengu RailHimantornis haematopus
0%
Noble SnipeGallinago nobilis
0%
Nordmann's GreenshankTringa guttifer
0%
Norfolk Ground DoveAlopecoenas norfolkensis
0%
Norfolk Island KakaNestor productus
0%
Norfolk Island ParakeetCyanoramphus cookii
0%
Northern Bald IbisGeronticus eremita
0%
Northern BoobookNinox japonica
0%
Northern Carmine Bee-eaterMerops nubicus
0%
Northern Emerald-ToucanetAulacorhynchus prasinus
0%
Northern FlickerColaptes auratus
0%
Northern Giant-PetrelMacronectes halli
0%
Northern Hawk-CuckooHierococcyx hyperythrus
0%
Northern JacanaJacana spinosa
0%
Northern PotooNyctibius jamaicensis
0%
Northern Red-billed HornbillTockus erythrorhynchus
0%
Northern RosellaPlatycercus venustus
0%
Northern Saw-whet OwlAegolius acadicus
0%
Northern Silvery-KingfisherCeyx flumenicola
0%
Northern Sooty-WoodpeckerMulleripicus funebris
0%
Northern White-faced OwlPtilopsis leucotis
0%
North Island SnipeCoenocorypha barrierensis
0%
North Island TakahePorphyrio mantelli
0%
North Moluccan Dwarf-KingfisherCeyx uropygialis
0%
North Solomons Dwarf-KingfisherCeyx meeki
0%
Nubian BustardNeotis nuba
0%
Nubian NightjarCaprimulgus nubicus
0%
Nubian WoodpeckerCampethera nubica
0%
Numfor Paradise-KingfisherTanysiptera carolinae
0%
Nuttall's WoodpeckerDryobates nuttallii
0%
Nyanza SwiftApus niansae
0%
Oasis HummingbirdRhodopis vesper
0%
Oceanic ParrotEclectus infectus
0%
Ocellated CrakeMicropygia schomburgkii
0%
Ocellated PiculetPicumnus dorbignyanus
0%
Ocellated PoorwillNyctiphrynus ocellatus
0%
Ocellated QuailCyrtonyx ocellatus
0%
Ochraceous PiculetPicumnus limae
0%
Ochre-backed WoodpeckerCeleus ochraceus
0%
Ochre-bellied BoobookNinox ochracea
0%
Ochre-bellied DoveLeptotila ochraceiventris
0%
Ochre-collared PiculetPicumnus temminckii
0%
Ochre-marked ParakeetPyrrhura cruentata
0%
OilbirdSteatornis caripensis
0%
Okarito Brown KiwiApteryx rowi
0%
Okinawa RailGallirallus okinawae
0%
Okinawa WoodpeckerDendrocopos noguchii
0%
Olivaceous PiculetPicumnus olivaceus
0%
Olivaceous ThornbillChalcostigma olivaceum
0%
Olive-backed Quail-DoveLeptotrygon veraguensis
0%
Olive-backed WoodpeckerDinopium rafflesii
0%
Olive-headed LorikeetTrichoglossus euteles
0%
Olive IbisBostrychia olivacea
0%
Olive Long-tailed CuckooCercococcyx olivinus
0%
Olive-shouldered ParrotAprosmictus jonquillaceus
0%
Olive-spotted HummingbirdLeucippus chlorocercus
0%
Olive-throated ParakeetEupsittula nana
0%
Olive WoodpeckerChloropicus griseocephalus
0%
Olrog's GullLarus atlanticus
0%
Omani OwlStrix butleri
0%
Orange-backed WoodpeckerReinwardtipicus validus
0%
Orange-bellied Fruit-DovePtilinopus iozonus
0%
Orange-bellied ParrotNeophema chrysogaster
0%
Orange-billed LorikeetNeopsittacus pullicauda
0%
Orange-breasted FalconFalco deiroleucus
0%
Orange-breasted Fig-ParrotCyclopsitta gulielmitertii
0%
Orange-breasted Green-PigeonTreron bicinctus
0%
Orange-breasted TrogonHarpactes oreskios
0%
Orange-cheeked ParrotPyrilia barrabandi
0%
Orange-chinned ParakeetBrotogeris jugularis
0%
Orange DovePtilinopus victor
0%
Orange-fronted BarbetCapito squamatus
0%
Orange-fronted Fruit-DovePtilinopus aurantiifrons
0%
Orange-fronted ParakeetEupsittula canicularis
0%
Orange-necked PartridgeArborophila davidi
0%
Orange River FrancolinScleroptila gutturalis
0%
Orange-throated SunangelHeliangelus mavors
0%
Orange-winged ParrotAmazona amazonica
0%
Oriental Bay-OwlPhodilus badius
0%
Oriental CuckooCuculus optatus
0%
Oriental HobbyFalco severus
0%
Oriental Honey-buzzardPernis ptilorhynchus
0%
Oriental Pied-HornbillAnthracoceros albirostris
0%
Oriental PloverCharadrius veredus
0%
Oriental PratincoleGlareola maldivarum
0%
Oriental Scops-OwlOtus sunia
0%
Oriental StorkCiconia boyciana
0%
Oriental Turtle-DoveStreptopelia orientalis
0%
Orinoco PiculetPicumnus pumilus
0%
Ornate Fruit-DovePtilinopus ornatus
0%
Ornate LorikeetTrichoglossus ornatus
0%
Ornate TinamouNothoprocta ornata
0%
Ouvea ParakeetEunymphicus uvaeensis
0%
Ovambo SparrowhawkAccipiter ovampensis
0%
Pacific BazaAviceda subcristata
0%
Pacific Emerald DoveChalcophaps longirostris
0%
Pacific Golden-PloverPluvialis fulva
0%
Pacific HeronArdea pacifica
0%
Pacific Imperial-PigeonDucula pacifica
0%
Pacific KingfisherTodiramphus sacer
0%
Pacific KoelEudynamys orientalis
0%
Pacific ParakeetPsittacara strenuus
0%
Pacific ParrotletForpus coelestis
0%
Pacific Reef-HeronEgretta sacra
0%
Pacific Screech-OwlMegascops cooperi
0%
Pacific SwiftApus pacificus
0%
Paint-billed CrakeMustelirallus erythrops
0%
Painted Bush-QuailPerdicula erythrorhyncha
0%
Painted ButtonquailTurnix varius
0%
Painted FrancolinFrancolinus pictus
0%
Painted ParakeetPyrrhura picta
0%
Painted SandgrousePterocles indicus
0%
Painted Tiger-ParrotPsittacella picta
0%
Palau Fruit-DovePtilinopus pelewensis
0%
Palau Ground DoveAlopecoenas canifrons
0%
Palau KingfisherTodiramphus pelewensis
0%
Palau NightjarCaprimulgus phalaena
0%
Palau OwlPyrroglaux podargina
0%
Palau SwiftletAerodramus pelewensis
0%
Palawan FrogmouthBatrachostomus chaseni
0%
Palawan HornbillAnthracoceros marchei
0%
Palawan Peacock-PheasantPolyplectron napoleonis
0%
Palawan Scops-OwlOtus fuliginosus
0%
Pale-bellied HermitPhaethornis anthophilus
0%
Pale-billed HornbillLophoceros pallidirostris
0%
Pale-billed WoodpeckerCampephilus guatemalensis
0%
Pale-browed TinamouCrypturellus transfasciatus
0%
Pale-capped PigeonColumba punicea
0%
Pale Chanting-GoshawkMelierax canorus
0%
Pale-crested WoodpeckerCeleus lugubris
0%
Pale-headed JacamarBrachygalba goeringi
0%
Pale-headed RosellaPlatycercus adscitus
0%
Pale-headed WoodpeckerGecinulus grantia
0%
Pale Mountain-PigeonGymnophaps solomonensis
0%
Pale-rumped SwiftChaetura egregia
0%
Pale-tailed BarbthroatThrenetes leucurus
0%
Pale-vented Bush-henAmaurornis moluccana
0%
Pale-vented PigeonPatagioenas cayennensis
0%
Pale-winged TrumpeterPsophia leucoptera
0%
Pallas's CormorantPhalacrocorax perspicillatus
0%
Pallas's SandgrouseSyrrhaptes paradoxus
0%
Pallid CuckooCacomantis pallidus
0%
Pallid DoveLeptotila pallida
0%
Pallid HarrierCircus macrourus
0%
Pallid HoneyguideIndicator meliphilus
0%
Pallid Scops-OwlOtus brucei
0%
Pallid SwiftApus pallidus
0%
Palm CockatooProbosciger aterrimus
0%
Palm LorikeetCharmosyna palmarum
0%
Palm-nut VultureGypohierax angolensis
0%
Papuan BoobookNinox theomacha
0%
Papuan Dwarf-KingfisherCeyx solitarius
0%
Papuan FrogmouthPodargus papuensis
0%
Papuan Hanging-ParrotLoriculus aurantiifrons
0%
Papuan King-ParrotAlisterus chloropterus
0%
Papuan LorikeetCharmosyna papou
0%
Papuan Marsh-HarrierCircus spilothorax
0%
Papuan Mountain-PigeonGymnophaps albertisii
0%
Papuan NightjarEurostopodus papuensis
0%
Papuan OwlUroglaux dimorpha
0%
Papuan Spinetailed SwiftMearnsia novaeguineae
0%
Paradise JacamarGalbula dea
0%
Paradise ParrotPsephotus pulcherrimus
0%
Parakeet AukletAethia psittacula
0%
Parasitic JaegerStercorarius parasiticus
0%
Parkinson's PetrelProcellaria parkinsoni
0%
Partridge PigeonGeophaps smithii
0%
Passenger PigeonEctopistes migratorius
0%
Patagonian TinamouTinamotis ingoufi
0%
Pavonine CuckooDromococcyx pavoninus
0%
Pavonine QuetzalPharomachrus pavoninus
0%
Peaceful DoveGeopelia placida
0%
Peach-fronted ParakeetEupsittula aurea
0%
Peacock CoquetteLophornis pavoninus
0%
Peale's Imperial-PigeonDucula latrans
0%
Pearl-spotted OwletGlaucidium perlatum
0%
Pearly-breasted CuckooCoccyzus euleri
0%
Pearly ParakeetPyrrhura lepida
0%
Pectoral SandpiperCalidris melanotos
0%
Pelagic CormorantPhalacrocorax pelagicus
0%
Pel's Fishing-OwlScotopelia peli
0%
Pemba Green-PigeonTreron pembaensis
0%
Pemba Scops-OwlOtus pembaensis
0%
Pennant-winged NightjarCaprimulgus vexillarius
0%
Pere David's OwlStrix davidi
0%
Perija MetaltailMetallura iracunda
0%
Pernambuco Pygmy-OwlGlaucidium mooreorum
0%
Persian ShearwaterPuffinus persicus
0%
Peruvian Diving-PetrelPelecanoides garnotii
0%
Peruvian PiedtailPhlogophilus harterti
0%
Peruvian PigeonPatagioenas oenops
0%
Peruvian Pygmy-OwlGlaucidium peruanum
0%
Peruvian Screech-OwlMegascops roboratus
0%
Peruvian SheartailThaumastura cora
0%
Peruvian TernSternula lorata
0%
Pesquet's ParrotPsittrichas fulgidus
0%
Pfrimer's ParakeetPyrrhura pfrimeri
0%
Pheasant CoucalCentropus phasianinus
0%
Pheasant CuckooDromococcyx phasianellus
0%
Pheasant PigeonOtidiphaps nobilis
0%
Philby's PartridgeAlectoris philbyi
0%
Philippine CockatooCacatua haematuropygia
0%
Philippine Collared-DoveStreptopelia dusumieri
0%
Philippine CoucalCentropus viridis
0%
Philippine Cuckoo-DoveMacropygia tenuirostris
0%
Philippine Drongo-CuckooSurniculus velutinus
0%
Philippine Dwarf-KingfisherCeyx melanurus
0%
Philippine Eagle-OwlBubo philippensis
0%
Philippine FalconetMicrohierax erythrogenys
0%
Philippine FrogmouthBatrachostomus septimus
0%
Philippine Green-PigeonTreron axillaris
0%
Philippine Hanging-ParrotLoriculus philippensis
0%
Philippine Hawk-CuckooHierococcyx pectoralis
0%
Philippine Hawk-EagleNisaetus philippensis
0%
Philippine Honey-buzzardPernis steerei
0%
Philippine NightjarCaprimulgus manillensis
0%
Philippine Scops-OwlOtus megalotis
0%
Philippine Serpent-EagleSpilornis holospilus
0%
Philippine Spinetailed SwiftMearnsia picina
0%
Philippine SwamphenPorphyrio pulverulentus
0%
Philippine SwiftletAerodramus mearnsi
0%
Philippine TrogonHarpactes ardens
0%
Philippine WoodpeckerYungipicus maculatus
0%
Phoenix PetrelPterodroma alba
0%
Picazuro PigeonPatagioenas picazuro
0%
Picui Ground DoveColumbina picui
0%
Pied BarbetTricholaema leucomelas
0%
Pied CormorantPhalacrocorax varius
0%
Pied CoucalCentropus ateralbus
0%
Pied CuckooClamator jacobinus
0%
Pied Cuckoo-DoveReinwardtoena browni
0%
Pied FalconetMicrohierax melanoleucos
0%
Pied GoshawkAccipiter albogularis
0%
Pied HarrierCircus melanoleucos
0%
Pied HeronEgretta picata
0%
Pied Imperial-PigeonDucula bicolor
0%
Pied KingfisherCeryle rudis
0%
Pied LapwingVanellus cayanus
0%
Pied PuffbirdNotharchus tectus
0%
Pied StiltHimantopus leucocephalus
0%
Pileated ParrotPionopsitta pileata
0%
Pileated WoodpeckerDryocopus pileatus
0%
Pincoya Storm-PetrelOceanites pincoyae
0%
Pink-bellied Imperial-PigeonDucula poliocephala
0%
Pink CockatooLophochroa leadbeateri
0%
Pink-footed ShearwaterArdenna creatopus
0%
Pink-headed DuckRhodonessa caryophyllacea
0%
Pink-headed Fruit-DovePtilinopus porphyreus
0%
Pink-headed Imperial-PigeonDucula rosacea
0%
Pink-necked Green-PigeonTreron vernans
0%
Pink PigeonNesoenas mayeri
0%
Pink-spotted Fruit-DovePtilinopus perlatus
0%
Pink-throated BrilliantHeliodoxa gularis
0%
Pinnated BitternBotaurus pinnatus
0%
Pinon's Imperial-PigeonDucula pinon
0%
Pinsker's Hawk-EagleNisaetus pinskeri
0%
Pin-tailed Green-PigeonTreron apicauda
0%
Pin-tailed SandgrousePterocles alchata
0%
Pin-tailed SnipeGallinago stenura
0%
Piping HornbillBycanistes fistulator
0%
Piping PloverCharadrius melodus
0%
Pirre HummingbirdGoethalsia bella
0%
Pitta-like Ground-RollerAtelornis pittoides
0%
Pitt Island ShagPhalacrocorax featherstoni
0%
Plain-bellied EmeraldAmazilia leucogaster
0%
Plain-breasted Ground DoveColumbina minuta
0%
Plain-breasted PiculetPicumnus castelnau
0%
Plain Bush-henAmaurornis olivacea
0%
Plain-capped StarthroatHeliomaster constantii
0%
Plain ChachalacaOrtalis vetula
0%
Plain-flanked RailRallus wetmorei
0%
Plain NightjarCaprimulgus inornatus
0%
Plain ParakeetBrotogeris tirica
0%
Plain PigeonPatagioenas inornata
0%
Plain-pouched HornbillRhyticeros subruficollis
0%
Plains-wandererPedionomus torquatus
0%
Plain SwiftApus unicolor
0%
Plaintive CuckooCacomantis merulinus
0%
Planalto HermitPhaethornis pretrei
0%
Plate-billed Mountain-ToucanAndigena laminirostris
0%
Plumbeous Forest-FalconMicrastur plumbeus
0%
Plumbeous HawkCryptoleucopteryx plumbea
0%
Plumbeous IbisTheristicus caerulescens
0%
Plumbeous KiteIctinia plumbea
0%
Plumbeous PigeonPatagioenas plumbea
0%
Plumbeous RailPardirallus sanguinolentus
0%
Plumed GuineafowlGuttera plumifera
0%
Plume-toed SwiftletCollocalia affinis
0%
Plum-faced LorikeetOreopsittacus arfaki
0%
Plum-headed ParakeetPsittacula cyanocephala
0%
Pohnpei KingfisherTodiramphus reichenbachii
0%
Pohnpei LorikeetTrichoglossus rubiginosus
0%
Polynesian Ground DoveAlopecoenas erythropterus
0%
Polynesian Imperial-PigeonDucula aurorae
0%
Polynesian Storm-PetrelNesofregetta fuliginosa
0%
Polynesian SwiftletAerodramus leucophaeus
0%
Pomarine JaegerStercorarius pomarinus
0%
Powerful OwlNinox strenua
0%
Powerful WoodpeckerCampephilus pollens
0%
Prairie FalconFalco mexicanus
0%
Prince Ruspoli's TuracoTauraco ruspolii
0%
Princess ParrotPolytelis alexandrae
0%
Prong-billed BarbetSemnornis frantzii
0%
Providence PetrelPterodroma solandri
0%
Przevalski's PartridgeAlectoris magna
0%
Puerto Rican EmeraldChlorostilbon maugaeus
0%
Puerto Rican Lizard-CuckooCoccyzus vieilloti
0%
Puerto Rican NightjarAntrostomus noctitherus
0%
Puerto Rican ParakeetPsittacara maugei
0%
Puerto Rican ParrotAmazona vittata
0%
Puerto Rican Screech-OwlMegascops nudipes
0%
Puerto Rican TodyTodus mexicanus
0%
Puerto Rican WoodpeckerMelanerpes portoricensis
0%
Puna PloverCharadrius alticola
0%
Puna SnipeGallinago andina
0%
Puna TinamouTinamotis pentlandii
0%
Purple-backed SunbeamAglaeactis aliciae
0%
Purple-backed ThornbillRamphomicron microrhynchum
0%
Purple-bearded Bee-eaterMeropogon forsteni
0%
Purple-bellied LoryLorius hypoinochrous
0%
Purple-bibbed WhitetipUrosticte benjamini
0%
Purple-capped Fruit-DovePtilinopus ponapensis
0%
Purple-chested HummingbirdAmazilia rosenbergi
0%
Purple-collared WoodstarMyrtis fanny
0%
Purple-crested TuracoTauraco porphyreolophus
0%
Purple-crowned FairyHeliothryx barroti
0%
Purple-crowned LorikeetGlossopsitta porphyrocephala
0%
Purple-crowned PlovercrestStephanoxis loddigesii
0%
Purple GallinulePorphyrio martinica
0%
Purple-naped LoryLorius domicella
0%
Purple NeedletailHirundapus celebensis
0%
Purple Quail-DoveGeotrygon purpurata
0%
Purple SandpiperCalidris maritima
0%
Purple-tailed Imperial-PigeonDucula rufigaster
0%
Purple-throated CaribEulampis jugularis
0%
Purple-throated Mountain-gemLampornis calolaemus
0%
Purple-throated SunangelHeliangelus viola
0%
Purple-throated WoodstarPhilodice mitchellii
0%
Purple-winged Ground DoveParaclaravis geoffroyi
0%
Purple-winged RollerCoracias temminckii
0%
Purplish-backed Quail-DoveZentrygon lawrencii
0%
Purplish JacamarGalbula chalcothorax
0%
Purus JacamarGalbalcyrhynchus purusianus
0%
Pycroft's PetrelPterodroma pycrofti
0%
Pygmy CormorantMicrocarbo pygmaeus
0%
Pygmy EagleHieraaetus weiskei
0%
Pygmy FalconPolihierax semitorquatus
0%
Pygmy Hanging-ParrotLoriculus exilis
0%
Pygmy LorikeetCharmosyna wilhelminae
0%
Pygmy NightjarNyctipolus hirundinaceus
0%
Pygmy SwiftTachornis furcata
0%
Pygmy SwiftletCollocalia troglodytes
0%
Pygmy WoodpeckerYungipicus kizuki
0%
Quail-ploverOrtyxelos meiffrenii
0%
Quebracho Crested-TinamouEudromia formosa
0%
Racket-tailed RollerCoracias spatulatus
0%
Racket-tipped ThorntailDiscosura longicaudus
0%
Raffles's MalkohaRhinortha chlorophaea
0%
Raiatea ParakeetCyanoramphus ulietanus
0%
Rainbow-bearded ThornbillChalcostigma herrani
0%
Rainbow Bee-eaterMerops ornatus
0%
Rainbow LorikeetTrichoglossus moluccanus
0%
Rainbow StarfrontletCoeligena iris
0%
Rajah Scops-OwlOtus brookii
0%
Rameron PigeonColumba arquatrix
0%
Rapa Fruit-DovePtilinopus huttoni
0%
Rapa ShearwaterPuffinus myrtae
0%
Razor-billed CurassowMitu tuberosum
0%
Red-and-blue LoryEos histrio
0%
Red-and-green MacawAra chloropterus
0%
Red-and-white CrakeLaterallus leucopyrrhus
0%
Red-and-yellow BarbetTrachyphonus erythrocephalus
0%
Red-backed ButtonquailTurnix maculosus
0%
Red-backed FlamebackDinopium psarodes
0%
Red-backed KingfisherTodiramphus pyrrhopygius
0%
Red-backed MousebirdColius castanotus
0%
Red-bearded Bee-eaterNyctyornis amictus
0%
Red-bellied Fruit-DovePtilinopus greyi
0%
Red-bellied MacawOrthopsittaca manilatus
0%
Red-bellied ParrotPoicephalus rufiventris
0%
Red-bellied WoodpeckerMelanerpes carolinus
0%
Red-billed BrushturkeyTalegalla cuvieri
0%
Red-billed CurassowCrax blumenbachii
0%
Red-billed DuckAnas erythrorhyncha
0%
Red-billed Dwarf HornbillLophoceros camurus
0%
Red-billed EmeraldChlorostilbon gibsoni
0%
Red-billed FrancolinPternistis adspersus
0%
Red-billed Ground-CuckooNeomorphus pucheranii
0%
Red-billed MalkohaZanclostomus javanicus
0%
Red-billed ParrotPionus sordidus
0%
Red-billed PartridgeArborophila rubrirostris
0%
Red-billed PigeonPatagioenas flavirostris
0%
Red-billed TropicbirdPhaethon aethereus
0%
Red-breasted CouaCoua serriana
0%
Red-breasted DotterelCharadrius obscurus
0%
Red-breasted Paradise-KingfisherTanysiptera nympha
0%
Red-breasted ParakeetPsittacula alexandri
0%
Red-breasted PartridgeArborophila hyperythra
0%
Red-breasted Pygmy-ParrotMicropsitta bruijnii
0%
Red-breasted SapsuckerSphyrapicus ruber
0%
Red-breasted ToucanRamphastos dicolorus
0%
Red-browed ParrotAmazona rhodocorytha
0%
Red-capped CouaCoua ruficeps
0%
Red-capped ParrotPurpureicephalus spurius
0%
Red-capped PloverCharadrius ruficapillus
0%
Red-cheeked ParrotGeoffroyus geoffroyi
0%
Red-chested ButtonquailTurnix pyrrhothorax
0%
Red-chested CuckooCuculus solitarius
0%
Red-chested FlufftailSarothrura rufa
0%
Red-chested GoshawkAccipiter toussenelii
0%
Red-chested OwletGlaucidium tephronotum
0%
Red-chinned LorikeetCharmosyna rubrigularis
0%
Red-cockaded WoodpeckerDryobates borealis
0%
Red Collared-DoveStreptopelia tranquebarica
0%
Red-collared LorikeetTrichoglossus rubritorquis
0%
Red-collared WoodpeckerPicus rabieri
0%
Red-crested BustardEupodotis ruficrista
0%
Red-crested MalkohaDasylophus superciliosus
0%
Red-crested TuracoTauraco erythrolophus
0%
Red-crowned BarbetPsilopogon rafflesii
0%
Red-crowned ParakeetCyanoramphus novaezelandiae
0%
Red-crowned ParrotAmazona viridigenalis
0%
Red-crowned WoodpeckerMelanerpes rubricapillus
0%
Reddish HermitPhaethornis ruber
0%
Reddish Scops-OwlOtus rufescens
0%
Red-eared Fruit-DovePtilinopus fischeri
0%
Red-eared ParakeetPyrrhura hoematotis
0%
Red-eyed DoveStreptopelia semitorquata
0%
Red-faced BarbetLybius rubrifacies
0%
Red-faced CormorantPhalacrocorax urile
0%
Red-faced GuanPenelope dabbenei
0%
Red-faced MalkohaPhaenicophaeus pyrrhocephalus
0%
Red-faced MousebirdUrocolius indicus
0%
Red-faced ParrotHapalopsittaca pyrrhops
0%
Red-fan ParrotDeroptyus accipitrinus
0%
Red-flanked LorikeetCharmosyna placentis
0%
Red-footed FalconFalco vespertinus
0%
Red-fronted BarbetTricholaema diademata
0%
Red-fronted CootFulica rufifrons
0%
Red-fronted CouaCoua reynaudii
0%
Red-fronted LorikeetCharmosyna rubronotata
0%
Red-fronted MacawAra rubrogenys
0%
Red-fronted ParrotPoicephalus gulielmi
0%
Red-fronted ParrotletTouit costaricensis
0%
Red-fronted TinkerbirdPogoniulus pusillus
0%
Red-gartered CootFulica armillata
0%
Red GoshawkErythrotriorchis radiatus
0%
Red-headed BarbetEubucco bourcierii
0%
Red-headed FlamebackChrysocolaptes erythrocephalus
0%
Red-headed LovebirdAgapornis pullarius
0%
Red-headed TrogonHarpactes erythrocephalus
0%
Red-headed WoodpeckerMelanerpes erythrocephalus
0%
Red-kneed DotterelErythrogonys cinctus
0%
Red-knobbed CootFulica cristata
0%
Red-knobbed Imperial-PigeonDucula rubricera
0%
Red-legged BrushturkeyTalegalla jobiensis
0%
Red-legged CormorantPhalacrocorax gaimardi
0%
Red-legged CrakeRallina fasciata
0%
Red-legged TinamouCrypturellus erythropus
0%
Red-lored ParrotAmazona autumnalis
0%
Red LoryEos bornea
0%
Red-masked ParakeetPsittacara erythrogenys
0%
Red-moustached Fruit-DovePtilinopus mercierii
0%
Red-naped Fruit-DovePtilinopus dohertyi
0%
Red-naped SapsuckerSphyrapicus nuchalis
0%
Red-naped TrogonHarpactes kasumba
0%
Red-necked AracariPteroglossus bitorquatus
0%
Red-necked AvocetRecurvirostra novaehollandiae
0%
Red-necked BuzzardButeo auguralis
0%
Red-necked CrakeRallina tricolor
0%
Red-necked FalconFalco chicquera
0%
Red-necked FrancolinPternistis afer
0%
Red-necked NightjarCaprimulgus ruficollis
0%
Red-necked ParrotAmazona arausiaca
0%
Red-necked PhalaropePhalaropus lobatus
0%
Red-necked StintCalidris ruficollis
0%
Red-necked WoodpeckerCampephilus rubricollis
0%
Red OwlTyto soumagnei
0%
Red PhalaropePhalaropus fulicarius
0%
Red RailAphanapteryx bonasia
0%
Red-rumped ParrotPsephotus haematonotus
0%
Red-rumped TinkerbirdPogoniulus atroflavus
0%
Red-rumped WoodpeckerDryobates kirkii
0%
Red Shining-ParrotProsopeia tabuensis
0%
Red-shouldered MacawDiopsittaca nobilis
0%
Red-spectacled ParrotAmazona pretrei
0%
Red SpurfowlGalloperdix spadicea
0%
Red-stained WoodpeckerDryobates affinis
0%
Red-tailed Black-CockatooCalyptorhynchus banksii
0%
Red-tailed CometSappho sparganurus
0%
Red-tailed ParrotAmazona brasiliensis
0%
Red-tailed TropicbirdPhaethon rubricauda
0%
Red-thighed SparrowhawkAccipiter erythropus
0%
Red-throated BarbetPsilopogon mystacophanos
0%
Red-throated Bee-eaterMerops bulocki
0%
Red-throated CaracaraIbycter americanus
0%
Red-throated LorikeetCharmosyna amabilis
0%
Red-throated Piping-GuanPipile cujubi
0%
Red-vented BarbetPsilopogon lagrandieri
0%
Red-wattled LapwingVanellus indicus
0%
Red-winged FrancolinScleroptila levaillantii
0%
Red-winged ParrotAprosmictus erythropterus
0%
Red-winged TinamouRhynchotus rufescens
0%
Red-winged Wood-RailAramides calopterus
0%
Regent ParrotPolytelis anthopeplus
0%
Reichenow's WoodpeckerCampethera scriptoricauda
0%
Reischek's ParakeetCyanoramphus hochstetteri
0%
Relict GullIchthyaetus relictus
0%
Resplendent QuetzalPharomachrus mocinno
0%
Reunion GallinulePorphyrio caerulescens
0%
Reunion HarrierCircus maillardi
0%
Reunion IbisThreskiornis solitarius
0%
Reunion KestrelFalco duboisi
0%
Reunion Night-HeronNycticorax duboisi
0%
Reunion PigeonNesoenas duboisi
0%
Reunion RailDryolimnas augusti
0%
Reunion Scops-OwlOtus grucheti
0%
Rhinoceros AukletCerorhinca monocerata
0%
Rhinoceros HornbillBuceros rhinoceros
0%
Ridgetop SwiftletCollocalia isonota
0%
Ridgway's HawkButeo ridgwayi
0%
Ridgway's RailRallus obsoletus
0%
Ringed KingfisherMegaceryle torquata
0%
Ringed Storm-PetrelOceanodroma hornbyi
0%
Ringed WoodpeckerCeleus torquatus
0%
Ring-necked DoveStreptopelia capicola
0%
Ring-necked FrancolinScleroptila streptophora
0%
Ring-tailed PigeonPatagioenas caribaea
0%
Rinjani Scops-OwlOtus jolandae
0%
River LapwingVanellus duvaucelii
0%
River TernSterna aurantia
0%
Rivoli's HummingbirdEugenes fulgens
0%
Roadside HawkRupornis magnirostris
0%
Robust WoodpeckerCampephilus robustus
0%
Rock Bush-QuailPerdicula argoondah
0%
Rock Eagle-OwlBubo bengalensis
0%
Rock KestrelFalco rupicolus
0%
Rock ParrotNeophema petrophila
0%
Rock PigeonColumba livia
0%
Rock PratincoleGlareola nuchalis
0%
Rock SandpiperCalidris ptilocnemis
0%
Rodrigues Blue-PigeonAlectroenas payandeei
0%
Rodrigues Night-HeronNycticorax megacephalus
0%
Rodrigues ParrotNecopsittacus rodricanus
0%
Rodrigues RailErythromachus leguati
0%
Rodrigues Scops-OwlOtus murivorus
0%
Rodrigues SolitairePezophaps solitaria
0%
Rodrigues Turtle-DoveNesoenas rodericanus
0%
Roll's PartridgeArborophila rolli
0%
Romblon BoobookNinox spilonotus
0%
Roraiman NightjarSetopagis whitelyi
0%
Rose-crowned Fruit-DovePtilinopus regina
0%
Rose-faced ParrotPyrilia pulchra
0%
Rose-fronted ParakeetPyrrhura roseifrons
0%
Rose-headed ParakeetPyrrhura rhodocephala
0%
Rose-ringed ParakeetPsittacula krameri
0%
Ross's GullRhodostethia rosea
0%
Ross's TuracoMusophaga rossae
0%
Rosy Bee-eaterMerops malimbicus
0%
Rosy-faced LovebirdAgapornis roseicollis
0%
Rothschild's SwiftCypseloides rothschildi
0%
Rouget's RailRougetius rougetii
0%
Roviana RailGallirallus rovianae
0%
Royal AlbatrossDiomedea epomophora
0%
Royal SunangelHeliangelus regalis
0%
Royal TernThalasseus maximus
0%
Ruby-topaz HummingbirdChrysolampis mosquitus
0%
Ruddy-breasted CrakeZapornia fusca
0%
Ruddy CrakeLaterallus ruber
0%
Ruddy Cuckoo-DoveMacropygia emiliana
0%
Ruddy Ground DoveColumbina talpacoti
0%
Ruddy KingfisherHalcyon coromanda
0%
Ruddy PigeonPatagioenas subvinacea
0%
Ruddy Quail-DoveGeotrygon montana
0%
Rufescent Imperial-PigeonDucula chalconota
0%
Rufescent Screech-OwlMegascops ingens
0%
Rufous-backed Dwarf-KingfisherCeyx rufidorsa
0%
Rufous-banded OwlCiccaba albitarsis
0%
Rufous-bellied ChachalacaOrtalis wagleri
0%
Rufous-bellied EagleLophotriorchis kienerii
0%
Rufous-bellied HeronArdeola rufiventris
0%
Rufous-bellied KookaburraDacelo gaudichaud
0%
Rufous-bellied NighthawkLurocalis rufiventris
0%
Rufous-bellied SeedsnipeAttagis gayi
0%
Rufous-bellied WoodpeckerDendrocopos hyperythrus
0%
Rufous-breasted HermitGlaucis hirsutus
0%
Rufous-breasted PiculetPicumnus rufiventris
0%
Rufous-breasted SabrewingCampylopterus hyperythrus
0%
Rufous-breasted SparrowhawkAccipiter rufiventris
0%
Rufous-breasted Wood-QuailOdontophorus speciosus
0%
Rufous-capped MotmotBaryphthengus ruficapillus
0%
Rufous-capped NunletNonnula ruficapilla
0%
Rufous-capped ThornbillChalcostigma ruficeps
0%
Rufous-cheeked NightjarCaprimulgus rufigena
0%
Rufous-chested DotterelCharadrius modestus
0%
Rufous-collared KingfisherActenoides concretus
0%
Rufous CoucalCentropus unirufus
0%
Rufous Crab HawkButeogallus aequinoctialis
0%
Rufous-crested CoquetteLophornis delattrei
0%
Rufous-crowned Bee-eaterMerops americanus
0%
Rufous-crowned RollerCoracias naevius
0%
Rufous-faced CrakeLaterallus xenopterus
0%
Rufous Fishing-OwlScotopelia ussheri
0%
Rufous-fronted ParakeetBolborhynchus ferrugineifrons
0%
Rufous-fronted Wood-QuailOdontophorus erythrops
0%
Rufous-gaped HillstarUrochroa bougueri
0%
Rufous-headed ChachalacaOrtalis erythroptera
0%
Rufous-headed Ground-RollerAtelornis crossleyi
0%
Rufous-headed WoodpeckerCeleus spectabilis
0%
Rufous HornbillBuceros hydrocorax
0%
Rufous HummingbirdSelasphorus rufus
0%
Rufous-legged OwlStrix rufipes
0%
Rufous-lored KingfisherTodiramphus winchelli
0%
Rufous MotmotBaryphthengus martii
0%
Rufous-necked HornbillAceros nipalensis
0%
Rufous-necked PuffbirdMalacoptila rufa
0%
Rufous-necked SparrowhawkAccipiter erythrauchen
0%
Rufous-necked Wood-RailAramides axillaris
0%
Rufous-necked WryneckJynx ruficollis
0%
Rufous Night-HeronNycticorax caledonicus
0%
Rufous NightjarAntrostomus rufus
0%
Rufous OwlNinox rufa
0%
Rufous PiculetSasia abnormis
0%
Rufous PotooNyctibius bracteatus
0%
Rufous SabrewingCampylopterus rufus
0%
Rufous-shafted WoodstarChaetocercus jourdanii
0%
Rufous-sided CrakeLaterallus melanophaius
0%
Rufous-tailed HawkButeo ventralis
0%
Rufous-tailed HummingbirdAmazilia tzacatl
0%
Rufous-tailed JacamarGalbula ruficauda
0%
Rufous-thighed KiteHarpagus diodon
0%
Rufous-throated Bronze-CuckooChrysococcyx ruficollis
0%
Rufous-throated PartridgeArborophila rufogularis
0%
Rufous-throated SapphireHylocharis sapphirina
0%
Rufous-vented ChachalacaOrtalis ruficauda
0%
Rufous-vented Ground-CuckooNeomorphus geoffroyi
0%
Rufous-vented WhitetipUrosticte ruficrissa
0%
Rufous-webbed BrilliantHeliodoxa branickii
0%
Rufous-winged BuzzardButastur liventer
0%
Rufous-winged Ground-CuckooNeomorphus rufipennis
0%
Rufous-winged WoodpeckerPiculus simplex
0%
Rufous WoodpeckerMicropternus brachyurus
0%
Running CouaCoua cursor
0%
Rüppell's BustardEupodotis rueppelii
0%
Rüppell's ParrotPoicephalus rueppellii
0%
Russet-crowned CrakeAnurolimnas viridis
0%
Russet-crowned MotmotMomotus mexicanus
0%
Russet-crowned Quail-DoveZentrygon goldmani
0%
Russet-naped Wood-RailAramides albiventris
0%
Russet-throated PuffbirdHypnelus ruficollis
0%
Rusty-barred OwlStrix hylophila
0%
Rusty-breasted NunletNonnula rubecula
0%
Rusty-cheeked HornbillAnorrhinus tickelli
0%
Rusty-faced ParrotHapalopsittaca amazonina
0%
Rusty-flanked CrakeLaterallus levraudi
0%
Rusty-margined GuanPenelope superciliaris
0%
Rusty-necked PiculetPicumnus fuscus
0%
Rusty TinamouCrypturellus brevirostris
0%
Rwenzori NightjarCaprimulgus ruwenzorii
0%
Rwenzori TuracoRuwenzorornis johnstoni
0%
Ryukyu PigeonColumba jouyi
0%
Ryukyu Scops-OwlOtus elegans
0%
Sabine's SpinetailRhaphidura sabini
0%
Sacred KingfisherTodiramphus sanctus
0%
Saddle-billed StorkEphippiorhynchus senegalensis
0%
Saffron-headed ParrotPyrilia pyrilia
0%
Saffron ToucanetPteroglossus bailloni
0%
Sakalava RailZapornia olivieri
0%
Saker FalconFalco cherrug
0%
Salim Ali's SwiftApus salimalii
0%
Salmon-crested CockatooCacatua moluccensis
0%
Salvadori's Fig-ParrotPsittaculirostris salvadorii
0%
Salvadori's NightjarCaprimulgus pulchellus
0%
Salvadori's PheasantLophura inornata
0%
Salvin's AlbatrossThalassarche salvini
0%
Salvin's CurassowMitu salvini
0%
Salvin's PrionPachyptila salvini
0%
Samar HornbillPenelopides samarensis
0%
Samoan MoorhenGallinula pacifica
0%
Sand-colored NighthawkChordeiles rupestris
0%
Sand PartridgeAmmoperdix heyi
0%
Sandy Scops-OwlOtus icterorhynchus
0%
Sanford's Sea-EagleHaliaeetus sanfordi
0%
Sangihe Hanging-ParrotLoriculus catamene
0%
Sangihe Scops-OwlOtus collari
0%
Santa Cruz Ground DoveAlopecoenas sanctaecrucis
0%
Santa Marta BlossomcrownAnthocephala floriceps
0%
Santa Marta ParakeetPyrrhura viridicata
0%
Santa Marta SabrewingCampylopterus phainopeplus
0%
Santa Marta Screech-OwlMegascops gilesi
0%
Santa Marta WoodstarChaetocercus astreans
0%
Santarem ParakeetPyrrhura amazonum
0%
Sao Tome Green-PigeonTreron sanctithomae
0%
Sao Tome IbisBostrychia bocagei
0%
Sao Tome PigeonColumba malherbii
0%
Sao Tome Scops-OwlOtus hartlaubi
0%
Sao Tome SpinetailZoonavena thomensis
0%
Sapphire-bellied HummingbirdLepidopyga lilliae
0%
Sapphire Quail-DoveGeotrygon saphirina
0%
Sapphire-rumped ParrotletTouit purpuratus
0%
Sapphire-spangled EmeraldAmazilia lactea
0%
Sapphire-throated HummingbirdLepidopyga coeruleogularis
0%
Sapphire-vented PufflegEriocnemis luciani
0%
Satin SwiftletCollocalia uropygialis
0%
Saunders's GullSaundersilarus saundersi
0%
Saunders's TernSternula saundersi
0%
Savanna NightjarCaprimulgus affinis
0%
Savile's BustardEupodotis savilei
0%
Saw-billed HermitRamphodon naevius
0%
Scale-breasted WoodpeckerCeleus grammicus
0%
Scaled ChachalacaOrtalis squamata
0%
Scaled DoveColumbina squammata
0%
Scaled Ground-CuckooNeomorphus squamiger
0%
Scaled MetaltailMetallura aeneocauda
0%
Scaled PiculetPicumnus squamulatus
0%
Scaled PigeonPatagioenas speciosa
0%
Scaled QuailCallipepla squamata
0%
Scale-feathered MalkohaDasylophus cumingi
0%
Scale-throated HermitPhaethornis eurynome
0%
Scaly-bellied WoodpeckerPicus squamatus
0%
Scaly-breasted HummingbirdPhaeochroa cuvierii
0%
Scaly-breasted KingfisherActenoides princeps
0%
Scaly-breasted LorikeetTrichoglossus chlorolepidotus
0%
Scaly-breasted PartridgeArborophila chloropus
0%
Scaly FrancolinPternistis squamatus
0%
Scaly Ground-RollerBrachypteracias squamiger
0%
Scaly-headed ParrotPionus maximiliani
0%
Scaly-naped ParrotAmazona mercenarius
0%
Scaly-naped PigeonPatagioenas squamosa
0%
Scaly-sided MerganserMergus squamatus
0%
Scaly-throated HoneyguideIndicator variegatus
0%
Scarce SwiftSchoutedenapus myoptilus
0%
Scarlet-backed WoodpeckerDryobates callonotus
0%
Scarlet-banded BarbetCapito wallacei
0%
Scarlet-breasted Fruit-DovePtilinopus bernsteinii
0%
Scarlet-chested ParrotNeophema splendida
0%
Scarlet-crowned BarbetCapito aurovirens
0%
Scarlet-fronted ParakeetPsittacara wagleri
0%
Scarlet-hooded BarbetEubucco tucinkae
0%
Scarlet-rumped TrogonHarpactes duvaucelii
0%
Scarlet-shouldered ParrotletTouit huetii
0%
Schalow's TuracoTauraco schalowi
0%
Scheepmaker's Crowned-PigeonGoura scheepmakeri
0%
Schlegel's FrancolinPeliperdix schlegelii
0%
Schouteden's SwiftSchoutedenapus schoutedeni
0%
Schrenck's BitternIxobrychus eurhythmus
0%
Scintillant HummingbirdSelasphorus scintilla
0%
Scissor-tailed HummingbirdHylonympha macrocerca
0%
Scissor-tailed NightjarHydropsalis torquata
0%
Sclater's Crowned-PigeonGoura sclaterii
0%
Sclater's MonalLophophorus sclateri
0%
Scripps's MurreletSynthliboramphus scrippsi
0%
Scrub NightjarNyctidromus anthonyi
0%
SecretarybirdSagittarius serpentarius
0%
See-see PartridgeAmmoperdix griseogularis
0%
Semicollared HawkAccipiter collaris
0%
Semicollared PuffbirdMalacoptila semicincta
0%
Semipalmated PloverCharadrius semipalmatus
0%
Semipalmated SandpiperCalidris pusilla
0%
Senegal CoucalCentropus senegalensis
0%
Senegal LapwingVanellus lugubris
0%
Senegal ParrotPoicephalus senegalus
0%
Senegal Thick-kneeBurhinus senegalensis
0%
Seram Dwarf-KingfisherCeyx lepidus
0%
Seram Imperial-PigeonDucula neglecta
0%
Seram Masked-OwlTyto almae
0%
Seram Mountain-PigeonGymnophaps stalkeri
0%
Seram SwiftletAerodramus ceramensis
0%
Serendib Scops-OwlOtus thilohoffmanni
0%
Severtzov's GrouseTetrastes sewerzowi
0%
Seychelles Blue-PigeonAlectroenas pulcherrimus
0%
Seychelles KestrelFalco araeus
0%
Seychelles ParakeetPsittacula wardi
0%
Seychelles ParrotCoracopsis barklyi
0%
Seychelles Scops-OwlOtus insularis
0%
Seychelles SwiftletAerodramus elaphrus
0%
Sharp-tailed IbisCercibis oxycerca
0%
Sharp-tailed SandpiperCalidris acuminata
0%
Shelley's Eagle-OwlBubo shelleyi
0%
Shelley's FrancolinScleroptila shelleyi
0%
Shining-blue KingfisherAlcedo quadribrachys
0%
Shining Bronze-CuckooChrysococcyx lucidus
0%
Shining-green HummingbirdLepidopyga goudoti
0%
Shining SunbeamAglaeactis cupripennis
0%
Shore PloverThinornis novaeseelandiae
0%
Short-billed DowitcherLimnodromus griseus
0%
Short-billed PigeonPatagioenas nigrirostris
0%
Short-crested CoquetteLophornis brachylophus
0%
Short-legged Ground-RollerBrachypteracias leptosomus
0%
Short-tailed AlbatrossPhoebastria albatrus
0%
Short-tailed EmeraldChlorostilbon poortmani
0%
Short-tailed NighthawkLurocalis semitorquatus
0%
Short-tailed ParrotGraydidascalus brachyurus
0%
Short-tailed ShearwaterArdenna tenuirostris
0%
Short-tailed SwiftChaetura brachyura
0%
Short-tailed WoodstarMyrmia micrura
0%
Short-toed CoucalCentropus rectunguis
0%
Shovel-billed KookaburraClytoceyx rex
0%
Shy Ground DoveAlopecoenas stairi
0%
Siamese FirebackLophura diardi
0%
Siau Scops-OwlOtus siaoensis
0%
Siberian GrouseFalcipennis falcipennis
0%
Sichuan PartridgeArborophila rufipectus
0%
Sickle-winged NightjarEleothreptus anomalus
0%
Sick's SwiftChaetura meridionalis
0%
Silky-tailed NightjarAntrostomus sericocaudatus
0%
Silver-backed NeedletailHirundapus cochinchinensis
0%
Silver-capped Fruit-DovePtilinopus richardsii
0%
Silver GullChroicocephalus novaehollandiae
0%
Silver PheasantLophura nycthemera
0%
Silver-rumped NeedletailRhaphidura leucopygialis
0%
Silver-tipped Imperial-PigeonDucula luctuosa
0%
Silvery-cheeked HornbillBycanistes brevis
0%
Silvery GrebePodiceps occipitalis
0%
Silvery Wood-PigeonColumba argentina
0%
Simeulue Scops-OwlOtus umbra
0%
Sind WoodpeckerDendrocopos assimilis
0%
Singing ParrotGeoffroyus heteroclitus
0%
Singing QuailDactylortyx thoracicus
0%
Sira CurassowPauxi koepckeae
0%
Sirkeer MalkohaTaccocua leschenaultii
0%
Sjöstedt's OwletGlaucidium sjostedti
0%
Sladen's BarbetGymnobucco sladeni
0%
Slate-colored HawkButeogallus schistaceus
0%
Slaty-backed Forest-FalconMicrastur mirandollei
0%
Slaty-backed GullLarus schistisagus
0%
Slaty-breasted RailLewinia striata
0%
Slaty-breasted TinamouCrypturellus boucardi
0%
Slaty-breasted Wood-RailAramides saracura
0%
Slaty Cuckoo-DoveTuracoena modesta
0%
Slaty EgretEgretta vinaceigula
0%
Slaty-headed ParakeetPsittacula himalayana
0%
Slaty-legged CrakeRallina eurizonoides
0%
Slaty-mantled GoshawkAccipiter luteoschistaceus
0%
Slaty-tailed TrogonTrogon massena
0%
Slender-billed CurlewNumenius tenuirostris
0%
Slender-billed FlufftailSarothrura watersi
0%
Slender-billed GullChroicocephalus genei
0%
Slender-billed KiteHelicolestes hamatus
0%
Slender-billed ParakeetEnicognathus leptorhynchus
0%
Slender-billed PrionPachyptila belcheri
0%
Slender SheartailDoricha enicura
0%
Slender-tailed NightjarCaprimulgus clarus
0%
Slender-tailed WoodstarMicrostilbon burmeisteri
0%
Small-billed TinamouCrypturellus parvirostris
0%
Small Blue KingfisherAlcedo coerulescens
0%
Small ButtonquailTurnix sylvaticus
0%
Small PratincoleGlareola lactea
0%
Small SparrowhawkAccipiter nanus
0%
Small St. Helena PetrelBulweria bifax
0%
Smoky-brown WoodpeckerDryobates fumigatus
0%
Smooth-billed AniCrotophaga ani
0%
Snail-eating CouaCoua delalandei
0%
Snares Island SnipeCoenocorypha huegeli
0%
Snoring RailAramidopsis plateni
0%
SnowcapMicrochera albocoronata
0%
Snow Mountain QuailAnurophasis monorthonyx
0%
Snow PetrelPagodroma nivea
0%
Snow PigeonColumba leuconota
0%
Snowy-bellied HummingbirdAmazilia edward
0%
Snowy-crowned TernSterna trudeaui
0%
Sociable LapwingVanellus gregarius
0%
Society KingfisherTodiramphus veneratus
0%
Socorro DoveZenaida graysoni
0%
Socorro ParakeetPsittacara brevipes
0%
Socotra BuzzardButeo socotraensis
0%
Socotra Scops-OwlOtus socotranus
0%
Soft-plumaged PetrelPterodroma mollis
0%
Sokoke Scops-OwlOtus ireneae
0%
Solitary EagleButeogallus solitarius
0%
Solitary SandpiperTringa solitaria
0%
Solitary SnipeGallinago solitaria
0%
Solitary TinamouTinamus solitarius
0%
Solomons BoobookNinox jacquinoti
0%
Solomons FrogmouthRigidipenna inexpectata
0%
Solomons NightjarEurostopodus nigripennis
0%
Somali Bee-eaterMerops revoilii
0%
Somali CourserCursorius somalensis
0%
Somali PigeonColumba oliviae
0%
Sombre HummingbirdAphantochroa cirrochloris
0%
Sombre KingfisherTodiramphus funebris
0%
Sombre NightjarCaprimulgus fraenatus
0%
Sombre PigeonCryptophaps poecilorrhoa
0%
Sooty AlbatrossPhoebetria fusca
0%
Sooty BarbetCaloramphus hayii
0%
Sooty BarbthroatThrenetes niger
0%
Sooty-capped HermitPhaethornis augusti
0%
Sooty-capped PuffbirdBucco noanamae
0%
Sooty FalconFalco concolor
0%
Sooty GullIchthyaetus hemprichii
0%
Sooty OwlTyto tenebricosa
0%
Sooty OystercatcherHaematopus fuliginosus
0%
Sooty SwiftCypseloides fumigatus
0%
South American Painted-SnipeNycticryphes semicollaris
0%
South American SnipeGallinago paraguaiae
0%
South American TernSterna hirundinacea
0%
Southern Bald IbisGeronticus calvus
0%
Southern BoobookNinox boobook
0%
Southern CaracaraCaracara plancus
0%
Southern Carmine Bee-eaterMerops nubicoides
0%
Southern Emerald-ToucanetAulacorhynchus albivitta
0%
Southern Giant-PetrelMacronectes giganteus
0%
Southern Ground-HornbillBucorvus leadbeateri
0%
Southern Red-billed HornbillTockus rufirostris
0%
Southern Silvery-KingfisherCeyx argentatus
0%
Southern Sooty-WoodpeckerMulleripicus fuliginosus
0%
Southern White-faced OwlPtilopsis granti
0%
Southern Yellow-billed HornbillTockus leucomelas
0%
South Georgia Diving-PetrelPelecanoides georgicus
0%
South Georgia ShagPhalacrocorax georgianus
0%
South Island OystercatcherHaematopus finschi
0%
South Island SnipeCoenocorypha iredalei
0%
South Island TakahePorphyrio hochstetteri
0%
Spangled CoquetteLophornis stictolophus
0%
Spangled KookaburraDacelo tyro
0%
Spanish EagleAquila adalberti
0%
Sparkling-tailed HummingbirdTilmatura dupontii
0%
Sparkling VioletearColibri coruscans
0%
Speckle-breasted WoodpeckerChloropicus poecilolaemus
0%
Speckle-chested PiculetPicumnus steindachneri
0%
Speckled BoobookNinox punctulata
0%
Speckled ChachalacaOrtalis guttata
0%
Speckled HummingbirdAdelomyia melanogenys
0%
Speckled MousebirdColius striatus
0%
Speckled PiculetPicumnus innominatus
0%
Speckled PigeonColumba guinea
0%
Speckled RailCoturnicops notatus
0%
Speckled TinkerbirdPogoniulus scolopaceus
0%
Speckled Wood-PigeonColumba hodgsonii
0%
Speckle-faced ParrotPionus tumultuosus
0%
Spectacled DuckSpeculanas specularis
0%
Spectacled EiderSomateria fischeri
0%
Spectacled GuillemotCepphus carbo
0%
Spectacled Imperial-PigeonDucula perspicillata
0%
Spectacled ParrotletForpus conspicillatus
0%
Spectacled PetrelProcellaria conspicillata
0%
Spice Imperial-PigeonDucula myristicivora
0%
Spinifex PigeonGeophaps plumifera
0%
Spix's MacawCyanopsitta spixii
0%
Spoon-billed SandpiperCalidris pygmaea
0%
Spot-backed PuffbirdNystalus maculatus
0%
Spot-bellied Eagle-OwlBubo nipalensis
0%
Spot-billed ToucanetSelenidera maculirostris
0%
Spot-breasted IbisBostrychia rara
0%
Spot-breasted LapwingVanellus melanocephalus
0%
Spot-breasted WoodpeckerColaptes punctigula
0%
Spot-crowned BarbetCapito maculicoronatus
0%
Spot-flanked BarbetTricholaema lacrymosa
0%
Spot-flanked GallinulePorphyriops melanops
0%
Spot-fronted SwiftCypseloides cherriei
0%
Spotless CrakeZapornia tabuensis
0%
Spot-tailed GoshawkAccipiter trinotatus
0%
Spot-tailed NightjarHydropsalis maculicaudus
0%
Spotted ButtonquailTurnix ocellatus
0%
Spotted CrakePorzana porzana
0%
Spotted DoveStreptopelia chinensis
0%
Spotted Eagle-OwlBubo africanus
0%
Spotted Green PigeonCaloenas maculata
0%
Spotted HarrierCircus assimilis
0%
Spotted HoneyguideIndicator maculatus
0%
Spotted Imperial-PigeonDucula carola
0%
Spotted KestrelFalco moluccensis
0%
Spotted KingfisherActenoides lindsayi
0%
Spotted NightjarEurostopodus argus
0%
Spotted NothuraNothura maculosa
0%
Spotted OwletAthene brama
0%
Spotted PiculetPicumnus pygmaeus
0%
Spotted PuffbirdBucco tamatia
0%
Spotted RailPardirallus maculatus
0%
Spotted RedshankTringa erythropus
0%
Spotted SandgrousePterocles senegallus
0%
Spotted ShagPhalacrocorax punctatus
0%
Spotted Wood-OwlStrix seloputo
0%
Spotted Wood-QuailOdontophorus guttatus
0%
Spot-throated FlamebackDinopium everetti
0%
Spot-throated HummingbirdLeucippus taczanowskii
0%
Spot-winged FalconetSpiziapteryx circumcincta
0%
Spot-winged ParrotletTouit stictopterus
0%
Spot-winged PigeonPatagioenas maculosa
0%
Spot-winged Wood-QuailOdontophorus capueira
0%
Spur-winged LapwingVanellus spinosus
0%
Squacco HeronArdeola ralloides
0%
Square-tailed Drongo-CuckooSurniculus lugubris
0%
Square-tailed KiteLophoictinia isura
0%
Square-tailed NightjarCaprimulgus fossii
0%
Squatter PigeonGeophaps scripta
0%
Squirrel CuckooPiaya cayana
0%
Sri Lanka Bay-OwlPhodilus assimilis
0%
Sri Lanka FrogmouthBatrachostomus moniliger
0%
Sri Lanka Gray HornbillOcyceros gingalensis
0%
Sri Lanka Green-PigeonTreron pompadora
0%
Sri Lanka Hanging-ParrotLoriculus beryllinus
0%
Sri Lanka JunglefowlGallus lafayettii
0%
Sri Lanka SpurfowlGalloperdix bicalcarata
0%
Sri Lanka Wood-PigeonColumba torringtoniae
0%
Standard-winged NightjarCaprimulgus longipennis
0%
Starred Wood-QuailOdontophorus stellatus
0%
Starry Owlet-nightjarAegotheles tatei
0%
Star-spotted NightjarCaprimulgus stellatus
0%
Steely-vented HummingbirdAmazilia saucerottei
0%
Stejneger's PetrelPterodroma longirostris
0%
Stejneger's ScoterMelanitta stejnegeri
0%
Steller's EiderPolysticta stelleri
0%
Steller's Sea-EagleHaliaeetus pelagicus
0%
Stephan's DoveChalcophaps stephani
0%
Stephen's LorikeetVini stepheni
0%
Stewart Island ShagPhalacrocorax chalconotus
0%
St. Helena CrakeAtlantisia podarces
0%
St. Helena CuckooNannococcyx psix
0%
St. Helena HoopoeUpupa antaios
0%
St. Helena PloverCharadrius sanctaehelenae
0%
St. Helena RailZapornia astrictocarpus
0%
Stierling's WoodpeckerChloropicus stierlingi
0%
Stilt SandpiperCalidris himantopus
0%
St. Lucia ParrotAmazona versicolor
0%
Stock DoveColumba oenas
0%
Stone PartridgePtilopachus petrosus
0%
Stork-billed KingfisherPelargopsis capensis
0%
Storm's StorkCiconia stormi
0%
Straight-billed HermitPhaethornis bourcieri
0%
Streak-breasted WoodpeckerPicus viridanus
0%
Streaked ShearwaterCalonectris leucomelas
0%
Streak-throated HermitPhaethornis rupurumii
0%
Streak-throated WoodpeckerPicus xanthopygaeus
0%
Streaky-breasted FlufftailSarothrura boehmi
0%
StreamertailTrochilus polytmus
0%
Striated CaracaraPhalcoboenus australis
0%
Striated LorikeetCharmosyna multistriata
0%
Strickland's WoodpeckerDryobates stricklandi
0%
Stripe-backed BitternIxobrychus involucris
0%
Stripe-breasted StarthroatHeliomaster squamosus
0%
Stripe-breasted WoodpeckerDendrocopos atratus
0%
Stripe-cheeked WoodpeckerPiculus callopterus
0%
Striped CrakeAmaurornis marginalis
0%
Striped CuckooTapera naevia
0%
Striped FlufftailSarothrura affinis
0%
Striped KingfisherHalcyon chelicuti
0%
Striped WoodpeckerDryobates lignarius
0%
Stripe-faced Wood-QuailOdontophorus balliviani
0%
Stripe-tailed HummingbirdEupherusa eximia
0%
Stripe-throated HermitPhaethornis striigularis
0%
Stubble QuailCoturnix pectoralis
0%
St. Vincent ParrotAmazona guildingii
0%
Subantarctic ShearwaterPuffinus elegans
0%
Subantarctic SnipeCoenocorypha aucklandica
0%
Subdesert MesiteMonias benschi
0%
Subtropical Pygmy-OwlGlaucidium parkeri
0%
Sula Cuckoo-DoveTuracoena sulaensis
0%
Sula Dwarf-KingfisherCeyx wallacii
0%
Sula Fruit-DovePtilinopus mangoliensis
0%
Sula Hanging-ParrotLoriculus sclateri
0%
Sula Scops-OwlOtus sulaensis
0%
Sula ScrubfowlMegapodius bernsteinii
0%
Sulawesi CuckooCuculus crassirostris
0%
Sulawesi Dwarf-KingfisherCeyx fallax
0%
Sulawesi GoshawkAccipiter griseiceps
0%
Sulawesi Ground DoveGallicolumba tristigmata
0%
Sulawesi Hanging-ParrotLoriculus stigmatus
0%
Sulawesi Hawk-EagleNisaetus lanceolatus
0%
Sulawesi Honey-buzzardPernis celebensis
0%
Sulawesi HornbillRhabdotorrhinus exarhatus
0%
Sulawesi Masked-OwlTyto rosenbergii
0%
Sulawesi NightjarCaprimulgus celebensis
0%
Sulawesi Scops-OwlOtus manadensis
0%
Sulawesi Serpent-EagleSpilornis rufipectus
0%
Sulawesi SwiftletAerodramus sororum
0%
Sulawesi WoodcockScolopax celebensis
0%
Sulawesi WoodpeckerYungipicus temminckii
0%
Sulphur-breasted ParakeetAratinga maculata
0%
Sulphur-crested CockatooCacatua galerita
0%
Sulphur-winged ParakeetPyrrhura hoffmanni
0%
Sultan's Cuckoo-DoveMacropygia doreya
0%
Sulu Bleeding-heartGallicolumba menagei
0%
Sulu BoobookNinox reyi
0%
Sulu HornbillAnthracoceros montani
0%
Sulu WoodpeckerYungipicus ramsayi
0%
Sumatran FrogmouthBatrachostomus poliolophus
0%
Sumatran Ground-CuckooCarpococcyx viridis
0%
Sumatran PartridgeArborophila sumatrana
0%
Sumatran TrogonHarpactes mackloti
0%
Sumba BoobookNinox rudolfi
0%
Sumba ButtonquailTurnix everetti
0%
Sumba Green-PigeonTreron teysmannii
0%
Sumba HornbillRhyticeros everetti
0%
Sunda CoucalCentropus nigrorufus
0%
Sunda CuckooCuculus lepidus
0%
Sunda FrogmouthBatrachostomus cornutus
0%
Sunda Scops-OwlOtus lempiji
0%
Sunda TealAnas gibberifrons
0%
Sunda WoodpeckerYungipicus moluccensis
0%
Sun ParakeetAratinga solstitialis
0%
Sunset LorikeetTrichoglossus forsteni
0%
Superb Fruit-DovePtilinopus superbus
0%
Superb ParrotPolytelis swainsonii
0%
SurfbirdCalidris virgata
0%
Surucua TrogonTrogon surrucura
0%
Swainson's FrancolinPternistis swainsonii
0%
Swallow-tailed Bee-eaterMerops hirundineus
0%
Swallow-tailed GullCreagrus furcatus
0%
Swallow-tailed HummingbirdEupetomena macroura
0%
Swallow-tailed NightjarUropsalis segmentata
0%
Swallow-winged PuffbirdChelidoptera tenebrosa
0%
Swamp FrancolinFrancolinus gularis
0%
Swamp HarrierCircus approximans
0%
Swamp NightjarCaprimulgus natalensis
0%
Swan GooseAnser cygnoides
0%
Swierstra's FrancolinPternistis swierstrai
0%
Swift ParrotLathamus discolor
0%
Swinhoe's PheasantLophura swinhoii
0%
Swinhoe's RailCoturnicops exquisitus
0%
Swinhoe's SnipeGallinago megala
0%
Swinhoe's Storm-PetrelOceanodroma monorhis
0%
Sword-billed HummingbirdEnsifera ensifera
0%
Sykes's NightjarCaprimulgus mahrattensis
0%
Syrian WoodpeckerDendrocopos syriacus
0%
Szechenyi's PartridgeTetraophasis szechenyii
0%
Tabon ScrubfowlMegapodius cumingii
0%
Tacarcuna Wood-QuailOdontophorus dialeucos
0%
Taczanowski's TinamouNothoprocta taczanowskii
0%
Tahiti PetrelPseudobulweria rostrata
0%
Tahiti RailGallirallus pacificus
0%
Taiga Bean-GooseAnser fabalis
0%
Taita FalconFalco fasciinucha
0%
Taiwan Bamboo-PartridgeBambusicola sonorivox
0%
Taiwan BarbetPsilopogon nuchalis
0%
Taiwan PartridgeArborophila crudigularis
0%
Talamanca HummingbirdEugenes spectabilis
0%
Talaud Bush-henAmaurornis magnirostris
0%
Talaud KingfisherTodiramphus enigma
0%
Talaud RailGymnocrex talaudensis
0%
Taliabu Masked-OwlTyto nigrobrunnea
0%
Tamaulipas Pygmy-OwlGlaucidium sanchezi
0%
Tambourine DoveTurtur tympanistria
0%
Tanimbar BoobookNinox forbesi
0%
Tanimbar CorellaCacatua goffiniana
0%
Tanimbar Cuckoo-DoveMacropygia timorlaoensis
0%
Tanimbar ScrubfowlMegapodius tenimberensis
0%
Tanna Fruit-DovePtilinopus tannensis
0%
Tanna Ground DoveAlopecoenas ferrugineus
0%
Tanzanian Red-billed HornbillTockus ruahae
0%
Tapajos HermitPhaethornis aethopygus
0%
Tasmanian NativehenTribonyx mortierii
0%
Tataupa TinamouCrypturellus tataupa
0%
Tawitawi Brown-DovePhapitreron cinereiceps
0%
Tawny-bellied HermitPhaethornis syrmatophorus
0%
Tawny-bellied Screech-OwlMegascops watsonii
0%
Tawny-browed OwlPulsatrix koeniswaldiana
0%
Tawny-collared NightjarAntrostomus salvini
0%
Tawny-faced QuailRhynchortyx cinctus
0%
Tawny Fish-OwlKetupa flavipes
0%
Tawny FrogmouthPodargus strigoides
0%
Tawny PiculetPicumnus fulvescens
0%
Tawny-throated DotterelOreopholus ruficollis
0%
Tawny-tufted ToucanetSelenidera nattereri
0%
Temminck's CourserCursorius temminckii
0%
Temminck's StintCalidris temminckii
0%
Tenggara SwiftletCollocalia sumbawae
0%
Tepui GoldenthroatPolytmus milleri
0%
Tepui ParrotletNannopsittaca panychlora
0%
Tepui SwiftStreptoprocne phelpsi
0%
Tepui TinamouCrypturellus ptaritepui
0%
Tepui ToucanetAulacorhynchus whitelianus
0%
Terek SandpiperXenus cinereus
0%
Thick-billed CuckooPachycoccyx audeberti
0%
Thick-billed Green-PigeonTreron curvirostra
0%
Thick-billed Ground DoveAlopecoenas salamonis
0%
Thick-billed Ground-PigeonTrugon terrestris
0%
Thick-billed HoneyguideIndicator conirostris
0%
Thick-billed MurreUria lomvia
0%
Thick-billed ParrotRhynchopsitta pachyrhyncha
0%
Thicket TinamouCrypturellus cinnamomeus
0%
Three-banded CourserRhinoptilus cinctus
0%
Three-banded PloverCharadrius tricollaris
0%
Three-toed JacamarJacamaralcyon tridactyla
0%
Three-toed SwiftletAerodramus papuensis
0%
Tibetan Eared-PheasantCrossoptilon harmani
0%
Tibetan PartridgePerdix hodgsoniae
0%
Tibetan SandgrouseSyrrhaptes tibetanus
0%
Tibetan SnowcockTetraogallus tibetanus
0%
Timor Cuckoo-DoveMacropygia magna
0%
Timor Green-PigeonTreron psittaceus
0%
Timor Imperial-PigeonDucula cineracea
0%
Toco ToucanRamphastos toco
0%
Todd's NightjarSetopagis heterura
0%
Tody MotmotHylomanes momotula
0%
Togian BoobookNinox burhani
0%
Tolima BlossomcrownAnthocephala berlepschi
0%
Tolima DoveLeptotila conoveri
0%
Tooth-billed HummingbirdAndrodon aequatorialis
0%
Tooth-billed PigeonDidunculus strigirostris
0%
Topknot PigeonLopholaimus antarcticus
0%
Torotoroka Scops-OwlOtus madagascariensis
0%
Torresian Imperial-PigeonDucula spilorrhoa
0%
Torresian KingfisherTodiramphus sordidus
0%
Toucan BarbetSemnornis ramphastinus
0%
Tourmaline SunangelHeliangelus exortis
0%
Townsend's ShearwaterPuffinus auricularis
0%
Townsend's Storm-PetrelOceanodroma socorroensis
0%
Trindade PetrelPterodroma arminjoniana
0%
Trinidad MotmotMomotus bahamensis
0%
Trinidad Piping-GuanPipile pipile
0%
Tristan MoorhenGallinula nesiotis
0%
Tristram's Storm-PetrelOceanodroma tristrami
0%
Trocaz PigeonColumba trocaz
0%
Tropical Screech-OwlMegascops choliba
0%
Tropical ShearwaterPuffinus bailloni
0%
Trumpeter HornbillBycanistes bucinator
0%
Tschudi's NightjarSystellura decussata
0%
Tsingy Wood-RailMentrocrex beankaensis
0%
Tuamotu SandpiperProsobonia parvirostris
0%
Tucuman ParrotAmazona tucumana
0%
Tufted CoquetteLophornis ornatus
0%
Tufted DuckAythya fuligula
0%
Tui ParakeetBrotogeris sanctithomae
0%
Tullberg's WoodpeckerCampethera tullbergi
0%
Tumbes HummingbirdLeucippus baeri
0%
Turquoise-browed MotmotEumomota superciliosa
0%
Turquoise-fronted ParrotAmazona aestiva
0%
Turquoise ParrotNeophema pulchella
0%
Turquoise-throated BarbetPsilopogon chersonesus
0%
Turquoise-throated PufflegEriocnemis godini
0%
Tuxtla Quail-DoveZentrygon carrikeri
0%
Two-banded PloverCharadrius falklandicus
0%
Tyrian MetaltailMetallura tyrianthina
0%
Udzungwa PartridgeXenoperdix udzungwensis
0%
Ultramarine KingfisherTodiramphus leucopygius
0%
Ultramarine LorikeetVini ultramarina
0%
Undulated TinamouCrypturellus undulatus
0%
Uniform CrakeAmaurolimnas concolor
0%
Uniform SwiftletAerodramus vanikorensis
0%
Unspotted Saw-whet OwlAegolius ridgwayi
0%
Upland BuzzardButeo hemilasius
0%
Usambara Eagle-OwlBubo vosseleri
0%
Vanuatu KingfisherTodiramphus farquhari
0%
Vanuatu PetrelPterodroma occulta
0%
Vanuatu ScrubfowlMegapodius layardi
0%
Variable ChachalacaOrtalis motmot
0%
Variable GoshawkAccipiter hiogaster
0%
Variable OystercatcherHaematopus unicolor
0%
Varied LorikeetPsitteuteles versicolor
0%
Variegated TinamouCrypturellus variegatus
0%
Varzea PiculetPicumnus varzeae
0%
Vaurie's NightjarCaprimulgus centralasicus
0%
Vaux's SwiftChaetura vauxi
0%
Velvet-browed BrilliantHeliodoxa xanthogonys
0%
Velvet DovePtilinopus layardi
0%
Velvet-purple CoronetBoissonneaua jardini
0%
Velvet ScoterMelanitta fusca
0%
Venezuelan SylphAglaiocercus berlepschi
0%
Venezuelan Wood-QuailOdontophorus columbianus
0%
Veraguan MangoAnthracothorax veraguensis
0%
Vermiculated Fishing-OwlScotopelia bouvieri
0%
Vernal Hanging-ParrotLoriculus vernalis
0%
Verreaux's CouaCoua verreauxi
0%
Verreaux's EagleAquila verreauxii
0%
Verreaux's Eagle-OwlBubo lacteus
0%
Verreaux's PartridgeTetraophasis obscurus
0%
Versicolored BarbetEubucco versicolor
0%
Versicolored EmeraldAmazilia versicolor
0%
Vervain HummingbirdMellisuga minima
0%
Victoria Crowned-PigeonGoura victoria
0%
Vieillot's BarbetLybius vieilloti
0%
Vinaceous-breasted ParrotAmazona vinacea
0%
Vinaceous DoveStreptopelia vinacea
0%
Vinous-breasted SparrowhawkAccipiter rhodogaster
0%
Violaceous CoucalCentropus violaceus
0%
Violaceous Quail-DoveGeotrygon violacea
0%
Violet-bellied HummingbirdJuliamyia julie
0%
Violet-capped HummingbirdGoldmania violiceps
0%
Violet-capped WoodnymphThalurania glaucopis
0%
Violet-chested HummingbirdSternoclyta cyanopectus
0%
Violet-crowned HummingbirdAmazilia violiceps
0%
Violet CuckooChrysococcyx xanthorhynchus
0%
Violet-fronted BrilliantHeliodoxa leadbeateri
0%
Violet-headed HummingbirdKlais guimeti
0%
Violet-necked LoryEos squamata
0%
Violet SabrewingCampylopterus hemileucurus
0%
Violet-tailed SylphAglaiocercus coelestis
0%
Violet-throated MetaltailMetallura baroni
0%
Violet-throated StarfrontletCoeligena violifer
0%
Violet TuracoMusophaga violacea
0%
Violet WoodhoopoePhoeniculus damarensis
0%
Viridian MetaltailMetallura williami
0%
Visayan HornbillPenelopides panini
0%
Vogelkop Owlet-nightjarAegotheles affinis
0%
Volcano HummingbirdSelasphorus flammula
0%
Volcano SwiftletAerodramus vulcanorum
0%
Von der Decken's HornbillTockus deckeni
0%
Vulturine GuineafowlAcryllium vulturinum
0%
Vulturine ParrotPyrilia vulturina
0%
Wahlberg's HoneyguideProdotiscus regulus
0%
Waigeo BrushturkeyAepypodius bruijnii
0%
Wake Island RailGallirallus wakensis
0%
Wallace's Fruit-DovePtilinopus wallacii
0%
Wallace's Hanging-ParrotLoriculus flosculus
0%
Wallace's Hawk-EagleNisaetus nanus
0%
Wallace's Owlet-nightjarAegotheles wallacii
0%
Wallace's Scops-OwlOtus silvicola
0%
Wandering TattlerTringa incana
0%
Ward's TrogonHarpactes wardi
0%
WatercockGallicrex cinerea
0%
Waterfall SwiftHydrochous gigas
0%
Water Thick-kneeBurhinus vermiculatus
0%
Wattled BrushturkeyAepypodius arfakianus
0%
Wattled IbisBostrychia carunculata
0%
Wattled LapwingVanellus senegallus
0%
Waved AlbatrossPhoebastria irrorata
0%
Waved WoodpeckerCeleus undatus
0%
Wedge-rumped Storm-PetrelOceanodroma tethys
0%
Wedge-tailed Green-PigeonTreron sphenurus
0%
Wedge-tailed HillstarOreotrochilus adela
0%
Wedge-tailed SabrewingCampylopterus curvipennis
0%
Wedge-tailed ShearwaterArdenna pacifica
0%
WekaGallirallus australis
0%
Western CorellaCacatua pastinator
0%
Western Crowned-PigeonGoura cristata
0%
Western EmeraldChlorostilbon melanorhynchus
0%
Western GullLarus occidentalis
0%
Western Plantain-eaterCrinifer piscator
0%
Western Red-billed HornbillTockus kempi
0%
Western Reef-HeronEgretta gularis
0%
Western RosellaPlatycercus icterotis
0%
Western SandpiperCalidris mauri
0%
Western Striolated-PuffbirdNystalus obamai
0%
Western TinkerbirdPogoniulus coryphaea
0%
West Indian WoodpeckerMelanerpes superciliaris
0%
Westland PetrelProcellaria westlandica
0%
West Mexican ChachalacaOrtalis poliocephala
0%
West Peruvian DoveZenaida meloda
0%
Wetar Ground DoveAlopecoenas hoedtii
0%
WhimbrelNumenius phaeopus
0%
Whiskered AukletAethia pygmaea
0%
Whiskered TernChlidonias hybrida
0%
Whiskered TreeswiftHemiprocne comata
0%
Whistling Green-PigeonTreron formosae
0%
White-backed MousebirdColius colius
0%
White-backed Night-HeronGorsachius leuconotus
0%
White-backed VultureGyps africanus
0%
White-backed WoodpeckerDendrocopos leucotos
0%
White-barred PiculetPicumnus cirratus
0%
White-bearded HelmetcrestOxypogon lindenii
0%
White-bearded HermitPhaethornis hispidus
0%
White-bellied BustardEupodotis senegalensis
0%
White-bellied ChachalacaOrtalis leucogastra
0%
White-bellied EmeraldAmazilia candida
0%
White-bellied Go-away-birdCorythaixoides leucogaster
0%
White-bellied Green-PigeonTreron sieboldii
0%
White-bellied HeronArdea insignis
0%
White-bellied HummingbirdAmazilia chionogaster
0%
White-bellied Imperial-PigeonDucula forsteni
0%
White-bellied KingfisherCorythornis leucogaster
0%
White-bellied Mountain-gemLampornis hemileucus
0%
White-bellied NothuraNothura boraquira
0%
White-bellied ParrotPionites leucogaster
0%
White-bellied PiculetPicumnus spilogaster
0%
White-bellied SeedsnipeAttagis malouinus
0%
White-bellied Storm-PetrelFregetta grallaria
0%
White-bellied WoodpeckerDryocopus javensis
0%
White-bellied WoodstarChaetocercus mulsant
0%
White-bibbed Ground DoveAlopecoenas jobiensis
0%
White-breasted Fruit-DovePtilinopus rivoli
0%
White-breasted GuineafowlAgelastes meleagrides
0%
White-breasted MesiteMesitornis variegatus
0%
White-browed CoucalCentropus superciliosus
0%
White-browed CrakeAmaurornis cinerea
0%
White-browed GuanPenelope jacucaca
0%
White-browed HawkLeucopternis kuhli
0%
White-browed HermitPhaethornis stuarti
0%
White-browed OwlAthene superciliaris
0%
White-browed PiculetSasia ochracea
0%
White-browed WoodpeckerPiculus aurulentus
0%
White-capped AlbatrossThalassarche cauta
0%
White-capped Fruit-DovePtilinopus dupetithouarsii
0%
White-cheeked BarbetPsilopogon viridis
0%
White-cheeked PartridgeArborophila atrogularis
0%
White-cheeked TernSterna repressa
0%
White-cheeked TuracoTauraco leucotis
0%
White-chested EmeraldAmazilia brevirostris
0%
White-chested PuffbirdMalacoptila fusca
0%
White-chested SwiftCypseloides lemosi
0%
White-chinned JacamarGalbula tombacea
0%
White-chinned PetrelProcellaria aequinoctialis
0%
White-chinned SapphireHylocharis cyanus
0%
White-chinned SwiftCypseloides cryptus
0%
White CockatooCacatua alba
0%
White-collared KiteLeptodon forbesi
0%
White-collared PigeonColumba albitorques
0%
White-collared SwiftStreptoprocne zonaris
0%
White-crested BitternTigriornis leucolopha
0%
White-crested CoquetteLophornis adorabilis
0%
White-crested GuanPenelope pileata
0%
White-crested HornbillHorizocerus albocristatus
0%
White-crested TuracoTauraco leucolophus
0%
White-crowned HornbillBerenicornis comatus
0%
White-crowned KoelCacomantis leucolophus
0%
White-crowned ParrotPionus senilis
0%
White-crowned PigeonPatagioenas leucocephala
0%
White-eared BarbetStactolaema leucotis
0%
White-eared Bronze-CuckooChrysococcyx meyerii
0%
White-eared Brown-DovePhapitreron leucotis
0%
White-eared HummingbirdHylocharis leucotis
0%
White-eared JacamarGalbalcyrhynchus leucotis
0%
White-eared Night-HeronGorsachius magnificus
0%
White Eared-PheasantCrossoptilon crossoptilon
0%
White-eared PuffbirdNystalus chacuru
0%
White-eyed BuzzardButastur teesa
0%
White-eyed GullIchthyaetus leucophthalmus
0%
White-eyed ParakeetPsittacara leucophthalmus
0%
White-faced Cuckoo-DoveTuracoena manadensis
0%
White-faced HeronEgretta novaehollandiae
0%
White-faced NunbirdHapaloptila castanea
0%
White-faced Quail-DoveZentrygon albifacies
0%
White-faced Storm-PetrelPelagodroma marina
0%
White-faced Whistling-DuckDendrocygna viduata
0%
White-fronted Bee-eaterMerops bullockoides
0%
White-fronted FalconetMicrohierax latifrons
0%
White-fronted NunbirdMonasa morphoeus
0%
White-fronted ParrotAmazona albifrons
0%
White-fronted PloverCharadrius marginatus
0%
White-fronted Quail-DoveGeotrygon leucometopia
0%
White-fronted Scops-OwlOtus sagittatus
0%
White-fronted SwiftCypseloides storeri
0%
White-fronted TernSterna striata
0%
White-fronted WoodpeckerMelanerpes cactorum
0%
White-headed BarbetLybius leucocephalus
0%
White-headed Fruit-DovePtilinopus eugeniae
0%
White-headed LapwingVanellus albiceps
0%
White-headed MousebirdColius leucocephalus
0%
White-headed PetrelPterodroma lessonii
0%
White-headed PigeonColumba leucomela
0%
White-headed Steamer-DuckTachyeres leucocephalus
0%
White-headed VultureTrigonoceps occipitalis
0%
White-headed WoodhoopoePhoeniculus bollei
0%
White-headed WoodpeckerDryobates albolarvatus
0%
Whitehead's SwiftletAerodramus whiteheadi
0%
Whitehead's TrogonHarpactes whiteheadi
0%
White-mantled BarbetCapito hypoleucus
0%
White-naped LoryLorius albidinucha
0%
White-naped PigeonColumba albinucha
0%
White-naped SwiftStreptoprocne semicollaris
0%
White-naped WoodpeckerChrysocolaptes festivus
0%
White-necked HawkButeogallus lacernulatus
0%
White-necked JacobinFlorisuga mellivora
0%
White-necked ParakeetPyrrhura albipectus
0%
White-necked PetrelPterodroma cervicalis
0%
White-necked PuffbirdNotharchus hyperrhynchus
0%
White-necklaced PartridgeArborophila gingica
0%
White-nest SwiftletAerodramus fuciphagus
0%
White-quilled BustardEupodotis afraoides
0%
White-quilled Rock-PigeonPetrophassa albipennis
0%
White-rumped FalconPolihierax insignis
0%
White-rumped HawkParabuteo leucorrhous
0%
White-rumped KingfisherCaridonax fulgidus
0%
White-rumped NeedletailZoonavena sylvatica
0%
White-rumped SandpiperCalidris fuscicollis
0%
White-rumped SwiftApus caffer
0%
White-rumped SwiftletAerodramus spodiopygius
0%
White-shouldered IbisPseudibis davisoni
0%
White-sided HillstarOreotrochilus leucopleurus
0%
White-spotted FlufftailSarothrura pulchra
0%
White-spotted WoodpeckerDryobates spilogaster
0%
White-striped Forest-RailRallina leucospila
0%
White-tailed EmeraldElvira chionura
0%
White-tailed GoldenthroatPolytmus guainumbi
0%
White-tailed HawkGeranoaetus albicaudatus
0%
White-tailed HummingbirdEupherusa poliocerca
0%
White-tailed KiteElanus leucurus
0%
White-tailed LapwingVanellus leucurus
0%
White-tailed NightjarHydropsalis cayennensis
0%
White-tailed SabrewingCampylopterus ensipennis
0%
White-tailed StarfrontletCoeligena phalerata
0%
White-tailed TrogonTrogon chionurus
0%
White-tailed TropicbirdPhaethon lepturus
0%
White-thighed HornbillBycanistes albotibialis
0%
White-throated Bee-eaterMerops albicollis
0%
White-throated CaracaraPhalcoboenus albogularis
0%
White-throated CrakeLaterallus albigularis
0%
White-throated FrancolinPeliperdix albogularis
0%
White-throated Ground DoveAlopecoenas xanthonurus
0%
White-throated HawkButeo albigula
0%
White-throated HummingbirdLeucochloris albicollis
0%
White-throated JacamarBrachygalba albogularis
0%
White-throated KingfisherHalcyon smyrnensis
0%
White-throated Mountain-gemLampornis castaneoventris
0%
White-throated NeedletailHirundapus caudacutus
0%
White-throated NightjarEurostopodus mystacalis
0%
White-throated Quail-DoveZentrygon frenata
0%
White-throated RailDryolimnas cuvieri
0%
White-throated Screech-OwlMegascops albogularis
0%
White-throated SwiftAeronautes saxatalis
0%
White-throated TinamouTinamus guttatus
0%
White-throated ToucanRamphastos tucanus
0%
White-throated WoodpeckerPiculus leucolaemus
0%
White-tipped DoveLeptotila verreauxi
0%
White-tipped QuetzalPharomachrus fulgidus
0%
White-tipped SicklebillEutoxeres aquila
0%
White-tipped SwiftAeronautes montivagus
0%
White-tufted SunbeamAglaeactis castelnaudii
0%
White-vented PlumeleteerChalybura buffonii
0%
White-vented VioletearColibri serrirostris
0%
White-wedged PiculetPicumnus albosquamatus
0%
White-whiskered HermitPhaethornis yaruqui
0%
White-whiskered PuffbirdMalacoptila panamensis
0%
White-winged Collared-DoveStreptopelia reichenowi
0%
White-winged CootFulica leucoptera
0%
White-winged DoveZenaida asiatica
0%
White-winged FlufftailSarothrura ayresi
0%
White-winged GuanPenelope albipennis
0%
White-winged NightjarEleothreptus candicans
0%
White-winged ParakeetBrotogeris versicolurus
0%
White-winged PotooNyctibius leucopterus
0%
White-winged SandpiperProsobonia leucoptera
0%
White-winged TernChlidonias leucopterus
0%
White-winged WoodpeckerDendrocopos leucopterus
0%
White WoodpeckerMelanerpes candidus
0%
Whooping MotmotMomotus subrufescens
0%
Whyte's BarbetStactolaema whytii
0%
Willcocks's HoneyguideIndicator willcocksi
0%
WilletTringa semipalmata
0%
Williamson's SapsuckerSphyrapicus thyroideus
0%
Wilson's PhalaropePhalaropus tricolor
0%
Wilson's PloverCharadrius wilsonia
0%
Wilson's SnipeGallinago delicata
0%
Wine-throated HummingbirdAtthis ellioti
0%
Wire-crested ThorntailDiscosura popelairii
0%
Wompoo Fruit-DovePtilinopus magnificus
0%
Wonga PigeonLeucosarcia melanoleuca
0%
Woodford's RailGallirallus woodfordi
0%
Woodland KingfisherHalcyon senegalensis
0%
Wood SandpiperTringa glareola
0%
Wood SnipeGallinago nemoricola
0%
Wreathed HornbillRhyticeros undulatus
0%
Wrinkled HornbillRhabdotorrhinus corrugatus
0%
Writhe-billed HornbillRhabdotorrhinus waldeni
0%
Writhed HornbillRhabdotorrhinus leucocephalus
0%
WrybillAnarhynchus frontalis
0%
Xantus's HummingbirdHylocharis xantusii
0%
Yelkouan ShearwaterPuffinus yelkouan
0%
Yellow-and-green LorikeetTrichoglossus flavoviridis
0%
Yellow-bellied SapsuckerSphyrapicus varius
0%
Yellow-bibbed Fruit-DovePtilinopus solomonensis
0%
Yellow-bibbed LoryLorius chlorocercus
0%
Yellow-billed BarbetTrachyphonus purpuratus
0%
Yellow-billed CuckooCoccyzus americanus
0%
Yellow-billed JacamarGalbula albirostris
0%
Yellow-billed KingfisherSyma torotoro
0%
Yellow-billed LorikeetNeopsittacus musschenbroekii
0%
Yellow-billed MalkohaRhamphococcyx calyorhynchus
0%
Yellow-billed NunbirdMonasa flavirostris
0%
Yellow-billed ParrotAmazona collaria
0%
Yellow-billed TernSternula superciliaris
0%
Yellow-billed TuracoTauraco macrorhynchus
0%
Yellow BitternIxobrychus sinensis
0%
Yellow-breasted BarbetTrachyphonus margaritatus
0%
Yellow-breasted CrakeHapalocrex flaviventer
0%
Yellow-breasted Fruit-DovePtilinopus occipitalis
0%
Yellow-breasted Racquet-tailPrioniturus flavicans
0%
Yellow-browed ToucanetAulacorhynchus huallagae
0%
Yellow-capped Pygmy-ParrotMicropsitta keiensis
0%
Yellow-casqued HornbillCeratogymna elata
0%
Yellow-chevroned ParakeetBrotogeris chiriri
0%
Yellow-collared LovebirdAgapornis personatus
0%
Yellow-collared MacawPrimolius auricollis
0%
Yellow-crested CockatooCacatua sulphurea
0%
Yellow-crowned BarbetPsilopogon henricii
0%
Yellow-crowned ParakeetCyanoramphus auriceps
0%
Yellow-crowned ParrotAmazona ochrocephala
0%
Yellow-crowned WoodpeckerLeiopicus mahrattensis
0%
Yellow-eared ParrotOgnorhynchus icterotis
0%
Yellow-eared ToucanetSelenidera spectabilis
0%
Yellow-eared WoodpeckerDryobates maculifrons
0%
Yellow-eyed PigeonColumba eversmanni
0%
Yellow-faced FlamebackChrysocolaptes xanthocephalus
0%
Yellow-faced ParrotAlipiopsitta xanthops
0%
Yellow-faced ParrotletForpus xanthops
0%
Yellow-footed Green-PigeonTreron phoenicopterus
0%
Yellow-footed GullLarus livens
0%
Yellow-footed HoneyguideMelignomon eisentrauti
0%
Yellow-fronted BarbetPsilopogon flavifrons
0%
Yellow-fronted ParrotPoicephalus flavifrons
0%
Yellow-fronted TinkerbirdPogoniulus chrysoconus
0%
Yellow-fronted WoodpeckerMelanerpes flavifrons
0%
Yellow-headed CaracaraMilvago chimachima
0%
Yellow-headed ParrotAmazona oratrix
0%
Yellowish Imperial-PigeonDucula subflavescens
0%
Yellow-legged BrushturkeyTalegalla fuscirostris
0%
Yellow-legged ButtonquailTurnix tanki
0%
Yellow-legged GullLarus michahellis
0%
Yellow-legged PigeonColumba pallidiceps
0%
Yellow-lored ParrotAmazona xantholora
0%
Yellow-naped ParrotAmazona auropalliata
0%
Yellow-necked FrancolinPternistis leucoscepus
0%
Yellow-nosed AlbatrossThalassarche chlororhynchos
0%
Yellow RailCoturnicops noveboracensis
0%
Yellow-rumped HoneyguideIndicator xanthonotus
0%
Yellow-rumped TinkerbirdPogoniulus bilineatus
0%
Yellow-shouldered ParrotAmazona barbadensis
0%
Yellow-spotted BarbetBuccanodon duchaillui
0%
Yellow-streaked LoryChalcopsitta scintillata
0%
Yellow-tailed Black-CockatooCalyptorhynchus funereus
0%
Yellow-throated CuckooChrysococcyx flavigularis
0%
Yellow-throated Hanging-ParrotLoriculus pusillus
0%
Yellow-throated SandgrousePterocles gutturalis
0%
Yellow-throated TinkerbirdPogoniulus subsulphureus
0%
Yellow-throated ToucanRamphastos ambiguus
0%
Yellow-throated WoodpeckerPiculus flavigula
0%
Yellow-tufted WoodpeckerMelanerpes cruentatus
0%
Yellow-vented Green-PigeonTreron seimundi
0%
Yellow-vented WoodpeckerDryobates dignus
0%
Yellow-wattled LapwingVanellus malabaricus
0%
Yucatan NightjarAntrostomus badius
0%
Yucatan PoorwillNyctiphrynus yucatanicus
0%
Yucatan WoodpeckerMelanerpes pygmaeus
0%
Yungas Pygmy-OwlGlaucidium bolivianum
0%
Zapata RailCyanolimnas cerverai
0%
Zebra DoveGeopelia striata
0%
Zenaida DoveZenaida aurita
0%
Zenker's HoneyguideMelignomon zenkeri
0%
Zigzag HeronZebrilus undulatus
0%
Zino's PetrelPterodroma madeira
0%
Zoe's Imperial-PigeonDucula zoeae
0%

Score Distribution

Percentile by Number Answered

Percent of People with Each Score

Your Score History

You have not taken this quiz